{"text_format":"3","workbook":"xlsx","n_sheets":4,"sheets":["Chart1","Sheet1","Estimate","Sheet2"],"not_rendered":{"charts":2,"images":1,"defined_names":1},"unopened":[{"sheet":"Chart1","index":0,"reason":"not_a_worksheet"}],"read":"whole","date_system":"1900"}

{"sheet":"Sheet1","index":1,"n_rows":0,"n_cols":0,"rows_kept":0,"hidden":true}

{"sheet":"Estimate","index":2,"n_rows":1098,"n_cols":10,"rows_kept":1098,"merged":[[0,7,0,9],[1,6,2,6],[1,7,2,9],[3,7,3,9],[14,4,17,8],[25,4,28,8],[39,4,42,8],[51,4,54,8],[64,4,67,8],[77,4,80,8],[90,4,93,8],[102,4,105,8],[117,4,120,8],[129,4,132,8],[143,4,146,8],[155,4,158,8],[168,4,171,8],[181,4,184,8],[187,4,190,8],[199,4,202,8],[212,4,215,8],[226,4,229,8],[240,4,243,8],[252,4,255,8],[264,4,267,8],[278,4,281,8],[290,4,293,8],[304,4,307,8],[310,4,313,8],[322,4,325,8],[335,4,338,8],[348,4,351,8],[359,4,362,8],[371,4,374,8],[382,4,385,8],[396,4,399,8],[409,4,412,8],[422,4,425,8],[428,4,431,8],[440,4,443,8],[453,4,456,8],[466,4,469,8],[480,4,483,8],[491,4,494,8],[503,4,506,8],[516,4,519,8],[522,4,525,8],[534,4,537,8],[547,4,550,8],[558,4,561,8],[572,4,575,8],[585,4,588,8],[591,4,594,8],[603,4,606,8],[616,4,619,8],[629,4,632,8],[643,4,646,8],[654,4,657,8],[666,4,669,8],[679,4,682,8],[685,4,688,8],[697,4,700,8],[710,4,713,8],[721,4,724,8],[735,4,738,8],[748,4,751,8],[754,4,757,8],[766,4,769,8],[779,4,782,8],[793,4,796,8],[804,4,807,8],[816,4,819,8],[829,4,832,8],[835,4,838,8],[847,4,850,8],[860,4,863,8],[871,4,874,8],[885,4,888,8],[898,4,901,8],[911,4,914,8],[925,4,928,8],[936,4,939,8],[948,4,951,8],[961,4,964,8],[967,4,970,8],[979,4,982,8],[992,4,995,8],[1003,4,1006,8],[1017,4,1020,8],[1030,4,1033,8],[1043,4,1046,8],[1065,4,1066,8],[1071,4,1072,8],[1077,4,1078,8],[1083,4,1084,8],[1089,4,1090,8]]}
["Nexa Estimating, LLC",{"$nulls":5},"PROJECT :"]
[{"$nulls":6},"ADDRESS : "]
["5900 Balcones Drive # 14421 St 100 Austin, TX, 78731"]
[{"$nulls":6},"DATE :"]
["SR #",null,"DESCRIPTION","QTY.","WASTAGE","QTY WITH\nWASTAGE","UNIT OF\nMEASURMENT","UNIT TOTAL COST","TOTAL ITEM\nCOST","TOTAL TRADE\nCOST"]
[]
[{"$f":"IF(F7<>\"\",1+MAX($A$6:A6),\"\")","v":""},"DIV.09","FINISHES",{"$nulls":6},{"$f":"SUM(I8:I1092)","v":{"v":1369167.3160000006,"d":"$1,369,167"}}]
[]
[{"$f":"IF(F9<>\"\",1+MAX($A$6:A8),\"\")","v":""},null,"Dry Walls"]
[null,null,""]
[{"$f":"IF(F11<>\"\",1+MAX($A$6:A10),\"\")","v":""},null,"Basement Floor"]
[{"$f":"IF(F12<>\"\",1+MAX($A$6:A11),\"\")","v":""},null,""]
[{"$f":"IF(F13<>\"\",1+MAX($A$6:A12),\"\")","v":""},null,"Wall Type 1B"]
[{"$f":"IF(F14<>\"\",1+MAX($A$6:A13),\"\")","v":1},null,"(1) Layer Of  5/8\" Gypsum Board On One Side",221,{"v":0.1,"d":"10%"},{"$f":"D14*(1+E14)","v":{"v":243.10000000000002,"d":"243"}},"SF",{"v":3.3,"d":"$3.3"},{"$f":"H14*F14","v":{"v":802.23,"d":"$802"}}]
[{"$f":"IF(F15<>\"\",1+MAX($A$6:A14),\"\")","v":""},null,"Dry Wall Screws(Ea.)",331.5]
[{"$f":"IF(F16<>\"\",1+MAX($A$6:A15),\"\")","v":""},null,"Tapping (Lf.)",96.6875]
[{"$f":"IF(F17<>\"\",1+MAX($A$6:A16),\"\")","v":""},null,"Adhesive (Ea.)",6.90625]
[{"$f":"IF(F18<>\"\",1+MAX($A$6:A17),\"\")","v":""},null,"Number Of Sheets (Size=4'X8')(Ea.)",6.90625]
[{"$f":"IF(F19<>\"\",1+MAX($A$6:A18),\"\")","v":""},null,""]
[{"$f":"IF(F20<>\"\",1+MAX($A$6:A19),\"\")","v":2},null,"6\" Metal Studs @ 16\" O.C",221,{"v":0.1,"d":"10%"},{"$f":"D20*(1+E20)","v":{"v":243.10000000000002,"d":"243"}},"SF",{"v":12.1,"d":"$12.1"},{"$f":"H20*F20","v":{"v":2941.51,"d":"$2,942"}}]
[{"$f":"IF(F21<>\"\",1+MAX($A$6:A20),\"\")","v":3},null,"6\" Metal Runner",54,{"v":0.1,"d":"10%"},{"v":59.400000000000006,"d":"59"},"LF",{"v":16.2,"d":"$16.2"},{"v":962.2800000000001,"d":"$962"}]
[{"$f":"IF(F22<>\"\",1+MAX($A$6:A21),\"\")","v":4},null,"Continuous Fire stopping Sealant",54,{"v":0.1,"d":"10%"},{"v":59.400000000000006,"d":"59"},"LF",{"v":1.89,"d":"$1.9"},{"v":112.266,"d":"$112"}]
[{"$f":"IF(F23<>\"\",1+MAX($A$6:A22),\"\")","v":""},null,""]
[{"$f":"IF(F24<>\"\",1+MAX($A$6:A23),\"\")","v":""},null,"Wall Type 2"]
[{"$f":"IF(F25<>\"\",1+MAX($A$6:A24),\"\")","v":5},null,"(1) Layer Of  5/8\" Fire code \"C\" Gypsum Board On Each Side",1030,{"v":0.1,"d":"10%"},{"$f":"D25*(1+E25)","v":1133},"SF",{"v":3.4,"d":"$3.4"},{"$f":"H25*F25","v":{"v":3852.2,"d":"$3,852"}}]
[{"$f":"IF(F26<>\"\",1+MAX($A$6:A25),\"\")","v":""},null,"Dry Wall Screws(Ea.)",1545]
[{"$f":"IF(F27<>\"\",1+MAX($A$6:A26),\"\")","v":""},null,"Tapping (Lf.)",450.625]
[{"$f":"IF(F28<>\"\",1+MAX($A$6:A27),\"\")","v":""},null,"Adhesive (Ea.)",32.1875]
[{"$f":"IF(F29<>\"\",1+MAX($A$6:A28),\"\")","v":""},null,"Number Of Sheets (Size=4'X8')(Ea.)",32.1875]
[{"$f":"IF(F30<>\"\",1+MAX($A$6:A29),\"\")","v":""},null,""]
[{"$f":"IF(F31<>\"\",1+MAX($A$6:A30),\"\")","v":6},null,"3\" Thermafiber Safb",515,{"v":0.1,"d":"10%"},{"$f":"D31*(1+E31)","v":{"v":566.5,"d":"567"}},"SF",{"v":2.3,"d":"$2.3"},{"$f":"H31*F31","v":{"v":1302.9499999999998,"d":"$1,303"}}]
[{"$f":"IF(F32<>\"\",1+MAX($A$6:A31),\"\")","v":7},null,"1/2\" 25 Ga Resilient Furring Channel (Rc-1) @ 24\" O.C Max Installed Horizontally",515,{"v":0.1,"d":"10%"},{"v":566.5,"d":"567"},"SF",{"v":2.2,"d":"$2.2"},{"v":1246.3000000000002,"d":"$1,246"}]
[{"$f":"IF(F33<>\"\",1+MAX($A$6:A32),\"\")","v":8},null,"2\"X6\" Wood Studs @ 16\" O.C",515,{"v":0.1,"d":"10%"},{"v":566.5,"d":"567"},"SF",{"v":2.7,"d":"$2.7"},{"v":1529.5500000000002,"d":"$1,530"}]
[{"$f":"IF(F34<>\"\",1+MAX($A$6:A33),\"\")","v":9},null,"2\"X6\" Wood Top Runner",124,{"v":0.1,"d":"10%"},{"v":136.4,"d":"136"},"LF",{"v":3.8,"d":"$3.8"},{"v":518.32,"d":"$518"}]
[{"$f":"IF(F35<>\"\",1+MAX($A$6:A34),\"\")","v":10},null,"2\"X6\" Wood Bottom Runner",62,{"v":0.1,"d":"10%"},{"v":68.2,"d":"68"},"LF",{"v":3.8,"d":"$3.8"},{"v":259.16,"d":"$259"}]
[{"$f":"IF(F36<>\"\",1+MAX($A$6:A35),\"\")","v":11},null,"Continuous Fire stopping Sealant",248,{"v":0.1,"d":"10%"},{"v":272.8,"d":"273"},"LF",{"v":1.9,"d":"$1.9"},{"v":518.32,"d":"$518"}]
[{"$f":"IF(F37<>\"\",1+MAX($A$6:A36),\"\")","v":""},null,""]
[{"$f":"IF(F38<>\"\",1+MAX($A$6:A37),\"\")","v":""},null,"Wall Type 2A"]
[{"$f":"IF(F39<>\"\",1+MAX($A$6:A38),\"\")","v":12},null,"(1) Layer Of  5/8\" Type \"X\" Gypsum Board On Each Side",2732,{"v":0.1,"d":"10%"},{"$f":"D39*(1+E39)","v":{"v":3005.2000000000003,"d":"3005"}},"SF",{"v":3.3,"d":"$3.3"},{"$f":"H39*F39","v":{"v":9917.16,"d":"$9,917"}}]
[{"$f":"IF(F40<>\"\",1+MAX($A$6:A39),\"\")","v":""},null,"Dry Wall Screws(Ea.)",4098]
[{"$f":"IF(F41<>\"\",1+MAX($A$6:A40),\"\")","v":""},null,"Tapping (Lf.)",1195.25]
[{"$f":"IF(F42<>\"\",1+MAX($A$6:A41),\"\")","v":""},null,"Adhesive (Ea.)",85.375]
[{"$f":"IF(F43<>\"\",1+MAX($A$6:A42),\"\")","v":""},null,"Number Of Sheets (Size=4'X8')(Ea.)",85.375]
[{"$f":"IF(F44<>\"\",1+MAX($A$6:A43),\"\")","v":""},null,""]
[{"$f":"IF(F45<>\"\",1+MAX($A$6:A44),\"\")","v":13},null,"2\"X6\" Wood Studs @ 16\" O.C",1366,{"v":0.1,"d":"10%"},{"$f":"D45*(1+E45)","v":{"v":1502.6000000000001,"d":"1503"}},"SF",{"v":2.7,"d":"$2.7"},{"$f":"H45*F45","v":{"v":4057.0200000000004,"d":"$4,057"}}]
[{"$f":"IF(F46<>\"\",1+MAX($A$6:A45),\"\")","v":14},null,"2\"X6\" Wood Top Runner",370,{"v":0.1,"d":"10%"},{"v":407.00000000000006,"d":"407"},"LF",{"v":3.8,"d":"$3.8"},{"v":1546.6000000000001,"d":"$1,547"}]
[{"$f":"IF(F47<>\"\",1+MAX($A$6:A46),\"\")","v":15},null,"2\"X6\" Wood Bottom Runner",185,{"v":0.1,"d":"10%"},{"v":203.50000000000003,"d":"204"},"LF",{"v":3.8,"d":"$3.8"},{"v":773.3000000000001,"d":"$773"}]
[{"$f":"IF(F48<>\"\",1+MAX($A$6:A47),\"\")","v":16},null,"Continuous Fire stopping Sealant",740,{"v":0.1,"d":"10%"},{"v":814.0000000000001,"d":"814"},"LF",{"v":1.9,"d":"$1.9"},{"v":1546.6000000000001,"d":"$1,547"}]
[{"$f":"IF(F49<>\"\",1+MAX($A$6:A48),\"\")","v":""},null,""]
[{"$f":"IF(F50<>\"\",1+MAX($A$6:A49),\"\")","v":""},null,"Wall Type 3"]
[{"$f":"IF(F51<>\"\",1+MAX($A$6:A50),\"\")","v":17},null,"(2) Layer Of  5/8\" Fire code \"C\" Gypsum Board On Each Side",1076,{"v":0.1,"d":"10%"},{"$f":"D51*(1+E51)","v":{"v":1183.6000000000001,"d":"1184"}},"SF",{"v":3.4,"d":"$3.4"},{"$f":"H51*F51","v":{"v":4024.2400000000002,"d":"$4,024"}}]
[{"$f":"IF(F52<>\"\",1+MAX($A$6:A51),\"\")","v":""},null,"Dry Wall Screws(Ea.)",1614]
[{"$f":"IF(F53<>\"\",1+MAX($A$6:A52),\"\")","v":""},null,"Tapping (Lf.)",470.75]
[{"$f":"IF(F54<>\"\",1+MAX($A$6:A53),\"\")","v":""},null,"Adhesive (Ea.)",33.625]
[{"$f":"IF(F55<>\"\",1+MAX($A$6:A54),\"\")","v":""},null,"Number Of Sheets (Size=4'X8')(Ea.)",33.625]
[{"$f":"IF(F56<>\"\",1+MAX($A$6:A55),\"\")","v":""},null,""]
[{"$f":"IF(F57<>\"\",1+MAX($A$6:A56),\"\")","v":18},null,"3\" Mineral Fiber Insulation",269,{"v":0.1,"d":"10%"},{"$f":"D57*(1+E57)","v":{"v":295.90000000000003,"d":"296"}},"SF",{"v":2.5,"d":"$2.5"},{"$f":"H57*F57","v":{"v":739.7500000000001,"d":"$740"}}]
[{"$f":"IF(F58<>\"\",1+MAX($A$6:A57),\"\")","v":19},null,"2\"X4\" Wood Studs @ 16\" O.C",269,{"v":0.1,"d":"10%"},{"v":295.90000000000003,"d":"296"},"SF",{"v":2.5,"d":"$2.5"},{"v":739.7500000000001,"d":"$740"}]
[{"$f":"IF(F59<>\"\",1+MAX($A$6:A58),\"\")","v":20},null,"2\"X4\" Wood Top Runner",70,{"v":0.1,"d":"10%"},77,"LF",{"v":3.4,"d":"$3.4"},{"v":261.8,"d":"$262"}]
[{"$f":"IF(F60<>\"\",1+MAX($A$6:A59),\"\")","v":21},null,"2\"X4\" Wood Bottom Runner",35,{"v":0.1,"d":"10%"},{"v":38.5,"d":"39"},"LF",{"v":3.4,"d":"$3.4"},{"v":130.9,"d":"$131"}]
[{"$f":"IF(F61<>\"\",1+MAX($A$6:A60),\"\")","v":22},null,"Continuous Fire stopping Sealant",140,{"v":0.1,"d":"10%"},154,"LF",{"v":1.9,"d":"$1.9"},{"v":292.59999999999997,"d":"$293"}]
[{"$f":"IF(F62<>\"\",1+MAX($A$6:A61),\"\")","v":""},null,""]
[{"$f":"IF(F63<>\"\",1+MAX($A$6:A62),\"\")","v":""},null,"Wall Type 3A"]
[{"$f":"IF(F64<>\"\",1+MAX($A$6:A63),\"\")","v":23},null,"(2) Layer Of  5/8\" Fire code \"C\" Gypsum Board On Each Side",1420,{"v":0.1,"d":"10%"},{"$f":"D64*(1+E64)","v":{"v":1562.0000000000002,"d":"1562"}},"SF",{"v":3.4,"d":"$3.4"},{"$f":"H64*F64","v":{"v":5310.8,"d":"$5,311"}}]
[{"$f":"IF(F65<>\"\",1+MAX($A$6:A64),\"\")","v":""},null,"Dry Wall Screws(Ea.)",2130]
[{"$f":"IF(F66<>\"\",1+MAX($A$6:A65),\"\")","v":""},null,"Tapping (Lf.)",621.25]
[{"$f":"IF(F67<>\"\",1+MAX($A$6:A66),\"\")","v":""},null,"Adhesive (Ea.)",44.375]
[{"$f":"IF(F68<>\"\",1+MAX($A$6:A67),\"\")","v":""},null,"Number Of Sheets (Size=4'X8')(Ea.)",44.375]
[{"$f":"IF(F69<>\"\",1+MAX($A$6:A68),\"\")","v":""},null,""]
[{"$f":"IF(F70<>\"\",1+MAX($A$6:A69),\"\")","v":24},null,"3\" Mineral Fiber Insulation",355,{"v":0.1,"d":"10%"},{"$f":"D70*(1+E70)","v":{"v":390.50000000000006,"d":"391"}},"SF",{"v":2.5,"d":"$2.5"},{"$f":"H70*F70","v":{"v":976.2500000000001,"d":"$976"}}]
[{"$f":"IF(F71<>\"\",1+MAX($A$6:A70),\"\")","v":25},null,"2\"X6\" Wood Studs @ 16\" O.C",355,{"v":0.1,"d":"10%"},{"v":390.50000000000006,"d":"391"},"SF",{"v":2.7,"d":"$2.7"},{"v":1054.3500000000001,"d":"$1,054"}]
[{"$f":"IF(F72<>\"\",1+MAX($A$6:A71),\"\")","v":26},null,"2\"X6\" Wood Top Runner",72,{"v":0.1,"d":"10%"},{"v":79.2,"d":"79"},"LF",{"v":3.8,"d":"$3.8"},{"v":300.96,"d":"$301"}]
[{"$f":"IF(F73<>\"\",1+MAX($A$6:A72),\"\")","v":27},null,"2\"X6\" Wood Bottom Runner",36,{"v":0.1,"d":"10%"},{"v":39.6,"d":"40"},"LF",{"v":3.8,"d":"$3.8"},{"v":150.48,"d":"$150"}]
[{"$f":"IF(F74<>\"\",1+MAX($A$6:A73),\"\")","v":28},null,"Continuous Fire stopping Sealant",144,{"v":0.1,"d":"10%"},{"v":158.4,"d":"158"},"LF",{"v":1.9,"d":"$1.9"},{"v":300.96,"d":"$301"}]
[{"$f":"IF(F75<>\"\",1+MAX($A$6:A74),\"\")","v":""},null,""]
[{"$f":"IF(F76<>\"\",1+MAX($A$6:A75),\"\")","v":""},null,"Wall Type 5"]
[{"$f":"IF(F77<>\"\",1+MAX($A$6:A76),\"\")","v":29},null,"(1) Layer Of  1/2\" Moisture Resistant Gypsum Board On One Side",108,{"v":0.1,"d":"10%"},{"$f":"D77*(1+E77)","v":{"v":118.80000000000001,"d":"119"}},"SF",{"v":3.4,"d":"$3.4"},{"$f":"H77*F77","v":{"v":403.92,"d":"$404"}}]
[{"$f":"IF(F78<>\"\",1+MAX($A$6:A77),\"\")","v":""},null,"Dry Wall Screws(Ea.)",162]
[{"$f":"IF(F79<>\"\",1+MAX($A$6:A78),\"\")","v":""},null,"Tapping (Lf.)",47.25]
[{"$f":"IF(F80<>\"\",1+MAX($A$6:A79),\"\")","v":""},null,"Adhesive (Ea.)",3.375]
[{"$f":"IF(F81<>\"\",1+MAX($A$6:A80),\"\")","v":""},null,"Number Of Sheets (Size=4'X8')(Ea.)",3.375]
[{"$f":"IF(F82<>\"\",1+MAX($A$6:A81),\"\")","v":""},null,""]
[{"$f":"IF(F83<>\"\",1+MAX($A$6:A82),\"\")","v":30},null,"3-1/2\" Fiberglass Sound Attenuation Blanket",108,{"v":0.1,"d":"10%"},{"$f":"D83*(1+E83)","v":{"v":118.80000000000001,"d":"119"}},"SF",{"v":2.6,"d":"$2.6"},{"$f":"H83*F83","v":{"v":308.88000000000005,"d":"$309"}}]
[{"$f":"IF(F84<>\"\",1+MAX($A$6:A83),\"\")","v":31},null,"2\"X4\" Wood Studs @ 16\" O.C",108,{"v":0.1,"d":"10%"},{"v":118.80000000000001,"d":"119"},"SF",{"v":2.5,"d":"$2.5"},{"v":297,"d":"$297"}]
[{"$f":"IF(F85<>\"\",1+MAX($A$6:A84),\"\")","v":32},null,"2\"X4\" Wood Top Runner",26,{"v":0.1,"d":"10%"},{"v":28.6,"d":"29"},"LF",{"v":3.4,"d":"$3.4"},{"v":97.24000000000001,"d":"$97"}]
[{"$f":"IF(F86<>\"\",1+MAX($A$6:A85),\"\")","v":33},null,"2\"X4\" Wood Bottom Runner",13,{"v":0.1,"d":"10%"},{"v":14.3,"d":"14"},"LF",{"v":3.4,"d":"$3.4"},{"v":48.620000000000005,"d":"$49"}]
[{"$f":"IF(F87<>\"\",1+MAX($A$6:A86),\"\")","v":34},null,"Continuous Fire stopping Sealant",26,{"v":0.1,"d":"10%"},{"v":28.6,"d":"29"},"LF",{"v":1.9,"d":"$1.9"},{"v":54.34,"d":"$54"}]
[{"$f":"IF(F88<>\"\",1+MAX($A$6:A87),\"\")","v":""},null,""]
[{"$f":"IF(F89<>\"\",1+MAX($A$6:A88),\"\")","v":""},null,"Wall Type 6A"]
[{"$f":"IF(F90<>\"\",1+MAX($A$6:A89),\"\")","v":35},null,"(1) Layer Of  1/2\" Moisture Resistant Gypsum Board On One Side",637,{"v":0.1,"d":"10%"},{"$f":"D90*(1+E90)","v":{"v":700.7,"d":"701"}},"SF",{"v":3.4,"d":"$3.4"},{"$f":"H90*F90","v":{"v":2382.38,"d":"$2,382"}}]
[{"$f":"IF(F91<>\"\",1+MAX($A$6:A90),\"\")","v":""},null,"Dry Wall Screws(Ea.)",955.5]
[{"$f":"IF(F92<>\"\",1+MAX($A$6:A91),\"\")","v":""},null,"Tapping (Lf.)",278.6875]
[{"$f":"IF(F93<>\"\",1+MAX($A$6:A92),\"\")","v":""},null,"Adhesive (Ea.)",19.90625]
[{"$f":"IF(F94<>\"\",1+MAX($A$6:A93),\"\")","v":""},null,"Number Of Sheets (Size=4'X8')(Ea.)",19.90625]
[{"$f":"IF(F95<>\"\",1+MAX($A$6:A94),\"\")","v":""},null,""]
[{"$f":"IF(F96<>\"\",1+MAX($A$6:A95),\"\")","v":36},null,"2\"X4\" Wood Studs @ 16\" O.C",637,{"v":0.1,"d":"10%"},{"$f":"D96*(1+E96)","v":{"v":700.7,"d":"701"}},"SF",{"v":2.5,"d":"$2.5"},{"$f":"H96*F96","v":{"v":1751.75,"d":"$1,752"}}]
[{"$f":"IF(F97<>\"\",1+MAX($A$6:A96),\"\")","v":37},null,"2\"X4\" Wood Top Runner",152,{"v":0.1,"d":"10%"},{"v":167.20000000000002,"d":"167"},"LF",{"v":3.4,"d":"$3.4"},{"v":568.48,"d":"$568"}]
[{"$f":"IF(F98<>\"\",1+MAX($A$6:A97),\"\")","v":38},null,"2\"X4\" Wood Bottom Runner",76,{"v":0.1,"d":"10%"},{"v":83.60000000000001,"d":"84"},"LF",{"v":3.4,"d":"$3.4"},{"v":284.24,"d":"$284"}]
[{"$f":"IF(F99<>\"\",1+MAX($A$6:A98),\"\")","v":39},null,"Continuous Fire stopping Sealant",152,{"v":0.1,"d":"10%"},{"v":167.20000000000002,"d":"167"},"LF",{"v":1.9,"d":"$1.9"},{"v":317.68,"d":"$318"}]
[{"$f":"IF(F100<>\"\",1+MAX($A$6:A99),\"\")","v":""},null,""]
[{"$f":"IF(F101<>\"\",1+MAX($A$6:A100),\"\")","v":""},null,"Wall Type 6D"]
[{"$f":"IF(F102<>\"\",1+MAX($A$6:A101),\"\")","v":40},null,"(1) Layer Of  5/8\" Type \"X\" Gypsum Board On One Side",436,{"v":0.1,"d":"10%"},{"$f":"D102*(1+E102)","v":{"v":479.6,"d":"480"}},"SF",{"v":3.3,"d":"$3.3"},{"$f":"H102*F102","v":{"v":1582.68,"d":"$1,583"}}]
[{"$f":"IF(F103<>\"\",1+MAX($A$6:A102),\"\")","v":""},null,"Dry Wall Screws(Ea.)",654]
[{"$f":"IF(F104<>\"\",1+MAX($A$6:A103),\"\")","v":""},null,"Tapping (Lf.)",190.75]
[{"$f":"IF(F105<>\"\",1+MAX($A$6:A104),\"\")","v":""},null,"Adhesive (Ea.)",13.625]
[{"$f":"IF(F106<>\"\",1+MAX($A$6:A105),\"\")","v":""},null,"Number Of Sheets (Size=4'X8')(Ea.)",13.625]
[{"$f":"IF(F107<>\"\",1+MAX($A$6:A106),\"\")","v":""},null,""]
[{"$f":"IF(F108<>\"\",1+MAX($A$6:A107),\"\")","v":41},null,"Vapor Barrier",436,{"v":0.1,"d":"10%"},{"$f":"D108*(1+E108)","v":{"v":479.6,"d":"480"}},"SF",{"v":1.1,"d":"$1.1"},{"$f":"H108*F108","v":{"v":527.5600000000001,"d":"$528"}}]
[{"$f":"IF(F109<>\"\",1+MAX($A$6:A108),\"\")","v":42},null,"3\" Thick (R-15 Mold Resistant Rigid Insulation",436,{"v":0.1,"d":"10%"},{"v":479.6,"d":"480"},"SF",{"v":2.4,"d":"$2.4"},{"v":1151.04,"d":"$1,151"}]
[{"$f":"IF(F110<>\"\",1+MAX($A$6:A109),\"\")","v":43},null,"3-5/8\" Galvanized 20 Guage Metal Studs @ 16\" O.C",436,{"v":0.1,"d":"10%"},{"v":479.6,"d":"480"},"SF",{"v":8.7,"d":"$8.7"},{"v":4172.5199999999995,"d":"$4,173"}]
[{"$f":"IF(F111<>\"\",1+MAX($A$6:A110),\"\")","v":44},null,"3-5/8\" Galvanized 20 Guage Metal  Runner",104,{"v":0.1,"d":"10%"},{"v":114.4,"d":"114"},"LF",{"v":14.3,"d":"$14.3"},{"v":1635.92,"d":"$1,636"}]
[{"$f":"IF(F112<>\"\",1+MAX($A$6:A111),\"\")","v":45},null,"Continuous Fire stopping Sealant",104,{"v":0.1,"d":"10%"},{"v":114.4,"d":"114"},"LF",{"v":1.9,"d":"$1.9"},{"v":217.36,"d":"$217"}]
[{"$f":"IF(F113<>\"\",1+MAX($A$6:A112),\"\")","v":""},null,""]
[{"$f":"IF(F114<>\"\",1+MAX($A$6:A113),\"\")","v":""},null,"First Floor"]
[{"$f":"IF(F115<>\"\",1+MAX($A$6:A114),\"\")","v":""},null,""]
[{"$f":"IF(F116<>\"\",1+MAX($A$6:A115),\"\")","v":""},null,"Wall Type 1"]
[{"$f":"IF(F117<>\"\",1+MAX($A$6:A116),\"\")","v":46},null,"(1) Layer Of  1/2\" Gypsum Board On Each Side",2220,{"v":0.1,"d":"10%"},{"$f":"D117*(1+E117)","v":2442},"SF",{"v":3.3,"d":"$3.3"},{"$f":"H117*F117","v":{"v":8058.599999999999,"d":"$8,059"}}]
[{"$f":"IF(F118<>\"\",1+MAX($A$6:A117),\"\")","v":""},null,"Dry Wall Screws(Ea.)",3330]
[{"$f":"IF(F119<>\"\",1+MAX($A$6:A118),\"\")","v":""},null,"Tapping (Lf.)",971.25]
[{"$f":"IF(F120<>\"\",1+MAX($A$6:A119),\"\")","v":""},null,"Adhesive (Ea.)",69.375]
[{"$f":"IF(F121<>\"\",1+MAX($A$6:A120),\"\")","v":""},null,"Number Of Sheets (Size=4'X8')(Ea.)",69.375]
[{"$f":"IF(F122<>\"\",1+MAX($A$6:A121),\"\")","v":""},null,""]
[{"$f":"IF(F123<>\"\",1+MAX($A$6:A122),\"\")","v":47},null,"2\"X4\" Wood Studs @ 16\" O.C",1110,{"v":0.1,"d":"10%"},{"$f":"D123*(1+E123)","v":1221},"SF",{"v":2.5,"d":"$2.5"},{"$f":"H123*F123","v":{"v":3052.5,"d":"$3,053"}}]
[{"$f":"IF(F124<>\"\",1+MAX($A$6:A123),\"\")","v":48},null,"2\"X4\" Wood Top Runner",164,{"v":0.1,"d":"10%"},{"v":180.4,"d":"180"},"LF",{"v":3.4,"d":"$3.4"},{"v":613.36,"d":"$613"}]
[{"$f":"IF(F125<>\"\",1+MAX($A$6:A124),\"\")","v":49},null,"2\"X4\" Wood Bottom Runner",82,{"v":0.1,"d":"10%"},{"v":90.2,"d":"90"},"LF",{"v":3.4,"d":"$3.4"},{"v":306.68,"d":"$307"}]
[{"$f":"IF(F126<>\"\",1+MAX($A$6:A125),\"\")","v":50},null,"Acoustical Sealant",328,{"v":0.1,"d":"10%"},{"v":360.8,"d":"361"},"LF",{"v":1.9,"d":"$1.9"},{"v":685.52,"d":"$686"}]
[{"$f":"IF(F127<>\"\",1+MAX($A$6:A126),\"\")","v":""},null,""]
[{"$f":"IF(F128<>\"\",1+MAX($A$6:A127),\"\")","v":""},null,"Wall Type 2"]
[{"$f":"IF(F129<>\"\",1+MAX($A$6:A128),\"\")","v":51},null,"(1) Layer Of  5/8\" Fire code \"C\" Gypsum Board On Each Side",1932,{"v":0.1,"d":"10%"},{"$f":"D129*(1+E129)","v":{"v":2125.2000000000003,"d":"2125"}},"SF",{"v":3.4,"d":"$3.4"},{"$f":"H129*F129","v":{"v":7225.68,"d":"$7,226"}}]
[{"$f":"IF(F130<>\"\",1+MAX($A$6:A129),\"\")","v":""},null,"Dry Wall Screws(Ea.)",2898]
[{"$f":"IF(F131<>\"\",1+MAX($A$6:A130),\"\")","v":""},null,"Tapping (Lf.)",845.25]
[{"$f":"IF(F132<>\"\",1+MAX($A$6:A131),\"\")","v":""},null,"Adhesive (Ea.)",60.375]
[{"$f":"IF(F133<>\"\",1+MAX($A$6:A132),\"\")","v":""},null,"Number Of Sheets (Size=4'X8')(Ea.)",60.375]
[{"$f":"IF(F134<>\"\",1+MAX($A$6:A133),\"\")","v":""},null,""]
[{"$f":"IF(F135<>\"\",1+MAX($A$6:A134),\"\")","v":52},null,"3\" Thermafiber Safb",966,{"v":0.1,"d":"10%"},{"$f":"D135*(1+E135)","v":{"v":1062.6000000000001,"d":"1063"}},"SF",{"v":2.5,"d":"$2.5"},{"$f":"H135*F135","v":{"v":2656.5000000000005,"d":"$2,657"}}]
[{"$f":"IF(F136<>\"\",1+MAX($A$6:A135),\"\")","v":53},null,"1/2\" 25 Ga Resilient Furring Channel (Rc-1) @ 24\" O.C Max Installed Horizontally",966,{"v":0.1,"d":"10%"},{"v":1062.6000000000001,"d":"1063"},"SF",{"v":3.4,"d":"$3.4"},{"v":3612.84,"d":"$3,613"}]
[{"$f":"IF(F137<>\"\",1+MAX($A$6:A136),\"\")","v":54},null,"2\"X6\" Wood Studs @ 16\" O.C",966,{"v":0.1,"d":"10%"},{"v":1062.6000000000001,"d":"1063"},"SF",{"v":2.7,"d":"$2.7"},{"v":2869.0200000000004,"d":"$2,869"}]
[{"$f":"IF(F138<>\"\",1+MAX($A$6:A137),\"\")","v":55},null,"2\"X6\" Wood Top Runner",132,{"v":0.1,"d":"10%"},{"v":145.20000000000002,"d":"145"},"LF",{"v":3.8,"d":"$3.8"},{"v":551.76,"d":"$552"}]
[{"$f":"IF(F139<>\"\",1+MAX($A$6:A138),\"\")","v":56},null,"2\"X6\" Wood Bottom Runner",66,{"v":0.1,"d":"10%"},{"v":72.60000000000001,"d":"73"},"LF",{"v":3.8,"d":"$3.8"},{"v":275.88,"d":"$276"}]
[{"$f":"IF(F140<>\"\",1+MAX($A$6:A139),\"\")","v":57},null,"Continuous Fire stopping Sealant",264,{"v":0.1,"d":"10%"},{"v":290.40000000000003,"d":"290"},"LF",{"v":1.9,"d":"$1.9"},{"v":551.76,"d":"$552"}]
[{"$f":"IF(F141<>\"\",1+MAX($A$6:A140),\"\")","v":""},null,""]
[{"$f":"IF(F142<>\"\",1+MAX($A$6:A141),\"\")","v":""},null,"Wall Type 2A"]
[{"$f":"IF(F143<>\"\",1+MAX($A$6:A142),\"\")","v":58},null,"(1) Layer Of  5/8\" Type \"X\" Gypsum Board On Each Side",1932,{"v":0.1,"d":"10%"},{"$f":"D143*(1+E143)","v":{"v":2125.2000000000003,"d":"2125"}},"SF",{"v":3.3,"d":"$3.3"},{"$f":"H143*F143","v":{"v":7013.160000000001,"d":"$7,013"}}]
[{"$f":"IF(F144<>\"\",1+MAX($A$6:A143),\"\")","v":""},null,"Dry Wall Screws(Ea.)",2898]
[{"$f":"IF(F145<>\"\",1+MAX($A$6:A144),\"\")","v":""},null,"Tapping (Lf.)",845.25]
[{"$f":"IF(F146<>\"\",1+MAX($A$6:A145),\"\")","v":""},null,"Adhesive (Ea.)",60.375]
[{"$f":"IF(F147<>\"\",1+MAX($A$6:A146),\"\")","v":""},null,"Number Of Sheets (Size=4'X8')(Ea.)",60.375]
[{"$f":"IF(F148<>\"\",1+MAX($A$6:A147),\"\")","v":""},null,""]
[{"$f":"IF(F149<>\"\",1+MAX($A$6:A148),\"\")","v":59},null,"2\"X6\" Wood Studs @ 16\" O.C",966,{"v":0.1,"d":"10%"},{"$f":"D149*(1+E149)","v":{"v":1062.6000000000001,"d":"1063"}},"SF",{"v":2.7,"d":"$2.7"},{"$f":"H149*F149","v":{"v":2869.0200000000004,"d":"$2,869"}}]
[{"$f":"IF(F150<>\"\",1+MAX($A$6:A149),\"\")","v":60},null,"2\"X6\" Wood Top Runner",132,{"v":0.1,"d":"10%"},{"v":145.20000000000002,"d":"145"},"LF",{"v":3.8,"d":"$3.8"},{"v":551.76,"d":"$552"}]
[{"$f":"IF(F151<>\"\",1+MAX($A$6:A150),\"\")","v":61},null,"2\"X6\" Wood Bottom Runner",132,{"v":0.1,"d":"10%"},{"v":145.20000000000002,"d":"145"},"LF",{"v":3.8,"d":"$3.8"},{"v":551.76,"d":"$552"}]
[{"$f":"IF(F152<>\"\",1+MAX($A$6:A151),\"\")","v":62},null,"Continuous Fire stopping Sealant",264,{"v":0.1,"d":"10%"},{"v":290.40000000000003,"d":"290"},"LF",{"v":1.9,"d":"$1.9"},{"v":551.76,"d":"$552"}]
[{"$f":"IF(F153<>\"\",1+MAX($A$6:A152),\"\")","v":""},null,""]
[{"$f":"IF(F154<>\"\",1+MAX($A$6:A153),\"\")","v":""},null,"Wall Type 3"]
[{"$f":"IF(F155<>\"\",1+MAX($A$6:A154),\"\")","v":63},null,"(2) Layer Of  5/8\" Fire code \"C\" Gypsum Board On Each Side",1180,{"v":0.1,"d":"10%"},{"$f":"D155*(1+E155)","v":1298},"SF",{"v":3.4,"d":"$3.4"},{"$f":"H155*F155","v":{"v":4413.2,"d":"$4,413"}}]
[{"$f":"IF(F156<>\"\",1+MAX($A$6:A155),\"\")","v":""},null,"Dry Wall Screws(Ea.)",1770]
[{"$f":"IF(F157<>\"\",1+MAX($A$6:A156),\"\")","v":""},null,"Tapping (Lf.)",516.25]
[{"$f":"IF(F158<>\"\",1+MAX($A$6:A157),\"\")","v":""},null,"Adhesive (Ea.)",36.875]
[{"$f":"IF(F159<>\"\",1+MAX($A$6:A158),\"\")","v":""},null,"Number Of Sheets (Size=4'X8')(Ea.)",36.875]
[{"$f":"IF(F160<>\"\",1+MAX($A$6:A159),\"\")","v":""},null,""]
[{"$f":"IF(F161<>\"\",1+MAX($A$6:A160),\"\")","v":64},null,"3\" Mineral Fiber Insulation",295,{"v":0.1,"d":"10%"},{"$f":"D161*(1+E161)","v":{"v":324.5,"d":"325"}},"SF",{"v":2.5,"d":"$2.5"},{"$f":"H161*F161","v":{"v":811.25,"d":"$811"}}]
[{"$f":"IF(F162<>\"\",1+MAX($A$6:A161),\"\")","v":65},null,"2\"X4\" Wood Studs @ 16\" O.C",295,{"v":0.1,"d":"10%"},{"v":324.5,"d":"325"},"SF",{"v":2.5,"d":"$2.5"},{"v":811.25,"d":"$811"}]
[{"$f":"IF(F163<>\"\",1+MAX($A$6:A162),\"\")","v":66},null,"2\"X4\" Wood Top Runner",42,{"v":0.1,"d":"10%"},{"v":46.2,"d":"46"},"LF",{"v":3.4,"d":"$3.4"},{"v":157.08,"d":"$157"}]
[{"$f":"IF(F164<>\"\",1+MAX($A$6:A163),\"\")","v":67},null,"2\"X4\" Wood Bottom Runner",42,{"v":0.1,"d":"10%"},{"v":46.2,"d":"46"},"LF",{"v":3.4,"d":"$3.4"},{"v":157.08,"d":"$157"}]
[{"$f":"IF(F165<>\"\",1+MAX($A$6:A164),\"\")","v":68},null,"Continuous Fire stopping Sealant",84,{"v":0.1,"d":"10%"},{"v":92.4,"d":"92"},"LF",{"v":1.9,"d":"$1.9"},{"v":175.56,"d":"$176"}]
[{"$f":"IF(F166<>\"\",1+MAX($A$6:A165),\"\")","v":""},null,""]
[{"$f":"IF(F167<>\"\",1+MAX($A$6:A166),\"\")","v":""},null,"Wall Type 3A"]
[{"$f":"IF(F168<>\"\",1+MAX($A$6:A167),\"\")","v":69},null,"(2) Layer Of  5/8\" Fire code \"C\" Gypsum Board On Each Side",2736,{"v":0.1,"d":"10%"},{"$f":"D168*(1+E168)","v":{"v":3009.6000000000004,"d":"3010"}},"SF",{"v":3.4,"d":"$3.4"},{"$f":"H168*F168","v":{"v":10232.640000000001,"d":"$10,233"}}]
[{"$f":"IF(F169<>\"\",1+MAX($A$6:A168),\"\")","v":""},null,"Dry Wall Screws(Ea.)",4104]
[{"$f":"IF(F170<>\"\",1+MAX($A$6:A169),\"\")","v":""},null,"Tapping (Lf.)",1197]
[{"$f":"IF(F171<>\"\",1+MAX($A$6:A170),\"\")","v":""},null,"Adhesive (Ea.)",85.5]
[{"$f":"IF(F172<>\"\",1+MAX($A$6:A171),\"\")","v":""},null,"Number Of Sheets (Size=4'X8')(Ea.)",85.5]
[{"$f":"IF(F173<>\"\",1+MAX($A$6:A172),\"\")","v":""},null,""]
[{"$f":"IF(F174<>\"\",1+MAX($A$6:A173),\"\")","v":70},null,"3\" Mineral Fiber Insulation",684,{"v":0.1,"d":"10%"},{"$f":"D174*(1+E174)","v":{"v":752.4000000000001,"d":"752"}},"SF",{"v":2.5,"d":"$2.5"},{"$f":"H174*F174","v":{"v":1881.0000000000002,"d":"$1,881"}}]
[{"$f":"IF(F175<>\"\",1+MAX($A$6:A174),\"\")","v":71},null,"2\"X6\" Wood Studs @ 16\" O.C",684,{"v":0.1,"d":"10%"},{"v":752.4000000000001,"d":"752"},"SF",{"v":2.7,"d":"$2.7"},{"v":2031.4800000000005,"d":"$2,031"}]
[{"$f":"IF(F176<>\"\",1+MAX($A$6:A175),\"\")","v":72},null,"2\"X6\" Wood Top Runner",100,{"v":0.1,"d":"10%"},{"v":110.00000000000001,"d":"110"},"LF",{"v":3.8,"d":"$3.8"},{"v":418.00000000000006,"d":"$418"}]
[{"$f":"IF(F177<>\"\",1+MAX($A$6:A176),\"\")","v":73},null,"2\"X6\" Wood Bottom Runner",100,{"v":0.1,"d":"10%"},{"v":110.00000000000001,"d":"110"},"LF",{"v":3.8,"d":"$3.8"},{"v":418.00000000000006,"d":"$418"}]
[{"$f":"IF(F178<>\"\",1+MAX($A$6:A177),\"\")","v":74},null,"Continuous Fire stopping Sealant",200,{"v":0.1,"d":"10%"},{"v":220.00000000000003,"d":"220"},"LF",{"v":1.9,"d":"$1.9"},{"v":418.00000000000006,"d":"$418"}]
[{"$f":"IF(F179<>\"\",1+MAX($A$6:A178),\"\")","v":""},null,""]
[{"$f":"IF(F180<>\"\",1+MAX($A$6:A179),\"\")","v":""},null,"Wall Type 4"]
[{"$f":"IF(F181<>\"\",1+MAX($A$6:A180),\"\")","v":75},null,"(1) Layer Of  1\" Type \"Slx\" Gypsum Liner Panel On One Side",359,{"v":0.1,"d":"10%"},{"$f":"D181*(1+E181)","v":{"v":394.90000000000003,"d":"395"}},"SF",{"v":3.6,"d":"$3.6"},{"$f":"H181*F181","v":{"v":1421.64,"d":"$1,422"}}]
[{"$f":"IF(F182<>\"\",1+MAX($A$6:A181),\"\")","v":""},null,"Dry Wall Screws(Ea.)",538.5]
[{"$f":"IF(F183<>\"\",1+MAX($A$6:A182),\"\")","v":""},null,"Tapping (Lf.)",157.0625]
[{"$f":"IF(F184<>\"\",1+MAX($A$6:A183),\"\")","v":""},null,"Adhesive (Ea.)",11.21875]
[{"$f":"IF(F185<>\"\",1+MAX($A$6:A184),\"\")","v":""},null,"Number Of Sheets (Size=4'X8')(Ea.)",11.21875]
[{"$f":"IF(F186<>\"\",1+MAX($A$6:A185),\"\")","v":""},null,""]
[{"$f":"IF(F187<>\"\",1+MAX($A$6:A186),\"\")","v":76},null,"(2) Layer Of  1/2\" Fire code \"C\" Gypsum Board On One Side (Vertically Installed Only)",718,{"v":0.1,"d":"10%"},{"$f":"D187*(1+E187)","v":{"v":789.8000000000001,"d":"790"}},"SF",{"v":3.4,"d":"$3.4"},{"$f":"H187*F187","v":{"v":2685.32,"d":"$2,685"}}]
[{"$f":"IF(F188<>\"\",1+MAX($A$6:A187),\"\")","v":""},null,"Dry Wall Screws(Ea.)",1077]
[{"$f":"IF(F189<>\"\",1+MAX($A$6:A188),\"\")","v":""},null,"Tapping (Lf.)",314.125]
[{"$f":"IF(F190<>\"\",1+MAX($A$6:A189),\"\")","v":""},null,"Adhesive (Ea.)",22.4375]
[{"$f":"IF(F191<>\"\",1+MAX($A$6:A190),\"\")","v":""},null,"Number Of Sheets (Size=4'X8')(Ea.)",22.4375]
[{"$f":"IF(F192<>\"\",1+MAX($A$6:A191),\"\")","v":""},null,""]
[{"$f":"IF(F193<>\"\",1+MAX($A$6:A192),\"\")","v":77},null,"3\" Mineral Fiber Insulation",359,{"v":0.1,"d":"10%"},{"$f":"D193*(1+E193)","v":{"v":394.90000000000003,"d":"395"}},"SF",{"v":2.5,"d":"$2.5"},{"$f":"H193*F193","v":{"v":987.2500000000001,"d":"$987"}}]
[{"$f":"IF(F194<>\"\",1+MAX($A$6:A193),\"\")","v":78},null,"4\" \"C-H\" 20 Ga. Steel Studs @ 24\" O.C @ 16\" O.C",359,{"v":0.1,"d":"10%"},{"v":394.90000000000003,"d":"395"},"SF",{"v":5.4,"d":"$5.4"},{"v":2132.4600000000005,"d":"$2,132"}]
[{"$f":"IF(F195<>\"\",1+MAX($A$6:A194),\"\")","v":79},null,"2\"X6\" Wood Runner",96,{"v":0.1,"d":"10%"},{"v":105.60000000000001,"d":"106"},"LF",{"v":3.8,"d":"$3.8"},{"v":401.28000000000003,"d":"$401"}]
[{"$f":"IF(F196<>\"\",1+MAX($A$6:A195),\"\")","v":80},null,"Continuous Fire stopping Sealant",96,{"v":0.1,"d":"10%"},{"v":105.60000000000001,"d":"106"},"LF",{"v":1.9,"d":"$1.9"},{"v":200.64000000000001,"d":"$201"}]
[{"$f":"IF(F197<>\"\",1+MAX($A$6:A196),\"\")","v":""},null,""]
[{"$f":"IF(F198<>\"\",1+MAX($A$6:A197),\"\")","v":""},null,"Wall Type 5"]
[{"$f":"IF(F199<>\"\",1+MAX($A$6:A198),\"\")","v":81},null,"(1) Layer Of  1/2\" Moisture Resistant Gypsum Board On One Side",233,{"v":0.1,"d":"10%"},{"$f":"D199*(1+E199)","v":{"v":256.3,"d":"256"}},"SF",{"v":3.4,"d":"$3.4"},{"$f":"H199*F199","v":{"v":871.4200000000001,"d":"$871"}}]
[{"$f":"IF(F200<>\"\",1+MAX($A$6:A199),\"\")","v":""},null,"Dry Wall Screws(Ea.)",349.5]
[{"$f":"IF(F201<>\"\",1+MAX($A$6:A200),\"\")","v":""},null,"Tapping (Lf.)",101.9375]
[{"$f":"IF(F202<>\"\",1+MAX($A$6:A201),\"\")","v":""},null,"Adhesive (Ea.)",7.28125]
[{"$f":"IF(F203<>\"\",1+MAX($A$6:A202),\"\")","v":""},null,"Number Of Sheets (Size=4'X8')(Ea.)",7.28125]
[{"$f":"IF(F204<>\"\",1+MAX($A$6:A203),\"\")","v":""},null,""]
[{"$f":"IF(F205<>\"\",1+MAX($A$6:A204),\"\")","v":82},null,"3-1/2\" Fiberglass Sound Attenuation Blanket",233,{"v":0.1,"d":"10%"},{"$f":"D205*(1+E205)","v":{"v":256.3,"d":"256"}},"SF",{"v":2.5,"d":"$2.5"},{"$f":"H205*F205","v":{"v":640.75,"d":"$641"}}]
[{"$f":"IF(F206<>\"\",1+MAX($A$6:A205),\"\")","v":83},null,"2\"X4\" Wood Studs @ 16\" O.C",233,{"v":0.1,"d":"10%"},{"v":256.3,"d":"256"},"SF",{"v":2.5,"d":"$2.5"},{"v":640.75,"d":"$641"}]
[{"$f":"IF(F207<>\"\",1+MAX($A$6:A206),\"\")","v":84},null,"2\"X4\" Wood Top Runner",32,{"v":0.1,"d":"10%"},{"v":35.2,"d":"35"},"LF",{"v":3.4,"d":"$3.4"},{"v":119.68,"d":"$120"}]
[{"$f":"IF(F208<>\"\",1+MAX($A$6:A207),\"\")","v":85},null,"2\"X4\" Wood Bottom Runner",16,{"v":0.1,"d":"10%"},{"v":17.6,"d":"18"},"LF",{"v":3.4,"d":"$3.4"},{"v":59.84,"d":"$60"}]
[{"$f":"IF(F209<>\"\",1+MAX($A$6:A208),\"\")","v":86},null,"Continuous Fire stopping Sealant",32,{"v":0.1,"d":"10%"},{"v":35.2,"d":"35"},"LF",{"v":1.9,"d":"$1.9"},{"v":66.88,"d":"$67"}]
[{"$f":"IF(F210<>\"\",1+MAX($A$6:A209),\"\")","v":""},null,""]
[{"$f":"IF(F211<>\"\",1+MAX($A$6:A210),\"\")","v":""},null,"Wall Type 6"]
[{"$f":"IF(F212<>\"\",1+MAX($A$6:A211),\"\")","v":87},null,"(1) Layer Of  5/8\" Type \"X\" Gypsum Board On One Side",2195,{"v":0.1,"d":"10%"},{"$f":"D212*(1+E212)","v":{"v":2414.5,"d":"2415"}},"SF",{"v":3.3,"d":"$3.3"},{"$f":"H212*F212","v":{"v":7967.849999999999,"d":"$7,968"}}]
[{"$f":"IF(F213<>\"\",1+MAX($A$6:A212),\"\")","v":""},null,"Dry Wall Screws(Ea.)",3292.5]
[{"$f":"IF(F214<>\"\",1+MAX($A$6:A213),\"\")","v":""},null,"Tapping (Lf.)",960.3125]
[{"$f":"IF(F215<>\"\",1+MAX($A$6:A214),\"\")","v":""},null,"Adhesive (Ea.)",68.59375]
[{"$f":"IF(F216<>\"\",1+MAX($A$6:A215),\"\")","v":""},null,"Number Of Sheets (Size=4'X8')(Ea.)",68.59375]
[{"$f":"IF(F217<>\"\",1+MAX($A$6:A216),\"\")","v":""},null,""]
[{"$f":"IF(F218<>\"\",1+MAX($A$6:A217),\"\")","v":88},null,"3\" Thick (R-15) Mold Resistant Rigid Insulation",2195,{"v":0.1,"d":"10%"},{"$f":"D218*(1+E218)","v":{"v":2414.5,"d":"2415"}},"SF",{"v":2.5,"d":"$2.5"},{"$f":"H218*F218","v":{"v":6036.25,"d":"$6,036"}}]
[{"$f":"IF(F219<>\"\",1+MAX($A$6:A218),\"\")","v":89},null,"Vapor Barrier",2195,{"v":0.1,"d":"10%"},{"v":2414.5,"d":"2415"},"SF",{"v":1.2,"d":"$1.2"},{"v":2897.4,"d":"$2,897"}]
[{"$f":"IF(F220<>\"\",1+MAX($A$6:A219),\"\")","v":90},null,"3-5/8\" Galvanized 20 Guage Metal Studs @ 16\" O.C",2195,{"v":0.1,"d":"10%"},{"v":2414.5,"d":"2415"},"SF",{"v":8.7,"d":"$8.7"},{"v":21006.149999999998,"d":"$21,006"}]
[{"$f":"IF(F221<>\"\",1+MAX($A$6:A220),\"\")","v":91},null,"3-5/8\" Galvanized 20 Guage Metal Slip Track Runner",420,{"v":0.1,"d":"10%"},{"v":462.00000000000006,"d":"462"},"LF",{"v":14.3,"d":"$14.3"},{"v":6606.600000000001,"d":"$6,607"}]
[{"$f":"IF(F222<>\"\",1+MAX($A$6:A221),\"\")","v":92},null,"Continuous Fire stopping Sealant",280,{"v":0.1,"d":"10%"},308,"LF",{"v":1.9,"d":"$1.9"},{"v":585.1999999999999,"d":"$585"}]
[{"$f":"IF(F223<>\"\",1+MAX($A$6:A222),\"\")","v":93},null,"5/8\" Densglass Sheathing",2195,{"v":0.1,"d":"10%"},{"v":2414.5,"d":"2415"},"SF",{"v":3.4,"d":"$3.4"},{"v":8209.3,"d":"$8,209"}]
[{"$f":"IF(F224<>\"\",1+MAX($A$6:A223),\"\")","v":""},null,""]
[{"$f":"IF(F225<>\"\",1+MAX($A$6:A224),\"\")","v":""},null,"Wall Type 6A"]
[{"$f":"IF(F226<>\"\",1+MAX($A$6:A225),\"\")","v":94},null,"(1) Layer Of  1/2\" Moisture Resistant Gypsum Board On One Side",810,{"v":0.1,"d":"10%"},{"$f":"D226*(1+E226)","v":{"v":891.0000000000001,"d":"891"}},"SF",{"v":3.4,"d":"$3.4"},{"$f":"H226*F226","v":{"v":3029.4,"d":"$3,029"}}]
[{"$f":"IF(F227<>\"\",1+MAX($A$6:A226),\"\")","v":""},null,"Dry Wall Screws(Ea.)",1215]
[{"$f":"IF(F228<>\"\",1+MAX($A$6:A227),\"\")","v":""},null,"Tapping (Lf.)",354.375]
[{"$f":"IF(F229<>\"\",1+MAX($A$6:A228),\"\")","v":""},null,"Adhesive (Ea.)",25.3125]
[{"$f":"IF(F230<>\"\",1+MAX($A$6:A229),\"\")","v":""},null,"Number Of Sheets (Size=4'X8')(Ea.)",25.3125]
[{"$f":"IF(F231<>\"\",1+MAX($A$6:A230),\"\")","v":""},null,""]
[{"$f":"IF(F232<>\"\",1+MAX($A$6:A231),\"\")","v":95},null,"2\"X4\" Wood Studs @ 16\" O.C",810,{"v":0.1,"d":"10%"},{"$f":"D232*(1+E232)","v":{"v":891.0000000000001,"d":"891"}},"SF",{"v":2.5,"d":"$2.5"},{"$f":"H232*F232","v":{"v":2227.5000000000005,"d":"$2,228"}}]
[{"$f":"IF(F233<>\"\",1+MAX($A$6:A232),\"\")","v":96},null,"2\"X4\" Wood Top Runner",106,{"v":0.1,"d":"10%"},{"v":116.60000000000001,"d":"117"},"LF",{"v":3.4,"d":"$3.4"},{"v":396.44,"d":"$396"}]
[{"$f":"IF(F234<>\"\",1+MAX($A$6:A233),\"\")","v":97},null,"2\"X4\" Wood Bottom Runner",53,{"v":0.1,"d":"10%"},{"v":58.300000000000004,"d":"58"},"LF",{"v":3.4,"d":"$3.4"},{"v":198.22,"d":"$198"}]
[{"$f":"IF(F235<>\"\",1+MAX($A$6:A234),\"\")","v":98},null,"Continuous Fire stopping Sealant",212,{"v":0.1,"d":"10%"},{"v":233.20000000000002,"d":"233"},"LF",{"v":1.9,"d":"$1.9"},{"v":443.08,"d":"$443"}]
[{"$f":"IF(F236<>\"\",1+MAX($A$6:A235),\"\")","v":""},null,""]
[{"$f":"IF(F237<>\"\",1+MAX($A$6:A236),\"\")","v":""},null,"Second Floor Lofts"]
[{"$f":"IF(F238<>\"\",1+MAX($A$6:A237),\"\")","v":""},null,""]
[{"$f":"IF(F239<>\"\",1+MAX($A$6:A238),\"\")","v":""},null,"Knee Wall"]
[{"$f":"IF(F240<>\"\",1+MAX($A$6:A239),\"\")","v":99},null,"(1) Layer Of  1/2\" Plywood Sheathing On Each Side",493,{"v":0.1,"d":"10%"},{"$f":"D240*(1+E240)","v":{"v":542.3000000000001,"d":"542"}},"SF",{"v":3.4,"d":"$3.4"},{"$f":"H240*F240","v":{"v":1843.8200000000002,"d":"$1,844"}}]
[{"$f":"IF(F241<>\"\",1+MAX($A$6:A240),\"\")","v":""},null,"Dry Wall Screws(Ea.)",739.5]
[{"$f":"IF(F242<>\"\",1+MAX($A$6:A241),\"\")","v":""},null,"Tapping (Lf.)",215.6875]
[{"$f":"IF(F243<>\"\",1+MAX($A$6:A242),\"\")","v":""},null,"Adhesive (Ea.)",15.40625]
[{"$f":"IF(F244<>\"\",1+MAX($A$6:A243),\"\")","v":""},null,"Number Of Sheets (Size=4'X8')(Ea.)",15.40625]
[{"$f":"IF(F245<>\"\",1+MAX($A$6:A244),\"\")","v":""},null,""]
[{"$f":"IF(F246<>\"\",1+MAX($A$6:A245),\"\")","v":100},null,"2\"X6\" Wood Studs @ 16\" O.C",493,{"v":0.1,"d":"10%"},{"$f":"D246*(1+E246)","v":{"v":542.3000000000001,"d":"542"}},"SF",{"v":2.7,"d":"$2.7"},{"$f":"H246*F246","v":{"v":1464.2100000000003,"d":"$1,464"}}]
[{"$f":"IF(F247<>\"\",1+MAX($A$6:A246),\"\")","v":101},null,"2\"X6\" Wood Top Runner",280,{"v":0.1,"d":"10%"},308,"LF",{"v":3.8,"d":"$3.8"},{"v":1170.3999999999999,"d":"$1,170"}]
[{"$f":"IF(F248<>\"\",1+MAX($A$6:A247),\"\")","v":102},null,"2\"X6\" Wood Bottom Runner",140,{"v":0.1,"d":"10%"},154,"LF",{"v":3.8,"d":"$3.8"},{"v":585.1999999999999,"d":"$585"}]
[{"$f":"IF(F249<>\"\",1+MAX($A$6:A248),\"\")","v":103},null,"Continuous Fire stopping Sealant",560,{"v":0.1,"d":"10%"},616,"LF",{"v":1.9,"d":"$1.9"},{"v":1170.3999999999999,"d":"$1,170"}]
[{"$f":"IF(F250<>\"\",1+MAX($A$6:A249),\"\")","v":""},null,""]
[{"$f":"IF(F251<>\"\",1+MAX($A$6:A250),\"\")","v":""},null,"Wall Type 1"]
[{"$f":"IF(F252<>\"\",1+MAX($A$6:A251),\"\")","v":104},null,"(1) Layer Of  1/2\" Gypsum Board On Each Side",3414,{"v":0.1,"d":"10%"},{"$f":"D252*(1+E252)","v":{"v":3755.4,"d":"3755"}},"SF",{"v":3.3,"d":"$3.3"},{"$f":"H252*F252","v":{"v":12392.82,"d":"$12,393"}}]
[{"$f":"IF(F253<>\"\",1+MAX($A$6:A252),\"\")","v":""},null,"Dry Wall Screws(Ea.)",5121]
[{"$f":"IF(F254<>\"\",1+MAX($A$6:A253),\"\")","v":""},null,"Tapping (Lf.)",1493.625]
[{"$f":"IF(F255<>\"\",1+MAX($A$6:A254),\"\")","v":""},null,"Adhesive (Ea.)",106.6875]
[{"$f":"IF(F256<>\"\",1+MAX($A$6:A255),\"\")","v":""},null,"Number Of Sheets (Size=4'X8')(Ea.)",106.6875]
[{"$f":"IF(F257<>\"\",1+MAX($A$6:A256),\"\")","v":""},null,""]
[{"$f":"IF(F258<>\"\",1+MAX($A$6:A257),\"\")","v":105},null,"2\"X4\" Wood Studs @ 16\" O.C",1707,{"v":0.1,"d":"10%"},{"$f":"D258*(1+E258)","v":{"v":1877.7,"d":"1878"}},"SF",{"v":2.5,"d":"$2.5"},{"$f":"H258*F258","v":{"v":4694.25,"d":"$4,694"}}]
[{"$f":"IF(F259<>\"\",1+MAX($A$6:A258),\"\")","v":106},null,"2\"X4\" Wood Top Runner",486,{"v":0.1,"d":"10%"},{"v":534.6,"d":"535"},"LF",{"v":3.4,"d":"$3.4"},{"v":1817.64,"d":"$1,818"}]
[{"$f":"IF(F260<>\"\",1+MAX($A$6:A259),\"\")","v":107},null,"2\"X4\" Wood Bottom Runner",243,{"v":0.1,"d":"10%"},{"v":267.3,"d":"267"},"LF",{"v":3.4,"d":"$3.4"},{"v":908.82,"d":"$909"}]
[{"$f":"IF(F261<>\"\",1+MAX($A$6:A260),\"\")","v":108},null,"Acoustical Sealant",972,{"v":0.1,"d":"10%"},{"v":1069.2,"d":"1069"},"LF",{"v":1.9,"d":"$1.9"},{"v":2031.48,"d":"$2,031"}]
[{"$f":"IF(F262<>\"\",1+MAX($A$6:A261),\"\")","v":""},null,""]
[{"$f":"IF(F263<>\"\",1+MAX($A$6:A262),\"\")","v":""},null,"Wall Type 2"]
[{"$f":"IF(F264<>\"\",1+MAX($A$6:A263),\"\")","v":109},null,"(1) Layer Of  5/8\" Fire code \"C\" Gypsum Board On Each Side",3062,{"v":0.1,"d":"10%"},{"$f":"D264*(1+E264)","v":{"v":3368.2000000000003,"d":"3368"}},"SF",{"v":3.4,"d":"$3.4"},{"$f":"H264*F264","v":{"v":11451.880000000001,"d":"$11,452"}}]
[{"$f":"IF(F265<>\"\",1+MAX($A$6:A264),\"\")","v":""},null,"Dry Wall Screws(Ea.)",4593]
[{"$f":"IF(F266<>\"\",1+MAX($A$6:A265),\"\")","v":""},null,"Tapping (Lf.)",1339.625]
[{"$f":"IF(F267<>\"\",1+MAX($A$6:A266),\"\")","v":""},null,"Adhesive (Ea.)",95.6875]
[{"$f":"IF(F268<>\"\",1+MAX($A$6:A267),\"\")","v":""},null,"Number Of Sheets (Size=4'X8')(Ea.)",95.6875]
[{"$f":"IF(F269<>\"\",1+MAX($A$6:A268),\"\")","v":""},null,""]
[{"$f":"IF(F270<>\"\",1+MAX($A$6:A269),\"\")","v":110},null,"3\" Thermafiber Safb",1531,{"v":0.1,"d":"10%"},{"$f":"D270*(1+E270)","v":{"v":1684.1000000000001,"d":"1684"}},"SF",{"v":2.5,"d":"$2.5"},{"$f":"H270*F270","v":{"v":4210.25,"d":"$4,210"}}]
[{"$f":"IF(F271<>\"\",1+MAX($A$6:A270),\"\")","v":111},null,"1/2\" 25 Ga Resilient Furring Channel (Rc-1) @ 24\" O.C Max Installed Horizontally",1531,{"v":0.1,"d":"10%"},{"v":1684.1000000000001,"d":"1684"},"SF",{"v":2.5,"d":"$2.5"},{"v":4210.25,"d":"$4,210"}]
[{"$f":"IF(F272<>\"\",1+MAX($A$6:A271),\"\")","v":112},null,"2\"X6\" Wood Studs @ 16\" O.C",1531,{"v":0.1,"d":"10%"},{"v":1684.1000000000001,"d":"1684"},"SF",{"v":2.7,"d":"$2.7"},{"v":4547.070000000001,"d":"$4,547"}]
[{"$f":"IF(F273<>\"\",1+MAX($A$6:A272),\"\")","v":113},null,"2\"X6\" Wood Top Runner",438,{"v":0.1,"d":"10%"},{"v":481.8,"d":"482"},"LF",{"v":3.8,"d":"$3.8"},{"v":1830.84,"d":"$1,831"}]
[{"$f":"IF(F274<>\"\",1+MAX($A$6:A273),\"\")","v":114},null,"2\"X6\" Wood Bottom Runner",219,{"v":0.1,"d":"10%"},{"v":240.9,"d":"241"},"LF",{"v":3.8,"d":"$3.8"},{"v":915.42,"d":"$915"}]
[{"$f":"IF(F275<>\"\",1+MAX($A$6:A274),\"\")","v":115},null,"Continuous Fire stopping Sealant",876,{"v":0.1,"d":"10%"},{"v":963.6,"d":"964"},"LF",{"v":1.9,"d":"$1.9"},{"v":1830.84,"d":"$1,831"}]
[{"$f":"IF(F276<>\"\",1+MAX($A$6:A275),\"\")","v":""},null,""]
[{"$f":"IF(F277<>\"\",1+MAX($A$6:A276),\"\")","v":""},null,"Wall Type 2A"]
[{"$f":"IF(F278<>\"\",1+MAX($A$6:A277),\"\")","v":116},null,"(1) Layer Of  5/8\" Type \"X\" Gypsum Board On Each Side",49,{"v":0.1,"d":"10%"},{"$f":"D278*(1+E278)","v":{"v":53.900000000000006,"d":"54"}},"SF",{"v":3.3,"d":"$3.3"},{"$f":"H278*F278","v":{"v":177.87,"d":"$178"}}]
[{"$f":"IF(F279<>\"\",1+MAX($A$6:A278),\"\")","v":""},null,"Dry Wall Screws(Ea.)",73.5]
[{"$f":"IF(F280<>\"\",1+MAX($A$6:A279),\"\")","v":""},null,"Tapping (Lf.)",21.4375]
[{"$f":"IF(F281<>\"\",1+MAX($A$6:A280),\"\")","v":""},null,"Adhesive (Ea.)",1.53125]
[{"$f":"IF(F282<>\"\",1+MAX($A$6:A281),\"\")","v":""},null,"Number Of Sheets (Size=4'X8')(Ea.)",1.53125]
[{"$f":"IF(F283<>\"\",1+MAX($A$6:A282),\"\")","v":""},null,""]
[{"$f":"IF(F284<>\"\",1+MAX($A$6:A283),\"\")","v":117},null,"2\"X6\" Wood Studs @ 16\" O.C",49,{"v":0.1,"d":"10%"},{"$f":"D284*(1+E284)","v":{"v":53.900000000000006,"d":"54"}},"SF",{"v":2.7,"d":"$2.7"},{"$f":"H284*F284","v":{"v":145.53000000000003,"d":"$146"}}]
[{"$f":"IF(F285<>\"\",1+MAX($A$6:A284),\"\")","v":118},null,"2\"X6\" Wood Top Runner",16,{"v":0.1,"d":"10%"},{"v":17.6,"d":"18"},"LF",{"v":3.8,"d":"$3.8"},{"v":66.88,"d":"$67"}]
[{"$f":"IF(F286<>\"\",1+MAX($A$6:A285),\"\")","v":119},null,"2\"X6\" Wood Bottom Runner",8,{"v":0.1,"d":"10%"},{"v":8.8,"d":"9"},"LF",{"v":3.8,"d":"$3.8"},{"v":33.44,"d":"$33"}]
[{"$f":"IF(F287<>\"\",1+MAX($A$6:A286),\"\")","v":120},null,"Continuous Fire stopping Sealant",32,{"v":0.1,"d":"10%"},{"v":35.2,"d":"35"},"LF",{"v":1.9,"d":"$1.9"},{"v":66.88,"d":"$67"}]
[{"$f":"IF(F288<>\"\",1+MAX($A$6:A287),\"\")","v":""},null,""]
[{"$f":"IF(F289<>\"\",1+MAX($A$6:A288),\"\")","v":""},null,"Wall Type 3"]
[{"$f":"IF(F290<>\"\",1+MAX($A$6:A289),\"\")","v":121},null,"(2) Layer Of  5/8\" Fire code \"C\" Gypsum Board On Each Side",2060,{"v":0.1,"d":"10%"},{"$f":"D290*(1+E290)","v":2266},"SF",{"v":3.4,"d":"$3.4"},{"$f":"H290*F290","v":{"v":7704.4,"d":"$7,704"}}]
[{"$f":"IF(F291<>\"\",1+MAX($A$6:A290),\"\")","v":""},null,"Dry Wall Screws(Ea.)",3090]
[{"$f":"IF(F292<>\"\",1+MAX($A$6:A291),\"\")","v":""},null,"Tapping (Lf.)",901.25]
[{"$f":"IF(F293<>\"\",1+MAX($A$6:A292),\"\")","v":""},null,"Adhesive (Ea.)",64.375]
[{"$f":"IF(F294<>\"\",1+MAX($A$6:A293),\"\")","v":""},null,"Number Of Sheets (Size=4'X8')(Ea.)",64.375]
[{"$f":"IF(F295<>\"\",1+MAX($A$6:A294),\"\")","v":""},null,""]
[{"$f":"IF(F296<>\"\",1+MAX($A$6:A295),\"\")","v":122},null,"3\" Mineral Fiber Insulation",515,{"v":0.1,"d":"10%"},{"$f":"D296*(1+E296)","v":{"v":566.5,"d":"567"}},"SF",{"v":2.5,"d":"$2.5"},{"$f":"H296*F296","v":{"v":1416.25,"d":"$1,416"}}]
[{"$f":"IF(F297<>\"\",1+MAX($A$6:A296),\"\")","v":123},null,"2\"X4\" Wood Studs @ 16\" O.C",515,{"v":0.1,"d":"10%"},{"v":566.5,"d":"567"},"SF",{"v":2.5,"d":"$2.5"},{"v":1416.25,"d":"$1,416"}]
[{"$f":"IF(F298<>\"\",1+MAX($A$6:A297),\"\")","v":124},null,"2\"X4\" Wood Top Runner",146,{"v":0.1,"d":"10%"},{"v":160.60000000000002,"d":"161"},"LF",{"v":3.4,"d":"$3.4"},{"v":546.0400000000001,"d":"$546"}]
[{"$f":"IF(F299<>\"\",1+MAX($A$6:A298),\"\")","v":125},null,"2\"X4\" Wood Bottom Runner",146,{"v":0.1,"d":"10%"},{"v":160.60000000000002,"d":"161"},"LF",{"v":3.4,"d":"$3.4"},{"v":546.0400000000001,"d":"$546"}]
[{"$f":"IF(F300<>\"\",1+MAX($A$6:A299),\"\")","v":126},null,"Continuous Fire stopping Sealant",292,{"v":0.1,"d":"10%"},{"v":321.20000000000005,"d":"321"},"LF",{"v":1.9,"d":"$1.9"},{"v":610.2800000000001,"d":"$610"}]
[{"$f":"IF(F301<>\"\",1+MAX($A$6:A300),\"\")","v":""},null,""]
[{"$f":"IF(F302<>\"\",1+MAX($A$6:A301),\"\")","v":""},null,""]
[{"$f":"IF(F303<>\"\",1+MAX($A$6:A302),\"\")","v":""},null,"Wall Type 4"]
[{"$f":"IF(F304<>\"\",1+MAX($A$6:A303),\"\")","v":127},null,"(1) Layer Of  1\" Type \"Slx\" Gypsum Liner Panel On One Side",170,{"v":0.1,"d":"10%"},{"$f":"D304*(1+E304)","v":{"v":187.00000000000003,"d":"187"}},"SF",{"v":3.6,"d":"$3.6"},{"$f":"H304*F304","v":{"v":673.2000000000002,"d":"$673"}}]
[{"$f":"IF(F305<>\"\",1+MAX($A$6:A304),\"\")","v":""},null,"Dry Wall Screws(Ea.)",255]
[{"$f":"IF(F306<>\"\",1+MAX($A$6:A305),\"\")","v":""},null,"Tapping (Lf.)",74.375]
[{"$f":"IF(F307<>\"\",1+MAX($A$6:A306),\"\")","v":""},null,"Adhesive (Ea.)",5.3125]
[{"$f":"IF(F308<>\"\",1+MAX($A$6:A307),\"\")","v":""},null,"Number Of Sheets (Size=4'X8')(Ea.)",5.3125]
[{"$f":"IF(F309<>\"\",1+MAX($A$6:A308),\"\")","v":""},null,""]
[{"$f":"IF(F310<>\"\",1+MAX($A$6:A309),\"\")","v":128},null,"(2) Layer Of  1/2\" Fire code \"C\" Gypsum Board On One Side (Vertically Installed Only)",340,{"v":0.1,"d":"10%"},{"$f":"D310*(1+E310)","v":{"v":374.00000000000006,"d":"374"}},"SF",{"v":3.4,"d":"$3.4"},{"$f":"H310*F310","v":{"v":1271.6000000000001,"d":"$1,272"}}]
[{"$f":"IF(F311<>\"\",1+MAX($A$6:A310),\"\")","v":""},null,"Dry Wall Screws(Ea.)",510]
[{"$f":"IF(F312<>\"\",1+MAX($A$6:A311),\"\")","v":""},null,"Tapping (Lf.)",148.75]
[{"$f":"IF(F313<>\"\",1+MAX($A$6:A312),\"\")","v":""},null,"Adhesive (Ea.)",10.625]
[{"$f":"IF(F314<>\"\",1+MAX($A$6:A313),\"\")","v":""},null,"Number Of Sheets (Size=4'X8')(Ea.)",10.625]
[{"$f":"IF(F315<>\"\",1+MAX($A$6:A314),\"\")","v":""},null,""]
[{"$f":"IF(F316<>\"\",1+MAX($A$6:A315),\"\")","v":129},null,"3\" Mineral Fiber Insulation",170,{"v":0.1,"d":"10%"},{"$f":"D316*(1+E316)","v":{"v":187.00000000000003,"d":"187"}},"SF",{"v":2.5,"d":"$2.5"},{"$f":"H316*F316","v":{"v":467.50000000000006,"d":"$468"}}]
[{"$f":"IF(F317<>\"\",1+MAX($A$6:A316),\"\")","v":130},null,"4\" \"C-H\" 20 Ga. Steel Studs @ 24\" O.C @ 16\" O.C",170,{"v":0.1,"d":"10%"},{"v":187.00000000000003,"d":"187"},"SF",{"v":5.4,"d":"$5.4"},{"v":1009.8000000000002,"d":"$1,010"}]
[{"$f":"IF(F318<>\"\",1+MAX($A$6:A317),\"\")","v":131},null,"2\"X6\" Wood Runner",96,{"v":0.1,"d":"10%"},{"v":105.60000000000001,"d":"106"},"LF",{"v":3.8,"d":"$3.8"},{"v":401.28000000000003,"d":"$401"}]
[{"$f":"IF(F319<>\"\",1+MAX($A$6:A318),\"\")","v":132},null,"Continuous Fire stopping Sealant",96,{"v":0.1,"d":"10%"},{"v":105.60000000000001,"d":"106"},"LF",{"v":1.9,"d":"$1.9"},{"v":200.64000000000001,"d":"$201"}]
[{"$f":"IF(F320<>\"\",1+MAX($A$6:A319),\"\")","v":""},null,""]
[{"$f":"IF(F321<>\"\",1+MAX($A$6:A320),\"\")","v":""},null,"Wall Type 5"]
[{"$f":"IF(F322<>\"\",1+MAX($A$6:A321),\"\")","v":133},null,"(1) Layer Of  1/2\" Moisture Resistant Gypsum Board On One Side",337,{"v":0.1,"d":"10%"},{"$f":"D322*(1+E322)","v":{"v":370.70000000000005,"d":"371"}},"SF",{"v":3.4,"d":"$3.4"},{"$f":"H322*F322","v":{"v":1260.38,"d":"$1,260"}}]
[{"$f":"IF(F323<>\"\",1+MAX($A$6:A322),\"\")","v":""},null,"Dry Wall Screws(Ea.)",505.5]
[{"$f":"IF(F324<>\"\",1+MAX($A$6:A323),\"\")","v":""},null,"Tapping (Lf.)",147.4375]
[{"$f":"IF(F325<>\"\",1+MAX($A$6:A324),\"\")","v":""},null,"Adhesive (Ea.)",10.53125]
[{"$f":"IF(F326<>\"\",1+MAX($A$6:A325),\"\")","v":""},null,"Number Of Sheets (Size=4'X8')(Ea.)",10.53125]
[{"$f":"IF(F327<>\"\",1+MAX($A$6:A326),\"\")","v":""},null,""]
[{"$f":"IF(F328<>\"\",1+MAX($A$6:A327),\"\")","v":134},null,"3-1/2\" Fiberglass Sound Attenuation Blanket",337,{"v":0.1,"d":"10%"},{"$f":"D328*(1+E328)","v":{"v":370.70000000000005,"d":"371"}},"SF",{"v":2.6,"d":"$2.6"},{"$f":"H328*F328","v":{"v":963.8200000000002,"d":"$964"}}]
[{"$f":"IF(F329<>\"\",1+MAX($A$6:A328),\"\")","v":135},null,"2\"X4\" Wood Studs @ 16\" O.C",337,{"v":0.1,"d":"10%"},{"v":370.70000000000005,"d":"371"},"SF",{"v":2.5,"d":"$2.5"},{"v":926.7500000000001,"d":"$927"}]
[{"$f":"IF(F330<>\"\",1+MAX($A$6:A329),\"\")","v":136},null,"2\"X4\" Wood Top Runner",96,{"v":0.1,"d":"10%"},{"v":105.60000000000001,"d":"106"},"LF",{"v":3.4,"d":"$3.4"},{"v":359.04,"d":"$359"}]
[{"$f":"IF(F331<>\"\",1+MAX($A$6:A330),\"\")","v":137},null,"2\"X4\" Wood Bottom Runner",48,{"v":0.1,"d":"10%"},{"v":52.800000000000004,"d":"53"},"LF",{"v":3.4,"d":"$3.4"},{"v":179.52,"d":"$180"}]
[{"$f":"IF(F332<>\"\",1+MAX($A$6:A331),\"\")","v":138},null,"Continuous Fire stopping Sealant",96,{"v":0.1,"d":"10%"},{"v":105.60000000000001,"d":"106"},"LF",{"v":1.9,"d":"$1.9"},{"v":200.64000000000001,"d":"$201"}]
[{"$f":"IF(F333<>\"\",1+MAX($A$6:A332),\"\")","v":""},null,""]
[{"$f":"IF(F334<>\"\",1+MAX($A$6:A333),\"\")","v":""},null,"Wall Type 6B"]
[{"$f":"IF(F335<>\"\",1+MAX($A$6:A334),\"\")","v":139},null,"(1) Layer Of  5/8\" Gypsum Board On One Side",337,{"v":0.1,"d":"10%"},{"$f":"D335*(1+E335)","v":{"v":370.70000000000005,"d":"371"}},"SF",{"v":3.3,"d":"$3.3"},{"$f":"H335*F335","v":{"v":1223.3100000000002,"d":"$1,223"}}]
[{"$f":"IF(F336<>\"\",1+MAX($A$6:A335),\"\")","v":""},null,"Dry Wall Screws(Ea.)",505.5]
[{"$f":"IF(F337<>\"\",1+MAX($A$6:A336),\"\")","v":""},null,"Tapping (Lf.)",147.4375]
[{"$f":"IF(F338<>\"\",1+MAX($A$6:A337),\"\")","v":""},null,"Adhesive (Ea.)",10.53125]
[{"$f":"IF(F339<>\"\",1+MAX($A$6:A338),\"\")","v":""},null,"Number Of Sheets (Size=4'X8')(Ea.)",10.53125]
[{"$f":"IF(F340<>\"\",1+MAX($A$6:A339),\"\")","v":""},null,""]
[{"$f":"IF(F341<>\"\",1+MAX($A$6:A340),\"\")","v":140},null,"1-5/8\" Galv. Metal Studs @ 16\" O.C",337,{"v":0.1,"d":"10%"},{"$f":"D341*(1+E341)","v":{"v":370.70000000000005,"d":"371"}},"SF",{"v":6.5,"d":"$6.5"},{"$f":"H341*F341","v":{"v":2409.55,"d":"$2,410"}}]
[{"$f":"IF(F342<>\"\",1+MAX($A$6:A341),\"\")","v":141},null,"1-5/8\" Galv. Metal Runner",96,{"v":0.1,"d":"10%"},{"v":105.60000000000001,"d":"106"},"SF",{"v":9.8,"d":"$9.8"},{"v":1034.88,"d":"$1,035"}]
[{"$f":"IF(F343<>\"\",1+MAX($A$6:A342),\"\")","v":142},null,"Continuous Fire stopping Sealant",96,{"v":0.1,"d":"10%"},{"v":105.60000000000001,"d":"106"},"LF",{"v":1.9,"d":"$1.9"},{"v":200.64000000000001,"d":"$201"}]
[{"$f":"IF(F344<>\"\",1+MAX($A$6:A343),\"\")","v":""},null,""]
[{"$f":"IF(F345<>\"\",1+MAX($A$6:A344),\"\")","v":""},null,"Second Floor"]
[{"$f":"IF(F346<>\"\",1+MAX($A$6:A345),\"\")","v":""},null,""]
[{"$f":"IF(F347<>\"\",1+MAX($A$6:A346),\"\")","v":""},null,"Wall Type 1B"]
[{"$f":"IF(F348<>\"\",1+MAX($A$6:A347),\"\")","v":143},null,"(1) Layer Of  5/8\" Gypsum Board On One Side",111,{"v":0.1,"d":"10%"},{"$f":"D348*(1+E348)","v":{"v":122.10000000000001,"d":"122"}},"SF",{"v":3.3,"d":"$3.3"},{"$f":"H348*F348","v":{"v":402.93,"d":"$403"}}]
[{"$f":"IF(F349<>\"\",1+MAX($A$6:A348),\"\")","v":""},null,"Dry Wall Screws(Ea.)",166.5]
[{"$f":"IF(F350<>\"\",1+MAX($A$6:A349),\"\")","v":""},null,"Tapping (Lf.)",48.5625]
[{"$f":"IF(F351<>\"\",1+MAX($A$6:A350),\"\")","v":""},null,"Adhesive (Ea.)",3.46875]
[{"$f":"IF(F352<>\"\",1+MAX($A$6:A351),\"\")","v":""},null,"Number Of Sheets (Size=4'X8')(Ea.)",3.46875]
[{"$f":"IF(F353<>\"\",1+MAX($A$6:A352),\"\")","v":""},null,""]
[{"$f":"IF(F354<>\"\",1+MAX($A$6:A353),\"\")","v":144},null,"6\" Metal Studs @ 16\" O.C",111,{"v":0.1,"d":"10%"},{"$f":"D354*(1+E354)","v":{"v":122.10000000000001,"d":"122"}},"SF",{"v":12.2,"d":"$12.2"},{"$f":"H354*F354","v":{"v":1489.6200000000001,"d":"$1,490"}}]
[{"$f":"IF(F355<>\"\",1+MAX($A$6:A354),\"\")","v":145},null,"6\" Metal Runner",28,{"v":0.1,"d":"10%"},{"v":30.800000000000004,"d":"31"},"LF",{"v":16.7,"d":"$16.7"},{"v":514.36,"d":"$514"}]
[{"$f":"IF(F356<>\"\",1+MAX($A$6:A355),\"\")","v":146},null,"Continuous Fire stopping Sealant",28,{"v":0.1,"d":"10%"},{"v":30.800000000000004,"d":"31"},"LF",{"v":1.9,"d":"$1.9"},{"v":58.52,"d":"$59"}]
[{"$f":"IF(F357<>\"\",1+MAX($A$6:A356),\"\")","v":""},null,""]
[{"$f":"IF(F358<>\"\",1+MAX($A$6:A357),\"\")","v":""},null,"Wall Type 1"]
[{"$f":"IF(F359<>\"\",1+MAX($A$6:A358),\"\")","v":147},null,"(1) Layer Of  1/2\" Gypsum Board On Each Side",4146,{"v":0.1,"d":"10%"},{"$f":"D359*(1+E359)","v":{"v":4560.6,"d":"4561"}},"SF",{"v":3.3,"d":"$3.3"},{"$f":"H359*F359","v":{"v":15049.98,"d":"$15,050"}}]
[{"$f":"IF(F360<>\"\",1+MAX($A$6:A359),\"\")","v":""},null,"Dry Wall Screws(Ea.)",6219]
[{"$f":"IF(F361<>\"\",1+MAX($A$6:A360),\"\")","v":""},null,"Tapping (Lf.)",1813.875]
[{"$f":"IF(F362<>\"\",1+MAX($A$6:A361),\"\")","v":""},null,"Adhesive (Ea.)",129.5625]
[{"$f":"IF(F363<>\"\",1+MAX($A$6:A362),\"\")","v":""},null,"Number Of Sheets (Size=4'X8')(Ea.)",129.5625]
[{"$f":"IF(F364<>\"\",1+MAX($A$6:A363),\"\")","v":""},null,""]
[{"$f":"IF(F365<>\"\",1+MAX($A$6:A364),\"\")","v":148},null,"2\"X4\" Wood Studs @ 16\" O.C",2073,{"v":0.1,"d":"10%"},{"$f":"D365*(1+E365)","v":{"v":2280.3,"d":"2280"}},"SF",{"v":2.5,"d":"$2.5"},{"$f":"H365*F365","v":{"v":5700.75,"d":"$5,701"}}]
[{"$f":"IF(F366<>\"\",1+MAX($A$6:A365),\"\")","v":149},null,"2\"X4\" Wood Top Runner",644,{"v":0.1,"d":"10%"},{"v":708.4000000000001,"d":"708"},"LF",{"v":3.4,"d":"$3.4"},{"v":2408.5600000000004,"d":"$2,409"}]
[{"$f":"IF(F367<>\"\",1+MAX($A$6:A366),\"\")","v":150},null,"2\"X4\" Wood Bottom Runner",322,{"v":0.1,"d":"10%"},{"v":354.20000000000005,"d":"354"},"LF",{"v":3.4,"d":"$3.4"},{"v":1204.2800000000002,"d":"$1,204"}]
[{"$f":"IF(F368<>\"\",1+MAX($A$6:A367),\"\")","v":151},null,"Acoustical Sealant",1288,{"v":0.1,"d":"10%"},{"v":1416.8000000000002,"d":"1417"},"LF",{"v":1.9,"d":"$1.9"},{"v":2691.92,"d":"$2,692"}]
[{"$f":"IF(F369<>\"\",1+MAX($A$6:A368),\"\")","v":""},null,""]
[{"$f":"IF(F370<>\"\",1+MAX($A$6:A369),\"\")","v":""},null,"Wall Type 1C"]
[{"$f":"IF(F371<>\"\",1+MAX($A$6:A370),\"\")","v":152},null,"(1) Layer Of  5/8\" Gypsum Board On One Side",492,{"v":0.1,"d":"10%"},{"$f":"D371*(1+E371)","v":{"v":541.2,"d":"541"}},"SF",{"v":3.3,"d":"$3.3"},{"$f":"H371*F371","v":{"v":1785.96,"d":"$1,786"}}]
[{"$f":"IF(F372<>\"\",1+MAX($A$6:A371),\"\")","v":""},null,"Dry Wall Screws(Ea.)",738]
[{"$f":"IF(F373<>\"\",1+MAX($A$6:A372),\"\")","v":""},null,"Tapping (Lf.)",215.25]
[{"$f":"IF(F374<>\"\",1+MAX($A$6:A373),\"\")","v":""},null,"Adhesive (Ea.)",15.375]
[{"$f":"IF(F375<>\"\",1+MAX($A$6:A374),\"\")","v":""},null,"Number Of Sheets (Size=4'X8')(Ea.)",15.375]
[{"$f":"IF(F376<>\"\",1+MAX($A$6:A375),\"\")","v":""},null,""]
[{"$f":"IF(F377<>\"\",1+MAX($A$6:A376),\"\")","v":153},null,"1-5/8\" Galv. Metal Studs @ 16\" O.C",492,{"v":0.1,"d":"10%"},{"$f":"D377*(1+E377)","v":{"v":541.2,"d":"541"}},"SF",{"v":6.5,"d":"$6.5"},{"$f":"H377*F377","v":{"v":3517.8,"d":"$3,518"}}]
[{"$f":"IF(F378<>\"\",1+MAX($A$6:A377),\"\")","v":154},null,"1-5/8\" Galv. Metal Runner",104,{"v":0.1,"d":"10%"},{"v":114.4,"d":"114"},"LF",{"v":9.8,"d":"$9.8"},{"v":1121.1200000000001,"d":"$1,121"}]
[{"$f":"IF(F379<>\"\",1+MAX($A$6:A378),\"\")","v":155},null,"Continuous Fire stopping Sealant",104,{"v":0.1,"d":"10%"},{"v":114.4,"d":"114"},"LF",{"v":1.9,"d":"$1.9"},{"v":217.36,"d":"$217"}]
[{"$f":"IF(F380<>\"\",1+MAX($A$6:A379),\"\")","v":""},null,""]
[{"$f":"IF(F381<>\"\",1+MAX($A$6:A380),\"\")","v":""},null,"Wall Type 2"]
[{"$f":"IF(F382<>\"\",1+MAX($A$6:A381),\"\")","v":156},null,"(1) Layer Of  5/8\" Fire code \"C\" Gypsum Board On Each Side",3794,{"v":0.1,"d":"10%"},{"$f":"D382*(1+E382)","v":{"v":4173.400000000001,"d":"4173"}},"SF",{"v":3.4,"d":"$3.4"},{"$f":"H382*F382","v":{"v":14189.560000000001,"d":"$14,190"}}]
[{"$f":"IF(F383<>\"\",1+MAX($A$6:A382),\"\")","v":""},null,"Dry Wall Screws(Ea.)",5691]
[{"$f":"IF(F384<>\"\",1+MAX($A$6:A383),\"\")","v":""},null,"Tapping (Lf.)",1659.875]
[{"$f":"IF(F385<>\"\",1+MAX($A$6:A384),\"\")","v":""},null,"Adhesive (Ea.)",118.5625]
[{"$f":"IF(F386<>\"\",1+MAX($A$6:A385),\"\")","v":""},null,"Number Of Sheets (Size=4'X8')(Ea.)",118.5625]
[{"$f":"IF(F387<>\"\",1+MAX($A$6:A386),\"\")","v":""},null,""]
[{"$f":"IF(F388<>\"\",1+MAX($A$6:A387),\"\")","v":157},null,"3\" Thermafiber Safb",1897,{"v":0.1,"d":"10%"},{"$f":"D388*(1+E388)","v":{"v":2086.7000000000003,"d":"2087"}},"SF",{"v":2.5,"d":"$2.5"},{"$f":"H388*F388","v":{"v":5216.750000000001,"d":"$5,217"}}]
[{"$f":"IF(F389<>\"\",1+MAX($A$6:A388),\"\")","v":158},null,"1/2\" 25 Ga Resilient Furring Channel (Rc-1) @ 24\" O.C Max Installed Horizontally",1897,{"v":0.1,"d":"10%"},{"v":2086.7000000000003,"d":"2087"},"SF",{"v":5.4,"d":"$5.4"},{"v":11268.180000000002,"d":"$11,268"}]
[{"$f":"IF(F390<>\"\",1+MAX($A$6:A389),\"\")","v":159},null,"2\"X6\" Wood Studs @ 16\" O.C",1897,{"v":0.1,"d":"10%"},{"v":2086.7000000000003,"d":"2087"},"SF",{"v":2.7,"d":"$2.7"},{"v":5634.090000000001,"d":"$5,634"}]
[{"$f":"IF(F391<>\"\",1+MAX($A$6:A390),\"\")","v":160},null,"2\"X6\" Wood Top Runner",494,{"v":0.1,"d":"10%"},{"v":543.4000000000001,"d":"543"},"LF",{"v":3.8,"d":"$3.8"},{"v":2064.92,"d":"$2,065"}]
[{"$f":"IF(F392<>\"\",1+MAX($A$6:A391),\"\")","v":161},null,"2\"X6\" Wood Bottom Runner",247,{"v":0.1,"d":"10%"},{"v":271.70000000000005,"d":"272"},"LF",{"v":3.8,"d":"$3.8"},{"v":1032.46,"d":"$1,032"}]
[{"$f":"IF(F393<>\"\",1+MAX($A$6:A392),\"\")","v":162},null,"Continuous Fire stopping Sealant",988,{"v":0.1,"d":"10%"},{"v":1086.8000000000002,"d":"1087"},"LF",{"v":1.9,"d":"$1.9"},{"v":2064.92,"d":"$2,065"}]
[{"$f":"IF(F394<>\"\",1+MAX($A$6:A393),\"\")","v":""},null,""]
[{"$f":"IF(F395<>\"\",1+MAX($A$6:A394),\"\")","v":""},null,"Wall Type 3"]
[{"$f":"IF(F396<>\"\",1+MAX($A$6:A395),\"\")","v":163},null,"(2) Layer Of  5/8\" Fire code \"C\" Gypsum Board On Each Side",520,{"v":0.1,"d":"10%"},{"$f":"D396*(1+E396)","v":572},"SF",{"v":3.4,"d":"$3.4"},{"$f":"H396*F396","v":{"v":1944.8,"d":"$1,945"}}]
[{"$f":"IF(F397<>\"\",1+MAX($A$6:A396),\"\")","v":""},null,"Dry Wall Screws(Ea.)",780]
[{"$f":"IF(F398<>\"\",1+MAX($A$6:A397),\"\")","v":""},null,"Tapping (Lf.)",227.5]
[{"$f":"IF(F399<>\"\",1+MAX($A$6:A398),\"\")","v":""},null,"Adhesive (Ea.)",16.25]
[{"$f":"IF(F400<>\"\",1+MAX($A$6:A399),\"\")","v":""},null,"Number Of Sheets (Size=4'X8')(Ea.)",16.25]
[{"$f":"IF(F401<>\"\",1+MAX($A$6:A400),\"\")","v":""},null,""]
[{"$f":"IF(F402<>\"\",1+MAX($A$6:A401),\"\")","v":164},null,"3\" Mineral Fiber Insulation",130,{"v":0.1,"d":"10%"},{"$f":"D402*(1+E402)","v":143},"SF",{"v":2.5,"d":"$2.5"},{"$f":"H402*F402","v":{"v":357.5,"d":"$358"}}]
[{"$f":"IF(F403<>\"\",1+MAX($A$6:A402),\"\")","v":165},null,"2\"X4\" Wood Studs @ 16\" O.C",130,{"v":0.1,"d":"10%"},143,"SF",{"v":2.5,"d":"$2.5"},{"v":357.5,"d":"$358"}]
[{"$f":"IF(F404<>\"\",1+MAX($A$6:A403),\"\")","v":166},null,"2\"X4\" Wood Top Runner",34,{"v":0.1,"d":"10%"},{"v":37.400000000000006,"d":"37"},"LF",{"v":3.4,"d":"$3.4"},{"v":127.16000000000001,"d":"$127"}]
[{"$f":"IF(F405<>\"\",1+MAX($A$6:A404),\"\")","v":167},null,"2\"X4\" Wood Bottom Runner",17,{"v":0.1,"d":"10%"},{"v":18.700000000000003,"d":"19"},"LF",{"v":3.4,"d":"$3.4"},{"v":63.580000000000005,"d":"$64"}]
[{"$f":"IF(F406<>\"\",1+MAX($A$6:A405),\"\")","v":168},null,"Continuous Fire stopping Sealant",34,{"v":0.1,"d":"10%"},{"v":37.400000000000006,"d":"37"},"LF",{"v":1.9,"d":"$1.9"},{"v":71.06,"d":"$71"}]
[{"$f":"IF(F407<>\"\",1+MAX($A$6:A406),\"\")","v":""},null,""]
[{"$f":"IF(F408<>\"\",1+MAX($A$6:A407),\"\")","v":""},null,"Wall Type 3A"]
[{"$f":"IF(F409<>\"\",1+MAX($A$6:A408),\"\")","v":169},null,"(2) Layer Of  5/8\" Fire code \"C\" Gypsum Board On Each Side",450,{"v":0.1,"d":"10%"},{"$f":"D409*(1+E409)","v":{"v":495.00000000000006,"d":"495"}},"SF",{"v":3.4,"d":"$3.4"},{"$f":"H409*F409","v":{"v":1683.0000000000002,"d":"$1,683"}}]
[{"$f":"IF(F410<>\"\",1+MAX($A$6:A409),\"\")","v":""},null,"Dry Wall Screws(Ea.)",675]
[{"$f":"IF(F411<>\"\",1+MAX($A$6:A410),\"\")","v":""},null,"Tapping (Lf.)",196.875]
[{"$f":"IF(F412<>\"\",1+MAX($A$6:A411),\"\")","v":""},null,"Adhesive (Ea.)",14.0625]
[{"$f":"IF(F413<>\"\",1+MAX($A$6:A412),\"\")","v":""},null,"Number Of Sheets (Size=4'X8')(Ea.)",14.0625]
[{"$f":"IF(F414<>\"\",1+MAX($A$6:A413),\"\")","v":""},null,""]
[{"$f":"IF(F415<>\"\",1+MAX($A$6:A414),\"\")","v":170},null,"3\" Mineral Fiber Insulation",225,{"v":0.1,"d":"10%"},{"$f":"D415*(1+E415)","v":{"v":247.50000000000003,"d":"248"}},"SF",{"v":2.5,"d":"$2.5"},{"$f":"H415*F415","v":{"v":618.7500000000001,"d":"$619"}}]
[{"$f":"IF(F416<>\"\",1+MAX($A$6:A415),\"\")","v":171},null,"2\"X6\" Wood Studs @ 16\" O.C",225,{"v":0.1,"d":"10%"},{"v":247.50000000000003,"d":"248"},"SF",{"v":2.7,"d":"$2.7"},{"v":668.2500000000001,"d":"$668"}]
[{"$f":"IF(F417<>\"\",1+MAX($A$6:A416),\"\")","v":172},null,"2\"X6\" Wood Top Runner",62,{"v":0.1,"d":"10%"},{"v":68.2,"d":"68"},"LF",{"v":3.8,"d":"$3.8"},{"v":259.16,"d":"$259"}]
[{"$f":"IF(F418<>\"\",1+MAX($A$6:A417),\"\")","v":173},null,"2\"X6\" Wood Bottom Runner",31,{"v":0.1,"d":"10%"},{"v":34.1,"d":"34"},"LF",{"v":3.8,"d":"$3.8"},{"v":129.58,"d":"$130"}]
[{"$f":"IF(F419<>\"\",1+MAX($A$6:A418),\"\")","v":174},null,"Continuous Fire stopping Sealant",124,{"v":0.1,"d":"10%"},{"v":136.4,"d":"136"},"LF",{"v":1.9,"d":"$1.9"},{"v":259.16,"d":"$259"}]
[{"$f":"IF(F420<>\"\",1+MAX($A$6:A419),\"\")","v":""},null,""]
[{"$f":"IF(F421<>\"\",1+MAX($A$6:A420),\"\")","v":""},null,"Wall Type 4"]
[{"$f":"IF(F422<>\"\",1+MAX($A$6:A421),\"\")","v":175},null,"(1) Layer Of  1\" Type \"Slx\" Gypsum Liner Panel On One Side",360,{"v":0.1,"d":"10%"},{"$f":"D422*(1+E422)","v":{"v":396.00000000000006,"d":"396"}},"SF",{"v":3.6,"d":"$3.6"},{"$f":"H422*F422","v":{"v":1425.6000000000001,"d":"$1,426"}}]
[{"$f":"IF(F423<>\"\",1+MAX($A$6:A422),\"\")","v":""},null,"Dry Wall Screws(Ea.)",540]
[{"$f":"IF(F424<>\"\",1+MAX($A$6:A423),\"\")","v":""},null,"Tapping (Lf.)",157.5]
[{"$f":"IF(F425<>\"\",1+MAX($A$6:A424),\"\")","v":""},null,"Adhesive (Ea.)",11.25]
[{"$f":"IF(F426<>\"\",1+MAX($A$6:A425),\"\")","v":""},null,"Number Of Sheets (Size=4'X8')(Ea.)",11.25]
[{"$f":"IF(F427<>\"\",1+MAX($A$6:A426),\"\")","v":""},null,""]
[{"$f":"IF(F428<>\"\",1+MAX($A$6:A427),\"\")","v":176},null,"(2) Layer Of  1/2\" Fire code \"C\" Gypsum Board On One Side (Vertically Installed Only)",720,{"v":0.1,"d":"10%"},{"$f":"D428*(1+E428)","v":{"v":792.0000000000001,"d":"792"}},"SF",{"v":3.4,"d":"$3.4"},{"$f":"H428*F428","v":{"v":2692.8,"d":"$2,693"}}]
[{"$f":"IF(F429<>\"\",1+MAX($A$6:A428),\"\")","v":""},null,"Dry Wall Screws(Ea.)",1080]
[{"$f":"IF(F430<>\"\",1+MAX($A$6:A429),\"\")","v":""},null,"Tapping (Lf.)",315]
[{"$f":"IF(F431<>\"\",1+MAX($A$6:A430),\"\")","v":""},null,"Adhesive (Ea.)",22.5]
[{"$f":"IF(F432<>\"\",1+MAX($A$6:A431),\"\")","v":""},null,"Number Of Sheets (Size=4'X8')(Ea.)",22.5]
[{"$f":"IF(F433<>\"\",1+MAX($A$6:A432),\"\")","v":""},null,""]
[{"$f":"IF(F434<>\"\",1+MAX($A$6:A433),\"\")","v":177},null,"3\" Mineral Fiber Insulation",360,{"v":0.1,"d":"10%"},{"$f":"D434*(1+E434)","v":{"v":396.00000000000006,"d":"396"}},"SF",{"v":2.5,"d":"$2.5"},{"$f":"H434*F434","v":{"v":990.0000000000001,"d":"$990"}}]
[{"$f":"IF(F435<>\"\",1+MAX($A$6:A434),\"\")","v":178},null,"4\" \"C-H\" 20 Ga. Steel Studs @ 24\" O.C @ 16\" O.C",360,{"v":0.1,"d":"10%"},{"v":396.00000000000006,"d":"396"},"SF",{"v":5.4,"d":"$5.4"},{"v":2138.4000000000005,"d":"$2,138"}]
[{"$f":"IF(F436<>\"\",1+MAX($A$6:A435),\"\")","v":179},null,"2\"X6\" Wood Runner",100,{"v":0.1,"d":"10%"},{"v":110.00000000000001,"d":"110"},"LF",{"v":3.8,"d":"$3.8"},{"v":418.00000000000006,"d":"$418"}]
[{"$f":"IF(F437<>\"\",1+MAX($A$6:A436),\"\")","v":180},null,"Continuous Fire stopping Sealant",200,{"v":0.1,"d":"10%"},{"v":220.00000000000003,"d":"220"},"LF",{"v":1.9,"d":"$1.9"},{"v":418.00000000000006,"d":"$418"}]
[{"$f":"IF(F438<>\"\",1+MAX($A$6:A437),\"\")","v":""},null,""]
[{"$f":"IF(F439<>\"\",1+MAX($A$6:A438),\"\")","v":""},null,"Wall Type 5"]
[{"$f":"IF(F440<>\"\",1+MAX($A$6:A439),\"\")","v":181},null,"(1) Layer Of  1/2\" Moisture Resistant Gypsum Board On One Side",524,{"v":0.1,"d":"10%"},{"$f":"D440*(1+E440)","v":{"v":576.4000000000001,"d":"576"}},"SF",{"v":3.4,"d":"$3.4"},{"$f":"H440*F440","v":{"v":1959.7600000000002,"d":"$1,960"}}]
[{"$f":"IF(F441<>\"\",1+MAX($A$6:A440),\"\")","v":""},null,"Dry Wall Screws(Ea.)",786]
[{"$f":"IF(F442<>\"\",1+MAX($A$6:A441),\"\")","v":""},null,"Tapping (Lf.)",229.25]
[{"$f":"IF(F443<>\"\",1+MAX($A$6:A442),\"\")","v":""},null,"Adhesive (Ea.)",16.375]
[{"$f":"IF(F444<>\"\",1+MAX($A$6:A443),\"\")","v":""},null,"Number Of Sheets (Size=4'X8')(Ea.)",16.375]
[{"$f":"IF(F445<>\"\",1+MAX($A$6:A444),\"\")","v":""},null,""]
[{"$f":"IF(F446<>\"\",1+MAX($A$6:A445),\"\")","v":182},null,"3-1/2\" Fiberglass Sound Attenuation Blanket",524,{"v":0.1,"d":"10%"},{"$f":"D446*(1+E446)","v":{"v":576.4000000000001,"d":"576"}},"SF",{"v":2.5,"d":"$2.5"},{"$f":"H446*F446","v":{"v":1441.0000000000002,"d":"$1,441"}}]
[{"$f":"IF(F447<>\"\",1+MAX($A$6:A446),\"\")","v":183},null,"2\"X4\" Wood Studs @ 16\" O.C",524,{"v":0.1,"d":"10%"},{"v":576.4000000000001,"d":"576"},"SF",{"v":2.5,"d":"$2.5"},{"v":1441.0000000000002,"d":"$1,441"}]
[{"$f":"IF(F448<>\"\",1+MAX($A$6:A447),\"\")","v":184},null,"2\"X4\" Wood Top Runner",132,{"v":0.1,"d":"10%"},{"v":145.20000000000002,"d":"145"},"LF",{"v":3.4,"d":"$3.4"},{"v":493.68000000000006,"d":"$494"}]
[{"$f":"IF(F449<>\"\",1+MAX($A$6:A448),\"\")","v":185},null,"2\"X4\" Wood Bottom Runner",66,{"v":0.1,"d":"10%"},{"v":72.60000000000001,"d":"73"},"LF",{"v":3.4,"d":"$3.4"},{"v":246.84000000000003,"d":"$247"}]
[{"$f":"IF(F450<>\"\",1+MAX($A$6:A449),\"\")","v":186},null,"Continuous Fire stopping Sealant",132,{"v":0.1,"d":"10%"},{"v":145.20000000000002,"d":"145"},"LF",{"v":1.9,"d":"$1.9"},{"v":275.88,"d":"$276"}]
[{"$f":"IF(F451<>\"\",1+MAX($A$6:A450),\"\")","v":""},null,""]
[{"$f":"IF(F452<>\"\",1+MAX($A$6:A451),\"\")","v":""},null,"Wall Type 6"]
[{"$f":"IF(F453<>\"\",1+MAX($A$6:A452),\"\")","v":187},null,"(1) Layer Of  5/8\" Type \"X\" Gypsum Board On One Side",3780,{"v":0.1,"d":"10%"},{"$f":"D453*(1+E453)","v":4158},"SF",{"v":3.3,"d":"$3.3"},{"$f":"H453*F453","v":{"v":13721.4,"d":"$13,721"}}]
[{"$f":"IF(F454<>\"\",1+MAX($A$6:A453),\"\")","v":""},null,"Dry Wall Screws(Ea.)",5670]
[{"$f":"IF(F455<>\"\",1+MAX($A$6:A454),\"\")","v":""},null,"Tapping (Lf.)",1653.75]
[{"$f":"IF(F456<>\"\",1+MAX($A$6:A455),\"\")","v":""},null,"Adhesive (Ea.)",118.125]
[{"$f":"IF(F457<>\"\",1+MAX($A$6:A456),\"\")","v":""},null,"Number Of Sheets (Size=4'X8')(Ea.)",118.125]
[{"$f":"IF(F458<>\"\",1+MAX($A$6:A457),\"\")","v":""},null,""]
[{"$f":"IF(F459<>\"\",1+MAX($A$6:A458),\"\")","v":188},null,"3\" Thick (R-15) Mold Resistant Rigid Insulation",3780,{"v":0.1,"d":"10%"},{"$f":"D459*(1+E459)","v":4158},"SF",{"v":2.5,"d":"$2.5"},{"$f":"H459*F459","v":{"v":10395,"d":"$10,395"}}]
[{"$f":"IF(F460<>\"\",1+MAX($A$6:A459),\"\")","v":189},null,"Vapor Barrier",3780,{"v":0.1,"d":"10%"},4158,"SF",{"v":1.2,"d":"$1.2"},{"v":4989.599999999999,"d":"$4,990"}]
[{"$f":"IF(F461<>\"\",1+MAX($A$6:A460),\"\")","v":190},null,"3-5/8\" Galvanized 20 Guage Metal Studs @ 16\" O.C",3780,{"v":0.1,"d":"10%"},4158,"SF",{"v":8.7,"d":"$8.7"},{"v":36174.6,"d":"$36,175"}]
[{"$f":"IF(F462<>\"\",1+MAX($A$6:A461),\"\")","v":191},null,"3-5/8\" Galvanized 20 Guage Metal Slip Track Runner",616,{"v":0.1,"d":"10%"},{"v":677.6,"d":"678"},"LF",{"v":14.3,"d":"$14.3"},{"v":9689.68,"d":"$9,690"}]
[{"$f":"IF(F463<>\"\",1+MAX($A$6:A462),\"\")","v":192},null,"Continuous Fire stopping Sealant",616,{"v":0.1,"d":"10%"},{"v":677.6,"d":"678"},"LF",{"v":1.9,"d":"$1.9"},{"v":1287.44,"d":"$1,287"}]
[{"$f":"IF(F464<>\"\",1+MAX($A$6:A463),\"\")","v":""},null,""]
[{"$f":"IF(F465<>\"\",1+MAX($A$6:A464),\"\")","v":""},null,"Wall Type 6A"]
[{"$f":"IF(F466<>\"\",1+MAX($A$6:A465),\"\")","v":193},null,"(1) Layer Of  1/2\" Moisture Resistant Gypsum Board On One Side",434,{"v":0.1,"d":"10%"},{"$f":"D466*(1+E466)","v":{"v":477.40000000000003,"d":"477"}},"SF",{"v":3.4,"d":"$3.4"},{"$f":"H466*F466","v":{"v":1623.16,"d":"$1,623"}}]
[{"$f":"IF(F467<>\"\",1+MAX($A$6:A466),\"\")","v":""},null,"Dry Wall Screws(Ea.)",651]
[{"$f":"IF(F468<>\"\",1+MAX($A$6:A467),\"\")","v":""},null,"Tapping (Lf.)",189.875]
[{"$f":"IF(F469<>\"\",1+MAX($A$6:A468),\"\")","v":""},null,"Adhesive (Ea.)",13.5625]
[{"$f":"IF(F470<>\"\",1+MAX($A$6:A469),\"\")","v":""},null,"Number Of Sheets (Size=4'X8')(Ea.)",13.5625]
[{"$f":"IF(F471<>\"\",1+MAX($A$6:A470),\"\")","v":""},null,""]
[{"$f":"IF(F472<>\"\",1+MAX($A$6:A471),\"\")","v":194},null,"2\"X4\" Wood Studs @ 16\" O.C",434,{"v":0.1,"d":"10%"},{"$f":"D472*(1+E472)","v":{"v":477.40000000000003,"d":"477"}},"SF",{"v":2.5,"d":"$2.5"},{"$f":"H472*F472","v":{"v":1193.5,"d":"$1,194"}}]
[{"$f":"IF(F473<>\"\",1+MAX($A$6:A472),\"\")","v":195},null,"2\"X4\" Wood Top Runner",58,{"v":0.1,"d":"10%"},{"v":63.800000000000004,"d":"64"},"LF",{"v":3.4,"d":"$3.4"},{"v":216.92000000000002,"d":"$217"}]
[{"$f":"IF(F474<>\"\",1+MAX($A$6:A473),\"\")","v":196},null,"2\"X4\" Wood Bottom Runner",29,{"v":0.1,"d":"10%"},{"v":31.900000000000002,"d":"32"},"LF",{"v":3.4,"d":"$3.4"},{"v":108.46000000000001,"d":"$108"}]
[{"$f":"IF(F475<>\"\",1+MAX($A$6:A474),\"\")","v":197},null,"Continuous Fire stopping Sealant",58,{"v":0.1,"d":"10%"},{"v":63.800000000000004,"d":"64"},"LF",{"v":1.9,"d":"$1.9"},{"v":121.22,"d":"$121"}]
[{"$f":"IF(F476<>\"\",1+MAX($A$6:A475),\"\")","v":""},null,""]
[{"$f":"IF(F477<>\"\",1+MAX($A$6:A476),\"\")","v":""},null,"3Rd Floor"]
[{"$f":"IF(F478<>\"\",1+MAX($A$6:A477),\"\")","v":""},null,""]
[{"$f":"IF(F479<>\"\",1+MAX($A$6:A478),\"\")","v":""},null,"Wall Type 1B"]
[{"$f":"IF(F480<>\"\",1+MAX($A$6:A479),\"\")","v":198},null,"(1) Layer Of  5/8\" Gypsum Board On One Side",107,{"v":0.1,"d":"10%"},{"$f":"D480*(1+E480)","v":{"v":117.7,"d":"118"}},"SF",{"v":3.3,"d":"$3.3"},{"$f":"H480*F480","v":{"v":388.40999999999997,"d":"$388"}}]
[{"$f":"IF(F481<>\"\",1+MAX($A$6:A480),\"\")","v":""},null,"Dry Wall Screws(Ea.)",160.5]
[{"$f":"IF(F482<>\"\",1+MAX($A$6:A481),\"\")","v":""},null,"Tapping (Lf.)",46.8125]
[{"$f":"IF(F483<>\"\",1+MAX($A$6:A482),\"\")","v":""},null,"Adhesive (Ea.)",3.34375]
[{"$f":"IF(F484<>\"\",1+MAX($A$6:A483),\"\")","v":""},null,"Number Of Sheets (Size=4'X8')(Ea.)",3.34375]
[{"$f":"IF(F485<>\"\",1+MAX($A$6:A484),\"\")","v":""},null,""]
[{"$f":"IF(F486<>\"\",1+MAX($A$6:A485),\"\")","v":199},null,"6\" Metal Studs @ 16\" O.C",107,{"v":0.1,"d":"10%"},{"$f":"D486*(1+E486)","v":{"v":117.7,"d":"118"}},"SF",{"v":12.2,"d":"$12.2"},{"$f":"H486*F486","v":{"v":1435.94,"d":"$1,436"}}]
[{"$f":"IF(F487<>\"\",1+MAX($A$6:A486),\"\")","v":200},null,"6\" Metal Runner",28,{"v":0.1,"d":"10%"},{"v":30.800000000000004,"d":"31"},"LF",{"v":17.8,"d":"$17.8"},{"v":548.2400000000001,"d":"$548"}]
[{"$f":"IF(F488<>\"\",1+MAX($A$6:A487),\"\")","v":201},null,"Continuous Fire stopping Sealant",56,{"v":0.1,"d":"10%"},{"v":61.60000000000001,"d":"62"},"LF",{"v":1.9,"d":"$1.9"},{"v":117.04,"d":"$117"}]
[{"$f":"IF(F489<>\"\",1+MAX($A$6:A488),\"\")","v":""},null,""]
[{"$f":"IF(F490<>\"\",1+MAX($A$6:A489),\"\")","v":""},null,"Wall Type 1"]
[{"$f":"IF(F491<>\"\",1+MAX($A$6:A490),\"\")","v":202},null,"(1) Layer Of  1/2\" Gypsum Board On Each Side",5286,{"v":0.1,"d":"10%"},{"$f":"D491*(1+E491)","v":{"v":5814.6,"d":"5815"}},"SF",{"v":3.3,"d":"$3.3"},{"$f":"H491*F491","v":{"v":19188.18,"d":"$19,188"}}]
[{"$f":"IF(F492<>\"\",1+MAX($A$6:A491),\"\")","v":""},null,"Dry Wall Screws(Ea.)",7929]
[{"$f":"IF(F493<>\"\",1+MAX($A$6:A492),\"\")","v":""},null,"Tapping (Lf.)",2312.625]
[{"$f":"IF(F494<>\"\",1+MAX($A$6:A493),\"\")","v":""},null,"Adhesive (Ea.)",165.1875]
[{"$f":"IF(F495<>\"\",1+MAX($A$6:A494),\"\")","v":""},null,"Number Of Sheets (Size=4'X8')(Ea.)",165.1875]
[{"$f":"IF(F496<>\"\",1+MAX($A$6:A495),\"\")","v":""},null,""]
[{"$f":"IF(F497<>\"\",1+MAX($A$6:A496),\"\")","v":203},null,"2\"X4\" Wood Studs @ 16\" O.C",2643,{"v":0.1,"d":"10%"},{"$f":"D497*(1+E497)","v":{"v":2907.3,"d":"2907"}},"SF",{"v":2.5,"d":"$2.5"},{"$f":"H497*F497","v":{"v":7268.25,"d":"$7,268"}}]
[{"$f":"IF(F498<>\"\",1+MAX($A$6:A497),\"\")","v":204},null,"2\"X4\" Wood Top Runner",660,{"v":0.1,"d":"10%"},{"v":726.0000000000001,"d":"726"},"LF",{"v":3.4,"d":"$3.4"},{"v":2468.4000000000005,"d":"$2,468"}]
[{"$f":"IF(F499<>\"\",1+MAX($A$6:A498),\"\")","v":205},null,"2\"X4\" Wood Bottom Runner",330,{"v":0.1,"d":"10%"},{"v":363.00000000000006,"d":"363"},"LF",{"v":3.4,"d":"$3.4"},{"v":1234.2000000000003,"d":"$1,234"}]
[{"$f":"IF(F500<>\"\",1+MAX($A$6:A499),\"\")","v":206},null,"Acoustical Sealant",1320,{"v":0.1,"d":"10%"},{"v":1452.0000000000002,"d":"1452"},"LF",{"v":1.9,"d":"$1.9"},{"v":2758.8,"d":"$2,759"}]
[{"$f":"IF(F501<>\"\",1+MAX($A$6:A500),\"\")","v":""},null,""]
[{"$f":"IF(F502<>\"\",1+MAX($A$6:A501),\"\")","v":""},null,"Wall Type 3A"]
[{"$f":"IF(F503<>\"\",1+MAX($A$6:A502),\"\")","v":207},null,"(2) Layer Of  5/8\" Fire code \"C\" Gypsum Board On Each Side",1740,{"v":0.1,"d":"10%"},{"$f":"D503*(1+E503)","v":{"v":1914.0000000000002,"d":"1914"}},"SF",{"v":3.4,"d":"$3.4"},{"$f":"H503*F503","v":{"v":6507.6,"d":"$6,508"}}]
[{"$f":"IF(F504<>\"\",1+MAX($A$6:A503),\"\")","v":""},null,"Dry Wall Screws(Ea.)",2610]
[{"$f":"IF(F505<>\"\",1+MAX($A$6:A504),\"\")","v":""},null,"Tapping (Lf.)",761.25]
[{"$f":"IF(F506<>\"\",1+MAX($A$6:A505),\"\")","v":""},null,"Adhesive (Ea.)",54.375]
[{"$f":"IF(F507<>\"\",1+MAX($A$6:A506),\"\")","v":""},null,"Number Of Sheets (Size=4'X8')(Ea.)",54.375]
[{"$f":"IF(F508<>\"\",1+MAX($A$6:A507),\"\")","v":""},null,""]
[{"$f":"IF(F509<>\"\",1+MAX($A$6:A508),\"\")","v":208},null,"3\" Mineral Fiber Insulation",435,{"v":0.1,"d":"10%"},{"$f":"D509*(1+E509)","v":{"v":478.50000000000006,"d":"479"}},"SF",{"v":2.5,"d":"$2.5"},{"$f":"H509*F509","v":{"v":1196.2500000000002,"d":"$1,196"}}]
[{"$f":"IF(F510<>\"\",1+MAX($A$6:A509),\"\")","v":209},null,"2\"X6\" Wood Studs @ 16\" O.C",435,{"v":0.1,"d":"10%"},{"v":478.50000000000006,"d":"479"},"SF",{"v":2.7,"d":"$2.7"},{"v":1291.9500000000003,"d":"$1,292"}]
[{"$f":"IF(F511<>\"\",1+MAX($A$6:A510),\"\")","v":210},null,"2\"X6\" Wood Top Runner",62,{"v":0.1,"d":"10%"},{"v":68.2,"d":"68"},"LF",{"v":3.8,"d":"$3.8"},{"v":259.16,"d":"$259"}]
[{"$f":"IF(F512<>\"\",1+MAX($A$6:A511),\"\")","v":211},null,"2\"X6\" Wood Bottom Runner",31,{"v":0.1,"d":"10%"},{"v":34.1,"d":"34"},"LF",{"v":3.8,"d":"$3.8"},{"v":129.58,"d":"$130"}]
[{"$f":"IF(F513<>\"\",1+MAX($A$6:A512),\"\")","v":212},null,"Continuous Fire stopping Sealant",124,{"v":0.1,"d":"10%"},{"v":136.4,"d":"136"},"LF",{"v":1.9,"d":"$1.9"},{"v":259.16,"d":"$259"}]
[{"$f":"IF(F514<>\"\",1+MAX($A$6:A513),\"\")","v":""},null,""]
[{"$f":"IF(F515<>\"\",1+MAX($A$6:A514),\"\")","v":""},null,"Wall Type 4"]
[{"$f":"IF(F516<>\"\",1+MAX($A$6:A515),\"\")","v":213},null,"(1) Layer Of  1\" Type \"Slx\" Gypsum Liner Panel On One Side",293,{"v":0.1,"d":"10%"},{"$f":"D516*(1+E516)","v":{"v":322.3,"d":"322"}},"SF",{"v":3.6,"d":"$3.6"},{"$f":"H516*F516","v":{"v":1160.28,"d":"$1,160"}}]
[{"$f":"IF(F517<>\"\",1+MAX($A$6:A516),\"\")","v":""},null,"Dry Wall Screws(Ea.)",439.5]
[{"$f":"IF(F518<>\"\",1+MAX($A$6:A517),\"\")","v":""},null,"Tapping (Lf.)",128.1875]
[{"$f":"IF(F519<>\"\",1+MAX($A$6:A518),\"\")","v":""},null,"Adhesive (Ea.)",9.15625]
[{"$f":"IF(F520<>\"\",1+MAX($A$6:A519),\"\")","v":""},null,"Number Of Sheets (Size=4'X8')(Ea.)",9.15625]
[{"$f":"IF(F521<>\"\",1+MAX($A$6:A520),\"\")","v":""},null,""]
[{"$f":"IF(F522<>\"\",1+MAX($A$6:A521),\"\")","v":214},null,"(2) Layer Of  1/2\" Fire code \"C\" Gypsum Board On One Side (Vertically Installed Only)",586,{"v":0.1,"d":"10%"},{"$f":"D522*(1+E522)","v":{"v":644.6,"d":"645"}},"SF",{"v":3.4,"d":"$3.4"},{"$f":"H522*F522","v":{"v":2191.64,"d":"$2,192"}}]
[{"$f":"IF(F523<>\"\",1+MAX($A$6:A522),\"\")","v":""},null,"Dry Wall Screws(Ea.)",879]
[{"$f":"IF(F524<>\"\",1+MAX($A$6:A523),\"\")","v":""},null,"Tapping (Lf.)",256.375]
[{"$f":"IF(F525<>\"\",1+MAX($A$6:A524),\"\")","v":""},null,"Adhesive (Ea.)",18.3125]
[{"$f":"IF(F526<>\"\",1+MAX($A$6:A525),\"\")","v":""},null,"Number Of Sheets (Size=4'X8')(Ea.)",18.3125]
[{"$f":"IF(F527<>\"\",1+MAX($A$6:A526),\"\")","v":""},null,""]
[{"$f":"IF(F528<>\"\",1+MAX($A$6:A527),\"\")","v":215},null,"3\" Mineral Fiber Insulation",293,{"v":0.1,"d":"10%"},{"$f":"D528*(1+E528)","v":{"v":322.3,"d":"322"}},"SF",{"v":2.5,"d":"$2.5"},{"$f":"H528*F528","v":{"v":805.75,"d":"$806"}}]
[{"$f":"IF(F529<>\"\",1+MAX($A$6:A528),\"\")","v":216},null,"4\" \"C-H\" 20 Ga. Steel Studs @ 24\" O.C @ 16\" O.C",293,{"v":0.1,"d":"10%"},{"v":322.3,"d":"322"},"SF",{"v":5.4,"d":"$5.4"},{"v":1740.42,"d":"$1,740"}]
[{"$f":"IF(F530<>\"\",1+MAX($A$6:A529),\"\")","v":217},null,"2\"X6\" Wood Runner",42,{"v":0.1,"d":"10%"},{"v":46.2,"d":"46"},"LF",{"v":3.8,"d":"$3.8"},{"v":175.56,"d":"$176"}]
[{"$f":"IF(F531<>\"\",1+MAX($A$6:A530),\"\")","v":218},null,"Continuous Fire stopping Sealant",84,{"v":0.1,"d":"10%"},{"v":92.4,"d":"92"},"LF",{"v":1.9,"d":"$1.9"},{"v":175.56,"d":"$176"}]
[{"$f":"IF(F532<>\"\",1+MAX($A$6:A531),\"\")","v":""},null,""]
[{"$f":"IF(F533<>\"\",1+MAX($A$6:A532),\"\")","v":""},null,"Wall Type 5"]
[{"$f":"IF(F534<>\"\",1+MAX($A$6:A533),\"\")","v":219},null,"(1) Layer Of  1/2\" Moisture Resistant Gypsum Board On One Side",296,{"v":0.1,"d":"10%"},{"$f":"D534*(1+E534)","v":{"v":325.6,"d":"326"}},"SF",{"v":3.4,"d":"$3.4"},{"$f":"H534*F534","v":{"v":1107.04,"d":"$1,107"}}]
[{"$f":"IF(F535<>\"\",1+MAX($A$6:A534),\"\")","v":""},null,"Dry Wall Screws(Ea.)",444]
[{"$f":"IF(F536<>\"\",1+MAX($A$6:A535),\"\")","v":""},null,"Tapping (Lf.)",129.5]
[{"$f":"IF(F537<>\"\",1+MAX($A$6:A536),\"\")","v":""},null,"Adhesive (Ea.)",9.25]
[{"$f":"IF(F538<>\"\",1+MAX($A$6:A537),\"\")","v":""},null,"Number Of Sheets (Size=4'X8')(Ea.)",9.25]
[{"$f":"IF(F539<>\"\",1+MAX($A$6:A538),\"\")","v":""},null,""]
[{"$f":"IF(F540<>\"\",1+MAX($A$6:A539),\"\")","v":220},null,"3-1/2\" Fiberglass Sound Attenuation Blanket",296,{"v":0.1,"d":"10%"},{"$f":"D540*(1+E540)","v":{"v":325.6,"d":"326"}},"SF",{"v":2.5,"d":"$2.5"},{"$f":"H540*F540","v":{"v":814,"d":"$814"}}]
[{"$f":"IF(F541<>\"\",1+MAX($A$6:A540),\"\")","v":221},null,"2\"X4\" Wood Studs @ 16\" O.C",296,{"v":0.1,"d":"10%"},{"v":325.6,"d":"326"},"SF",{"v":2.5,"d":"$2.5"},{"v":814,"d":"$814"}]
[{"$f":"IF(F542<>\"\",1+MAX($A$6:A541),\"\")","v":222},null,"2\"X4\" Wood Top Runner",78,{"v":0.1,"d":"10%"},{"v":85.80000000000001,"d":"86"},"LF",{"v":3.4,"d":"$3.4"},{"v":291.72,"d":"$292"}]
[{"$f":"IF(F543<>\"\",1+MAX($A$6:A542),\"\")","v":223},null,"2\"X4\" Wood Bottom Runner",39,{"v":0.1,"d":"10%"},{"v":42.900000000000006,"d":"43"},"LF",{"v":3.4,"d":"$3.4"},{"v":145.86,"d":"$146"}]
[{"$f":"IF(F544<>\"\",1+MAX($A$6:A543),\"\")","v":224},null,"Continuous Fire stopping Sealant",78,{"v":0.1,"d":"10%"},{"v":85.80000000000001,"d":"86"},"LF",{"v":1.9,"d":"$1.9"},{"v":163.02,"d":"$163"}]
[{"$f":"IF(F545<>\"\",1+MAX($A$6:A544),\"\")","v":""},null,""]
[{"$f":"IF(F546<>\"\",1+MAX($A$6:A545),\"\")","v":""},null,"Wall Type 1C"]
[{"$f":"IF(F547<>\"\",1+MAX($A$6:A546),\"\")","v":225},null,"(1) Layer Of  5/8\" Gypsum Board On One Side",227,{"v":0.1,"d":"10%"},{"$f":"D547*(1+E547)","v":{"v":249.70000000000002,"d":"250"}},"SF",{"v":3.3,"d":"$3.3"},{"$f":"H547*F547","v":{"v":824.01,"d":"$824"}}]
[{"$f":"IF(F548<>\"\",1+MAX($A$6:A547),\"\")","v":""},null,"Dry Wall Screws(Ea.)",340.5]
[{"$f":"IF(F549<>\"\",1+MAX($A$6:A548),\"\")","v":""},null,"Tapping (Lf.)",99.3125]
[{"$f":"IF(F550<>\"\",1+MAX($A$6:A549),\"\")","v":""},null,"Adhesive (Ea.)",7.09375]
[{"$f":"IF(F551<>\"\",1+MAX($A$6:A550),\"\")","v":""},null,"Number Of Sheets (Size=4'X8')(Ea.)",7.09375]
[{"$f":"IF(F552<>\"\",1+MAX($A$6:A551),\"\")","v":""},null,""]
[{"$f":"IF(F553<>\"\",1+MAX($A$6:A552),\"\")","v":226},null,"1-5/8\" Galv. Metal Studs @ 16\" O.C",227,{"v":0.1,"d":"10%"},{"$f":"D553*(1+E553)","v":{"v":249.70000000000002,"d":"250"}},"SF",{"v":6.7,"d":"$6.7"},{"$f":"H553*F553","v":{"v":1672.9900000000002,"d":"$1,673"}}]
[{"$f":"IF(F554<>\"\",1+MAX($A$6:A553),\"\")","v":227},null,"1-5/8\" Galv. Metal Runner",32,{"v":0.1,"d":"10%"},{"v":35.2,"d":"35"},"LF",{"v":9.8,"d":"$9.8"},{"v":344.96000000000004,"d":"$345"}]
[{"$f":"IF(F555<>\"\",1+MAX($A$6:A554),\"\")","v":228},null,"Continuous Fire stopping Sealant",32,{"v":0.1,"d":"10%"},{"v":35.2,"d":"35"},"LF",{"v":1.9,"d":"$1.9"},{"v":66.88,"d":"$67"}]
[{"$f":"IF(F556<>\"\",1+MAX($A$6:A555),\"\")","v":""},null,""]
[{"$f":"IF(F557<>\"\",1+MAX($A$6:A556),\"\")","v":""},null,"Wall Type 2"]
[{"$f":"IF(F558<>\"\",1+MAX($A$6:A557),\"\")","v":229},null,"(1) Layer Of  5/8\" Fire code \"C\" Gypsum Board On Each Side",6600,{"v":0.1,"d":"10%"},{"$f":"D558*(1+E558)","v":{"v":7260.000000000001,"d":"7260"}},"SF",{"v":3.4,"d":"$3.4"},{"$f":"H558*F558","v":{"v":24684.000000000004,"d":"$24,684"}}]
[{"$f":"IF(F559<>\"\",1+MAX($A$6:A558),\"\")","v":""},null,"Dry Wall Screws(Ea.)",9900]
[{"$f":"IF(F560<>\"\",1+MAX($A$6:A559),\"\")","v":""},null,"Tapping (Lf.)",2887.5]
[{"$f":"IF(F561<>\"\",1+MAX($A$6:A560),\"\")","v":""},null,"Adhesive (Ea.)",206.25]
[{"$f":"IF(F562<>\"\",1+MAX($A$6:A561),\"\")","v":""},null,"Number Of Sheets (Size=4'X8')(Ea.)",206.25]
[{"$f":"IF(F563<>\"\",1+MAX($A$6:A562),\"\")","v":""},null,""]
[{"$f":"IF(F564<>\"\",1+MAX($A$6:A563),\"\")","v":230},null,"3\" Thermafiber Safb",3300,{"v":0.1,"d":"10%"},{"$f":"D564*(1+E564)","v":{"v":3630.0000000000005,"d":"3630"}},"SF",{"v":2.5,"d":"$2.5"},{"$f":"H564*F564","v":{"v":9075.000000000002,"d":"$9,075"}}]
[{"$f":"IF(F565<>\"\",1+MAX($A$6:A564),\"\")","v":231},null,"1/2\" 25 Ga Resilient Furring Channel (Rc-1) @ 24\" O.C Max Installed Horizontally",3300,{"v":0.1,"d":"10%"},{"v":3630.0000000000005,"d":"3630"},"SF",{"v":6.5,"d":"$6.5"},{"v":23595.000000000004,"d":"$23,595"}]
[{"$f":"IF(F566<>\"\",1+MAX($A$6:A565),\"\")","v":232},null,"2\"X6\" Wood Studs @ 16\" O.C",3300,{"v":0.1,"d":"10%"},{"v":3630.0000000000005,"d":"3630"},"SF",{"v":2.7,"d":"$2.7"},{"v":9801.000000000002,"d":"$9,801"}]
[{"$f":"IF(F567<>\"\",1+MAX($A$6:A566),\"\")","v":233},null,"2\"X6\" Wood Top Runner",468,{"v":0.1,"d":"10%"},{"v":514.8000000000001,"d":"515"},"LF",{"v":3.8,"d":"$3.8"},{"v":1956.2400000000002,"d":"$1,956"}]
[{"$f":"IF(F568<>\"\",1+MAX($A$6:A567),\"\")","v":234},null,"2\"X6\" Wood Bottom Runner",234,{"v":0.1,"d":"10%"},{"v":257.40000000000003,"d":"257"},"LF",{"v":3.8,"d":"$3.8"},{"v":978.1200000000001,"d":"$978"}]
[{"$f":"IF(F569<>\"\",1+MAX($A$6:A568),\"\")","v":235},null,"Continuous Fire stopping Sealant",936,{"v":0.1,"d":"10%"},{"v":1029.6000000000001,"d":"1030"},"LF",{"v":1.9,"d":"$1.9"},{"v":1956.2400000000002,"d":"$1,956"}]
[{"$f":"IF(F570<>\"\",1+MAX($A$6:A569),\"\")","v":""},null,""]
[{"$f":"IF(F571<>\"\",1+MAX($A$6:A570),\"\")","v":""},null,"Wall Type 3"]
[{"$f":"IF(F572<>\"\",1+MAX($A$6:A571),\"\")","v":236},null,"(2) Layer Of  5/8\" Fire code \"C\" Gypsum Board On Each Side",1344,{"v":0.1,"d":"10%"},{"$f":"D572*(1+E572)","v":{"v":1478.4,"d":"1478"}},"SF",{"v":3.4,"d":"$3.4"},{"$f":"H572*F572","v":{"v":5026.56,"d":"$5,027"}}]
[{"$f":"IF(F573<>\"\",1+MAX($A$6:A572),\"\")","v":""},null,"Dry Wall Screws(Ea.)",2016]
[{"$f":"IF(F574<>\"\",1+MAX($A$6:A573),\"\")","v":""},null,"Tapping (Lf.)",588]
[{"$f":"IF(F575<>\"\",1+MAX($A$6:A574),\"\")","v":""},null,"Adhesive (Ea.)",42]
[{"$f":"IF(F576<>\"\",1+MAX($A$6:A575),\"\")","v":""},null,"Number Of Sheets (Size=4'X8')(Ea.)",42]
[{"$f":"IF(F577<>\"\",1+MAX($A$6:A576),\"\")","v":""},null,""]
[{"$f":"IF(F578<>\"\",1+MAX($A$6:A577),\"\")","v":237},null,"3\" Mineral Fiber Insulation",336,{"v":0.1,"d":"10%"},{"$f":"D578*(1+E578)","v":{"v":369.6,"d":"370"}},"SF",{"v":2.5,"d":"$2.5"},{"$f":"H578*F578","v":{"v":924,"d":"$924"}}]
[{"$f":"IF(F579<>\"\",1+MAX($A$6:A578),\"\")","v":238},null,"2\"X4\" Wood Studs @ 16\" O.C",336,{"v":0.1,"d":"10%"},{"v":369.6,"d":"370"},"SF",{"v":2.5,"d":"$2.5"},{"v":924,"d":"$924"}]
[{"$f":"IF(F580<>\"\",1+MAX($A$6:A579),\"\")","v":239},null,"2\"X4\" Wood Top Runner",48,{"v":0.1,"d":"10%"},{"v":52.800000000000004,"d":"53"},"LF",{"v":3.4,"d":"$3.4"},{"v":179.52,"d":"$180"}]
[{"$f":"IF(F581<>\"\",1+MAX($A$6:A580),\"\")","v":240},null,"2\"X4\" Wood Bottom Runner",24,{"v":0.1,"d":"10%"},{"v":26.400000000000002,"d":"26"},"LF",{"v":3.4,"d":"$3.4"},{"v":89.76,"d":"$90"}]
[{"$f":"IF(F582<>\"\",1+MAX($A$6:A581),\"\")","v":241},null,"Continuous Fire stopping Sealant",96,{"v":0.1,"d":"10%"},{"v":105.60000000000001,"d":"106"},"LF",{"v":1.9,"d":"$1.9"},{"v":200.64000000000001,"d":"$201"}]
[{"$f":"IF(F583<>\"\",1+MAX($A$6:A582),\"\")","v":""},null,""]
[{"$f":"IF(F584<>\"\",1+MAX($A$6:A583),\"\")","v":""},null,"Wall Type 4"]
[{"$f":"IF(F585<>\"\",1+MAX($A$6:A584),\"\")","v":242},null,"(1) Layer Of  1\" Type \"Slx\" Gypsum Liner Panel On One Side",35,{"v":0.1,"d":"10%"},{"$f":"D585*(1+E585)","v":{"v":38.5,"d":"39"}},"SF",{"v":3.6,"d":"$3.6"},{"$f":"H585*F585","v":{"v":138.6,"d":"$139"}}]
[{"$f":"IF(F586<>\"\",1+MAX($A$6:A585),\"\")","v":""},null,"Dry Wall Screws(Ea.)",52.5]
[{"$f":"IF(F587<>\"\",1+MAX($A$6:A586),\"\")","v":""},null,"Tapping (Lf.)",15.3125]
[{"$f":"IF(F588<>\"\",1+MAX($A$6:A587),\"\")","v":""},null,"Adhesive (Ea.)",1.09375]
[{"$f":"IF(F589<>\"\",1+MAX($A$6:A588),\"\")","v":""},null,"Number Of Sheets (Size=4'X8')(Ea.)",1.09375]
[{"$f":"IF(F590<>\"\",1+MAX($A$6:A589),\"\")","v":""},null,""]
[{"$f":"IF(F591<>\"\",1+MAX($A$6:A590),\"\")","v":243},null,"(2) Layer Of  1/2\" Fire code \"C\" Gypsum Board On One Side (Vertically Installed Only)",70,{"v":0.1,"d":"10%"},{"$f":"D591*(1+E591)","v":77},"SF",{"v":3.4,"d":"$3.4"},{"$f":"H591*F591","v":{"v":261.8,"d":"$262"}}]
[{"$f":"IF(F592<>\"\",1+MAX($A$6:A591),\"\")","v":""},null,"Dry Wall Screws(Ea.)",105]
[{"$f":"IF(F593<>\"\",1+MAX($A$6:A592),\"\")","v":""},null,"Tapping (Lf.)",30.625]
[{"$f":"IF(F594<>\"\",1+MAX($A$6:A593),\"\")","v":""},null,"Adhesive (Ea.)",2.1875]
[{"$f":"IF(F595<>\"\",1+MAX($A$6:A594),\"\")","v":""},null,"Number Of Sheets (Size=4'X8')(Ea.)",2.1875]
[{"$f":"IF(F596<>\"\",1+MAX($A$6:A595),\"\")","v":""},null,""]
[{"$f":"IF(F597<>\"\",1+MAX($A$6:A596),\"\")","v":244},null,"3\" Mineral Fiber Insulation",35,{"v":0.1,"d":"10%"},{"$f":"D597*(1+E597)","v":{"v":38.5,"d":"39"}},"SF",{"v":2.5,"d":"$2.5"},{"$f":"H597*F597","v":{"v":96.25,"d":"$96"}}]
[{"$f":"IF(F598<>\"\",1+MAX($A$6:A597),\"\")","v":245},null,"4\" \"C-H\" 20 Ga. Steel Studs @ 24\" O.C @ 16\" O.C",35,{"v":0.1,"d":"10%"},{"v":38.5,"d":"39"},"SF",{"v":5.4,"d":"$5.4"},{"v":207.9,"d":"$208"}]
[{"$f":"IF(F599<>\"\",1+MAX($A$6:A598),\"\")","v":246},null,"2\"X6\" Wood Runner",18,{"v":0.1,"d":"10%"},{"v":19.8,"d":"20"},"LF",{"v":3.8,"d":"$3.8"},{"v":75.24,"d":"$75"}]
[{"$f":"IF(F600<>\"\",1+MAX($A$6:A599),\"\")","v":247},null,"Continuous Fire stopping Sealant",18,{"v":0.1,"d":"10%"},{"v":19.8,"d":"20"},"LF",{"v":1.9,"d":"$1.9"},{"v":37.62,"d":"$38"}]
[{"$f":"IF(F601<>\"\",1+MAX($A$6:A600),\"\")","v":""},null,""]
[{"$f":"IF(F602<>\"\",1+MAX($A$6:A601),\"\")","v":""},null,"Wall Type 5"]
[{"$f":"IF(F603<>\"\",1+MAX($A$6:A602),\"\")","v":248},null,"(1) Layer Of  1/2\" Moisture Resistant Gypsum Board On One Side",398,{"v":0.1,"d":"10%"},{"$f":"D603*(1+E603)","v":{"v":437.8,"d":"438"}},"SF",{"v":3.4,"d":"$3.4"},{"$f":"H603*F603","v":{"v":1488.52,"d":"$1,489"}}]
[{"$f":"IF(F604<>\"\",1+MAX($A$6:A603),\"\")","v":""},null,"Dry Wall Screws(Ea.)",597]
[{"$f":"IF(F605<>\"\",1+MAX($A$6:A604),\"\")","v":""},null,"Tapping (Lf.)",174.125]
[{"$f":"IF(F606<>\"\",1+MAX($A$6:A605),\"\")","v":""},null,"Adhesive (Ea.)",12.4375]
[{"$f":"IF(F607<>\"\",1+MAX($A$6:A606),\"\")","v":""},null,"Number Of Sheets (Size=4'X8')(Ea.)",12.4375]
[{"$f":"IF(F608<>\"\",1+MAX($A$6:A607),\"\")","v":""},null,""]
[{"$f":"IF(F609<>\"\",1+MAX($A$6:A608),\"\")","v":249},null,"3-1/2\" Fiberglass Sound Attenuation Blanket",398,{"v":0.1,"d":"10%"},{"$f":"D609*(1+E609)","v":{"v":437.8,"d":"438"}},"SF",{"v":2.5,"d":"$2.5"},{"$f":"H609*F609","v":{"v":1094.5,"d":"$1,095"}}]
[{"$f":"IF(F610<>\"\",1+MAX($A$6:A609),\"\")","v":250},null,"2\"X4\" Wood Studs @ 16\" O.C",233,{"v":0.1,"d":"10%"},{"v":256.3,"d":"256"},"SF",{"v":2.5,"d":"$2.5"},{"v":640.75,"d":"$641"}]
[{"$f":"IF(F611<>\"\",1+MAX($A$6:A610),\"\")","v":251},null,"2\"X4\" Wood Top Runner",32,{"v":0.1,"d":"10%"},{"v":35.2,"d":"35"},"LF",{"v":3.4,"d":"$3.4"},{"v":119.68,"d":"$120"}]
[{"$f":"IF(F612<>\"\",1+MAX($A$6:A611),\"\")","v":252},null,"2\"X4\" Wood Bottom Runner",16,{"v":0.1,"d":"10%"},{"v":17.6,"d":"18"},"LF",{"v":3.4,"d":"$3.4"},{"v":59.84,"d":"$60"}]
[{"$f":"IF(F613<>\"\",1+MAX($A$6:A612),\"\")","v":253},null,"Continuous Fire stopping Sealant",32,{"v":0.1,"d":"10%"},{"v":35.2,"d":"35"},"LF",{"v":1.9,"d":"$1.9"},{"v":66.88,"d":"$67"}]
[{"$f":"IF(F614<>\"\",1+MAX($A$6:A613),\"\")","v":""},null,""]
[{"$f":"IF(F615<>\"\",1+MAX($A$6:A614),\"\")","v":""},null,"Wall Type 6"]
[{"$f":"IF(F616<>\"\",1+MAX($A$6:A615),\"\")","v":254},null,"(1) Layer Of  5/8\" Type \"X\" Gypsum Board On One Side",3784,{"v":0.1,"d":"10%"},{"$f":"D616*(1+E616)","v":{"v":4162.400000000001,"d":"4162"}},"SF",{"v":3.3,"d":"$3.3"},{"$f":"H616*F616","v":{"v":13735.920000000002,"d":"$13,736"}}]
[{"$f":"IF(F617<>\"\",1+MAX($A$6:A616),\"\")","v":""},null,"Dry Wall Screws(Ea.)",5676]
[{"$f":"IF(F618<>\"\",1+MAX($A$6:A617),\"\")","v":""},null,"Tapping (Lf.)",1655.5]
[{"$f":"IF(F619<>\"\",1+MAX($A$6:A618),\"\")","v":""},null,"Adhesive (Ea.)",118.25]
[{"$f":"IF(F620<>\"\",1+MAX($A$6:A619),\"\")","v":""},null,"Number Of Sheets (Size=4'X8')(Ea.)",118.25]
[{"$f":"IF(F621<>\"\",1+MAX($A$6:A620),\"\")","v":""},null,""]
[{"$f":"IF(F622<>\"\",1+MAX($A$6:A621),\"\")","v":255},null,"3\" Thick (R-15) Mold Resistant Rigid Insulation",3784,{"v":0.1,"d":"10%"},{"$f":"D622*(1+E622)","v":{"v":4162.400000000001,"d":"4162"}},"SF",{"v":2.5,"d":"$2.5"},{"$f":"H622*F622","v":{"v":10406.000000000002,"d":"$10,406"}}]
[{"$f":"IF(F623<>\"\",1+MAX($A$6:A622),\"\")","v":256},null,"Vapor Barrier",3784,{"v":0.1,"d":"10%"},{"v":4162.400000000001,"d":"4162"},"SF",{"v":1.2,"d":"$1.2"},{"v":4994.88,"d":"$4,995"}]
[{"$f":"IF(F624<>\"\",1+MAX($A$6:A623),\"\")","v":257},null,"3-5/8\" Galvanized 20 Guage Metal Studs @ 16\" O.C",3784,{"v":0.1,"d":"10%"},{"v":4162.400000000001,"d":"4162"},"SF",{"v":8.7,"d":"$8.7"},{"v":36212.880000000005,"d":"$36,213"}]
[{"$f":"IF(F625<>\"\",1+MAX($A$6:A624),\"\")","v":258},null,"3-5/8\" Galvanized 20 Guage Metal Slip Track Runner",616,{"v":0.1,"d":"10%"},{"v":677.6,"d":"678"},"LF",{"v":14.3,"d":"$14.3"},{"v":9689.68,"d":"$9,690"}]
[{"$f":"IF(F626<>\"\",1+MAX($A$6:A625),\"\")","v":259},null,"Continuous Fire stopping Sealant",616,{"v":0.1,"d":"10%"},{"v":677.6,"d":"678"},"LF",{"v":1.9,"d":"$1.9"},{"v":1287.44,"d":"$1,287"}]
[{"$f":"IF(F627<>\"\",1+MAX($A$6:A626),\"\")","v":""},null,""]
[{"$f":"IF(F628<>\"\",1+MAX($A$6:A627),\"\")","v":""},null,"Wall Type 6A"]
[{"$f":"IF(F629<>\"\",1+MAX($A$6:A628),\"\")","v":260},null,"(1) Layer Of  1/2\" Moisture Resistant Gypsum Board On One Side",443,{"v":0.1,"d":"10%"},{"$f":"D629*(1+E629)","v":{"v":487.3,"d":"487"}},"SF",{"v":3.4,"d":"$3.4"},{"$f":"H629*F629","v":{"v":1656.82,"d":"$1,657"}}]
[{"$f":"IF(F630<>\"\",1+MAX($A$6:A629),\"\")","v":""},null,"Dry Wall Screws(Ea.)",664.5]
[{"$f":"IF(F631<>\"\",1+MAX($A$6:A630),\"\")","v":""},null,"Tapping (Lf.)",193.8125]
[{"$f":"IF(F632<>\"\",1+MAX($A$6:A631),\"\")","v":""},null,"Adhesive (Ea.)",13.84375]
[{"$f":"IF(F633<>\"\",1+MAX($A$6:A632),\"\")","v":""},null,"Number Of Sheets (Size=4'X8')(Ea.)",13.84375]
[{"$f":"IF(F634<>\"\",1+MAX($A$6:A633),\"\")","v":""},null,""]
[{"$f":"IF(F635<>\"\",1+MAX($A$6:A634),\"\")","v":261},null,"2\"X4\" Wood Studs @ 16\" O.C",443,{"v":0.1,"d":"10%"},{"$f":"D635*(1+E635)","v":{"v":487.3,"d":"487"}},"SF",{"v":2.5,"d":"$2.5"},{"$f":"H635*F635","v":{"v":1218.25,"d":"$1,218"}}]
[{"$f":"IF(F636<>\"\",1+MAX($A$6:A635),\"\")","v":262},null,"2\"X4\" Wood Top Runner",68,{"v":0.1,"d":"10%"},{"v":74.80000000000001,"d":"75"},"LF",{"v":3.4,"d":"$3.4"},{"v":254.32000000000002,"d":"$254"}]
[{"$f":"IF(F637<>\"\",1+MAX($A$6:A636),\"\")","v":263},null,"2\"X4\" Wood Bottom Runner",34,{"v":0.1,"d":"10%"},{"v":37.400000000000006,"d":"37"},"LF",{"v":3.4,"d":"$3.4"},{"v":127.16000000000001,"d":"$127"}]
[{"$f":"IF(F638<>\"\",1+MAX($A$6:A637),\"\")","v":264},null,"Continuous Fire stopping Sealant",68,{"v":0.1,"d":"10%"},{"v":74.80000000000001,"d":"75"},"LF",{"v":1.9,"d":"$1.9"},{"v":142.12,"d":"$142"}]
[{"$f":"IF(F639<>\"\",1+MAX($A$6:A638),\"\")","v":""},null,""]
[{"$f":"IF(F640<>\"\",1+MAX($A$6:A639),\"\")","v":""},null,"4Rth Floor"]
[{"$f":"IF(F641<>\"\",1+MAX($A$6:A640),\"\")","v":""},null,""]
[{"$f":"IF(F642<>\"\",1+MAX($A$6:A641),\"\")","v":""},null,"Wall Type 1B"]
[{"$f":"IF(F643<>\"\",1+MAX($A$6:A642),\"\")","v":265},null,"(1) Layer Of  5/8\" Gypsum Board On One Side",107,{"v":0.1,"d":"10%"},{"$f":"D643*(1+E643)","v":{"v":117.7,"d":"118"}},"SF",{"v":3.3,"d":"$3.3"},{"$f":"H643*F643","v":{"v":388.40999999999997,"d":"$388"}}]
[{"$f":"IF(F644<>\"\",1+MAX($A$6:A643),\"\")","v":""},null,"Dry Wall Screws(Ea.)",160.5]
[{"$f":"IF(F645<>\"\",1+MAX($A$6:A644),\"\")","v":""},null,"Tapping (Lf.)",46.8125]
[{"$f":"IF(F646<>\"\",1+MAX($A$6:A645),\"\")","v":""},null,"Adhesive (Ea.)",3.34375]
[{"$f":"IF(F647<>\"\",1+MAX($A$6:A646),\"\")","v":""},null,"Number Of Sheets (Size=4'X8')(Ea.)",3.34375]
[{"$f":"IF(F648<>\"\",1+MAX($A$6:A647),\"\")","v":""},null,""]
[{"$f":"IF(F649<>\"\",1+MAX($A$6:A648),\"\")","v":266},null,"6\" Metal Studs @ 16\" O.C",107,{"v":0.1,"d":"10%"},{"$f":"D649*(1+E649)","v":{"v":117.7,"d":"118"}},"SF",{"v":12.2,"d":"$12.2"},{"$f":"H649*F649","v":{"v":1435.94,"d":"$1,436"}}]
[{"$f":"IF(F650<>\"\",1+MAX($A$6:A649),\"\")","v":267},null,"6\" Metal Runner",28,{"v":0.1,"d":"10%"},{"v":30.800000000000004,"d":"31"},"LF",{"v":17.6,"d":"$17.6"},{"v":542.0800000000002,"d":"$542"}]
[{"$f":"IF(F651<>\"\",1+MAX($A$6:A650),\"\")","v":268},null,"Continuous Fire stopping Sealant",56,{"v":0.1,"d":"10%"},{"v":61.60000000000001,"d":"62"},"LF",{"v":1.9,"d":"$1.9"},{"v":117.04,"d":"$117"}]
[{"$f":"IF(F652<>\"\",1+MAX($A$6:A651),\"\")","v":""},null,""]
[{"$f":"IF(F653<>\"\",1+MAX($A$6:A652),\"\")","v":""},null,"Wall Type 1"]
[{"$f":"IF(F654<>\"\",1+MAX($A$6:A653),\"\")","v":269},null,"(1) Layer Of  1/2\" Gypsum Board On Each Side",5286,{"v":0.1,"d":"10%"},{"$f":"D654*(1+E654)","v":{"v":5814.6,"d":"5815"}},"SF",{"v":3.3,"d":"$3.3"},{"$f":"H654*F654","v":{"v":19188.18,"d":"$19,188"}}]
[{"$f":"IF(F655<>\"\",1+MAX($A$6:A654),\"\")","v":""},null,"Dry Wall Screws(Ea.)",7929]
[{"$f":"IF(F656<>\"\",1+MAX($A$6:A655),\"\")","v":""},null,"Tapping (Lf.)",2312.625]
[{"$f":"IF(F657<>\"\",1+MAX($A$6:A656),\"\")","v":""},null,"Adhesive (Ea.)",165.1875]
[{"$f":"IF(F658<>\"\",1+MAX($A$6:A657),\"\")","v":""},null,"Number Of Sheets (Size=4'X8')(Ea.)",165.1875]
[{"$f":"IF(F659<>\"\",1+MAX($A$6:A658),\"\")","v":""},null,""]
[{"$f":"IF(F660<>\"\",1+MAX($A$6:A659),\"\")","v":270},null,"2\"X4\" Wood Studs @ 16\" O.C",2643,{"v":0.1,"d":"10%"},{"$f":"D660*(1+E660)","v":{"v":2907.3,"d":"2907"}},"SF",{"v":2.5,"d":"$2.5"},{"$f":"H660*F660","v":{"v":7268.25,"d":"$7,268"}}]
[{"$f":"IF(F661<>\"\",1+MAX($A$6:A660),\"\")","v":271},null,"2\"X4\" Wood Top Runner",660,{"v":0.1,"d":"10%"},{"v":726.0000000000001,"d":"726"},"LF",{"v":3.4,"d":"$3.4"},{"v":2468.4000000000005,"d":"$2,468"}]
[{"$f":"IF(F662<>\"\",1+MAX($A$6:A661),\"\")","v":272},null,"2\"X4\" Wood Bottom Runner",330,{"v":0.1,"d":"10%"},{"v":363.00000000000006,"d":"363"},"LF",{"v":3.4,"d":"$3.4"},{"v":1234.2000000000003,"d":"$1,234"}]
[{"$f":"IF(F663<>\"\",1+MAX($A$6:A662),\"\")","v":273},null,"Acoustical Sealant",1320,{"v":0.1,"d":"10%"},{"v":1452.0000000000002,"d":"1452"},"LF",{"v":1.9,"d":"$1.9"},{"v":2758.8,"d":"$2,759"}]
[{"$f":"IF(F664<>\"\",1+MAX($A$6:A663),\"\")","v":""},null,""]
[{"$f":"IF(F665<>\"\",1+MAX($A$6:A664),\"\")","v":""},null,"Wall Type 3A"]
[{"$f":"IF(F666<>\"\",1+MAX($A$6:A665),\"\")","v":274},null,"(2) Layer Of  5/8\" Fire code \"C\" Gypsum Board On Each Side",744,{"v":0.1,"d":"10%"},{"$f":"D666*(1+E666)","v":{"v":818.4000000000001,"d":"818"}},"SF",{"v":3.4,"d":"$3.4"},{"$f":"H666*F666","v":{"v":2782.5600000000004,"d":"$2,783"}}]
[{"$f":"IF(F667<>\"\",1+MAX($A$6:A666),\"\")","v":""},null,"Dry Wall Screws(Ea.)",1116]
[{"$f":"IF(F668<>\"\",1+MAX($A$6:A667),\"\")","v":""},null,"Tapping (Lf.)",325.5]
[{"$f":"IF(F669<>\"\",1+MAX($A$6:A668),\"\")","v":""},null,"Adhesive (Ea.)",23.25]
[{"$f":"IF(F670<>\"\",1+MAX($A$6:A669),\"\")","v":""},null,"Number Of Sheets (Size=4'X8')(Ea.)",23.25]
[{"$f":"IF(F671<>\"\",1+MAX($A$6:A670),\"\")","v":""},null,""]
[{"$f":"IF(F672<>\"\",1+MAX($A$6:A671),\"\")","v":275},null,"3\" Mineral Fiber Insulation",372,{"v":0.1,"d":"10%"},{"$f":"D672*(1+E672)","v":{"v":409.20000000000005,"d":"409"}},"SF",{"v":2.5,"d":"$2.5"},{"$f":"H672*F672","v":{"v":1023.0000000000001,"d":"$1,023"}}]
[{"$f":"IF(F673<>\"\",1+MAX($A$6:A672),\"\")","v":276},null,"2\"X6\" Wood Studs @ 16\" O.C",372,{"v":0.1,"d":"10%"},{"v":409.20000000000005,"d":"409"},"SF",{"v":2.7,"d":"$2.7"},{"v":1104.8400000000001,"d":"$1,105"}]
[{"$f":"IF(F674<>\"\",1+MAX($A$6:A673),\"\")","v":277},null,"2\"X6\" Wood Top Runner",62,{"v":0.1,"d":"10%"},{"v":68.2,"d":"68"},"LF",{"v":3.8,"d":"$3.8"},{"v":259.16,"d":"$259"}]
[{"$f":"IF(F675<>\"\",1+MAX($A$6:A674),\"\")","v":278},null,"2\"X6\" Wood Bottom Runner",31,{"v":0.1,"d":"10%"},{"v":34.1,"d":"34"},"LF",{"v":3.8,"d":"$3.8"},{"v":129.58,"d":"$130"}]
[{"$f":"IF(F676<>\"\",1+MAX($A$6:A675),\"\")","v":279},null,"Continuous Fire stopping Sealant",124,{"v":0.1,"d":"10%"},{"v":136.4,"d":"136"},"LF",{"v":1.9,"d":"$1.9"},{"v":259.16,"d":"$259"}]
[{"$f":"IF(F677<>\"\",1+MAX($A$6:A676),\"\")","v":""},null,""]
[{"$f":"IF(F678<>\"\",1+MAX($A$6:A677),\"\")","v":""},null,"Wall Type 4"]
[{"$f":"IF(F679<>\"\",1+MAX($A$6:A678),\"\")","v":280},null,"(1) Layer Of  1\" Type \"Slx\" Gypsum Liner Panel On One Side",252,{"v":0.1,"d":"10%"},{"$f":"D679*(1+E679)","v":{"v":277.20000000000005,"d":"277"}},"SF",{"v":3.6,"d":"$3.6"},{"$f":"H679*F679","v":{"v":997.9200000000002,"d":"$998"}}]
[{"$f":"IF(F680<>\"\",1+MAX($A$6:A679),\"\")","v":""},null,"Dry Wall Screws(Ea.)",378]
[{"$f":"IF(F681<>\"\",1+MAX($A$6:A680),\"\")","v":""},null,"Tapping (Lf.)",110.25]
[{"$f":"IF(F682<>\"\",1+MAX($A$6:A681),\"\")","v":""},null,"Adhesive (Ea.)",7.875]
[{"$f":"IF(F683<>\"\",1+MAX($A$6:A682),\"\")","v":""},null,"Number Of Sheets (Size=4'X8')(Ea.)",7.875]
[{"$f":"IF(F684<>\"\",1+MAX($A$6:A683),\"\")","v":""},null,""]
[{"$f":"IF(F685<>\"\",1+MAX($A$6:A684),\"\")","v":281},null,"(2) Layer Of  1/2\" Fire code \"C\" Gypsum Board On One Side (Vertically Installed Only)",504,{"v":0.1,"d":"10%"},{"$f":"D685*(1+E685)","v":{"v":554.4000000000001,"d":"554"}},"SF",{"v":3.4,"d":"$3.4"},{"$f":"H685*F685","v":{"v":1884.9600000000003,"d":"$1,885"}}]
[{"$f":"IF(F686<>\"\",1+MAX($A$6:A685),\"\")","v":""},null,"Dry Wall Screws(Ea.)",756]
[{"$f":"IF(F687<>\"\",1+MAX($A$6:A686),\"\")","v":""},null,"Tapping (Lf.)",220.5]
[{"$f":"IF(F688<>\"\",1+MAX($A$6:A687),\"\")","v":""},null,"Adhesive (Ea.)",15.75]
[{"$f":"IF(F689<>\"\",1+MAX($A$6:A688),\"\")","v":""},null,"Number Of Sheets (Size=4'X8')(Ea.)",15.75]
[{"$f":"IF(F690<>\"\",1+MAX($A$6:A689),\"\")","v":""},null,""]
[{"$f":"IF(F691<>\"\",1+MAX($A$6:A690),\"\")","v":282},null,"3\" Mineral Fiber Insulation",252,{"v":0.1,"d":"10%"},{"$f":"D691*(1+E691)","v":{"v":277.20000000000005,"d":"277"}},"SF",{"v":2.5,"d":"$2.5"},{"$f":"H691*F691","v":{"v":693.0000000000001,"d":"$693"}}]
[{"$f":"IF(F692<>\"\",1+MAX($A$6:A691),\"\")","v":283},null,"4\" \"C-H\" 20 Ga. Steel Studs @ 24\" O.C @ 16\" O.C",252,{"v":0.1,"d":"10%"},{"v":277.20000000000005,"d":"277"},"SF",{"v":5.4,"d":"$5.4"},{"v":1496.8800000000003,"d":"$1,497"}]
[{"$f":"IF(F693<>\"\",1+MAX($A$6:A692),\"\")","v":284},null,"2\"X6\" Wood Runner",42,{"v":0.1,"d":"10%"},{"v":46.2,"d":"46"},"LF",{"v":3.8,"d":"$3.8"},{"v":175.56,"d":"$176"}]
[{"$f":"IF(F694<>\"\",1+MAX($A$6:A693),\"\")","v":285},null,"Continuous Fire stopping Sealant",84,{"v":0.1,"d":"10%"},{"v":92.4,"d":"92"},"LF",{"v":1.9,"d":"$1.9"},{"v":175.56,"d":"$176"}]
[{"$f":"IF(F695<>\"\",1+MAX($A$6:A694),\"\")","v":""},null,""]
[{"$f":"IF(F696<>\"\",1+MAX($A$6:A695),\"\")","v":""},null,"Wall Type 5"]
[{"$f":"IF(F697<>\"\",1+MAX($A$6:A696),\"\")","v":286},null,"(1) Layer Of  1/2\" Moisture Resistant Gypsum Board On One Side",694,{"v":0.1,"d":"10%"},{"$f":"D697*(1+E697)","v":{"v":763.4000000000001,"d":"763"}},"SF",{"v":3.4,"d":"$3.4"},{"$f":"H697*F697","v":{"v":2595.5600000000004,"d":"$2,596"}}]
[{"$f":"IF(F698<>\"\",1+MAX($A$6:A697),\"\")","v":""},null,"Dry Wall Screws(Ea.)",1041]
[{"$f":"IF(F699<>\"\",1+MAX($A$6:A698),\"\")","v":""},null,"Tapping (Lf.)",303.625]
[{"$f":"IF(F700<>\"\",1+MAX($A$6:A699),\"\")","v":""},null,"Adhesive (Ea.)",21.6875]
[{"$f":"IF(F701<>\"\",1+MAX($A$6:A700),\"\")","v":""},null,"Number Of Sheets (Size=4'X8')(Ea.)",21.6875]
[{"$f":"IF(F702<>\"\",1+MAX($A$6:A701),\"\")","v":""},null,""]
[{"$f":"IF(F703<>\"\",1+MAX($A$6:A702),\"\")","v":287},null,"3-1/2\" Fiberglass Sound Attenuation Blanket",694,{"v":0.1,"d":"10%"},{"$f":"D703*(1+E703)","v":{"v":763.4000000000001,"d":"763"}},"SF",{"v":2.5,"d":"$2.5"},{"$f":"H703*F703","v":{"v":1908.5000000000002,"d":"$1,909"}}]
[{"$f":"IF(F704<>\"\",1+MAX($A$6:A703),\"\")","v":288},null,"2\"X4\" Wood Studs @ 16\" O.C",694,{"v":0.1,"d":"10%"},{"v":763.4000000000001,"d":"763"},"SF",{"v":2.5,"d":"$2.5"},{"v":1908.5000000000002,"d":"$1,909"}]
[{"$f":"IF(F705<>\"\",1+MAX($A$6:A704),\"\")","v":289},null,"2\"X4\" Wood Top Runner",78,{"v":0.1,"d":"10%"},{"v":85.80000000000001,"d":"86"},"LF",{"v":3.4,"d":"$3.4"},{"v":291.72,"d":"$292"}]
[{"$f":"IF(F706<>\"\",1+MAX($A$6:A705),\"\")","v":290},null,"2\"X4\" Wood Bottom Runner",39,{"v":0.1,"d":"10%"},{"v":42.900000000000006,"d":"43"},"LF",{"v":3.4,"d":"$3.4"},{"v":145.86,"d":"$146"}]
[{"$f":"IF(F707<>\"\",1+MAX($A$6:A706),\"\")","v":291},null,"Continuous Fire stopping Sealant",78,{"v":0.1,"d":"10%"},{"v":85.80000000000001,"d":"86"},"LF",{"v":1.9,"d":"$1.9"},{"v":163.02,"d":"$163"}]
[{"$f":"IF(F708<>\"\",1+MAX($A$6:A707),\"\")","v":""},null,""]
[{"$f":"IF(F709<>\"\",1+MAX($A$6:A708),\"\")","v":""},null,"Wall Type 1C"]
[{"$f":"IF(F710<>\"\",1+MAX($A$6:A709),\"\")","v":292},null,"(1) Layer Of  5/8\" Gypsum Board On One Side",227,{"v":0.1,"d":"10%"},{"$f":"D710*(1+E710)","v":{"v":249.70000000000002,"d":"250"}},"SF",{"v":3.3,"d":"$3.3"},{"$f":"H710*F710","v":{"v":824.01,"d":"$824"}}]
[{"$f":"IF(F711<>\"\",1+MAX($A$6:A710),\"\")","v":""},null,"Dry Wall Screws(Ea.)",340.5]
[{"$f":"IF(F712<>\"\",1+MAX($A$6:A711),\"\")","v":""},null,"Tapping (Lf.)",99.3125]
[{"$f":"IF(F713<>\"\",1+MAX($A$6:A712),\"\")","v":""},null,"Adhesive (Ea.)",7.09375]
[{"$f":"IF(F714<>\"\",1+MAX($A$6:A713),\"\")","v":""},null,"Number Of Sheets (Size=4'X8')(Ea.)",7.09375]
[{"$f":"IF(F715<>\"\",1+MAX($A$6:A714),\"\")","v":""},null,""]
[{"$f":"IF(F716<>\"\",1+MAX($A$6:A715),\"\")","v":293},null,"1-5/8\" Galv. Metal Studs @ 16\" O.C",227,{"v":0.1,"d":"10%"},{"$f":"D716*(1+E716)","v":{"v":249.70000000000002,"d":"250"}},"SF",{"v":6.7,"d":"$6.7"},{"$f":"H716*F716","v":{"v":1672.9900000000002,"d":"$1,673"}}]
[{"$f":"IF(F717<>\"\",1+MAX($A$6:A716),\"\")","v":294},null,"1-5/8\" Galv. Metal Runner",32,{"v":0.1,"d":"10%"},{"v":35.2,"d":"35"},"LF",{"v":8.9,"d":"$8.9"},{"v":313.28000000000003,"d":"$313"}]
[{"$f":"IF(F718<>\"\",1+MAX($A$6:A717),\"\")","v":295},null,"Continuous Fire stopping Sealant",32,{"v":0.1,"d":"10%"},{"v":35.2,"d":"35"},"LF",{"v":1.9,"d":"$1.9"},{"v":66.88,"d":"$67"}]
[{"$f":"IF(F719<>\"\",1+MAX($A$6:A718),\"\")","v":""},null,""]
[{"$f":"IF(F720<>\"\",1+MAX($A$6:A719),\"\")","v":""},null,"Wall Type 2"]
[{"$f":"IF(F721<>\"\",1+MAX($A$6:A720),\"\")","v":296},null,"(1) Layer Of  5/8\" Fire code \"C\" Gypsum Board On Each Side",5626,{"v":0.1,"d":"10%"},{"$f":"D721*(1+E721)","v":{"v":6188.6,"d":"6189"}},"SF",{"v":3.4,"d":"$3.4"},{"$f":"H721*F721","v":{"v":21041.24,"d":"$21,041"}}]
[{"$f":"IF(F722<>\"\",1+MAX($A$6:A721),\"\")","v":""},null,"Dry Wall Screws(Ea.)",8439]
[{"$f":"IF(F723<>\"\",1+MAX($A$6:A722),\"\")","v":""},null,"Tapping (Lf.)",2461.375]
[{"$f":"IF(F724<>\"\",1+MAX($A$6:A723),\"\")","v":""},null,"Adhesive (Ea.)",175.8125]
[{"$f":"IF(F725<>\"\",1+MAX($A$6:A724),\"\")","v":""},null,"Number Of Sheets (Size=4'X8')(Ea.)",175.8125]
[{"$f":"IF(F726<>\"\",1+MAX($A$6:A725),\"\")","v":""},null,""]
[{"$f":"IF(F727<>\"\",1+MAX($A$6:A726),\"\")","v":297},null,"3\" Thermafiber Safb",2813,{"v":0.1,"d":"10%"},{"$f":"D727*(1+E727)","v":{"v":3094.3,"d":"3094"}},"SF",{"v":2.5,"d":"$2.5"},{"$f":"H727*F727","v":{"v":7735.75,"d":"$7,736"}}]
[{"$f":"IF(F728<>\"\",1+MAX($A$6:A727),\"\")","v":298},null,"1/2\" 25 Ga Resilient Furring Channel (Rc-1) @ 24\" O.C Max Installed Horizontally",2813,{"v":0.1,"d":"10%"},{"v":3094.3,"d":"3094"},"SF",{"v":4.5,"d":"$4.5"},{"v":13924.35,"d":"$13,924"}]
[{"$f":"IF(F729<>\"\",1+MAX($A$6:A728),\"\")","v":299},null,"2\"X6\" Wood Studs @ 16\" O.C",2813,{"v":0.1,"d":"10%"},{"v":3094.3,"d":"3094"},"SF",{"v":2.7,"d":"$2.7"},{"v":8354.61,"d":"$8,355"}]
[{"$f":"IF(F730<>\"\",1+MAX($A$6:A729),\"\")","v":300},null,"2\"X6\" Wood Top Runner",468,{"v":0.1,"d":"10%"},{"v":514.8000000000001,"d":"515"},"LF",{"v":3.8,"d":"$3.8"},{"v":1956.2400000000002,"d":"$1,956"}]
[{"$f":"IF(F731<>\"\",1+MAX($A$6:A730),\"\")","v":301},null,"2\"X6\" Wood Bottom Runner",234,{"v":0.1,"d":"10%"},{"v":257.40000000000003,"d":"257"},"LF",{"v":3.8,"d":"$3.8"},{"v":978.1200000000001,"d":"$978"}]
[{"$f":"IF(F732<>\"\",1+MAX($A$6:A731),\"\")","v":302},null,"Continuous Fire stopping Sealant",936,{"v":0.1,"d":"10%"},{"v":1029.6000000000001,"d":"1030"},"LF",{"v":1.9,"d":"$1.9"},{"v":1956.2400000000002,"d":"$1,956"}]
[{"$f":"IF(F733<>\"\",1+MAX($A$6:A732),\"\")","v":""},null,""]
[{"$f":"IF(F734<>\"\",1+MAX($A$6:A733),\"\")","v":""},null,"Wall Type 3"]
[{"$f":"IF(F735<>\"\",1+MAX($A$6:A734),\"\")","v":303},null,"(2) Layer Of  5/8\" Fire code \"C\" Gypsum Board On Each Side",1132,{"v":0.1,"d":"10%"},{"$f":"D735*(1+E735)","v":{"v":1245.2,"d":"1245"}},"SF",{"v":3.4,"d":"$3.4"},{"$f":"H735*F735","v":{"v":4233.68,"d":"$4,234"}}]
[{"$f":"IF(F736<>\"\",1+MAX($A$6:A735),\"\")","v":""},null,"Dry Wall Screws(Ea.)",1698]
[{"$f":"IF(F737<>\"\",1+MAX($A$6:A736),\"\")","v":""},null,"Tapping (Lf.)",495.25]
[{"$f":"IF(F738<>\"\",1+MAX($A$6:A737),\"\")","v":""},null,"Adhesive (Ea.)",35.375]
[{"$f":"IF(F739<>\"\",1+MAX($A$6:A738),\"\")","v":""},null,"Number Of Sheets (Size=4'X8')(Ea.)",35.375]
[{"$f":"IF(F740<>\"\",1+MAX($A$6:A739),\"\")","v":""},null,""]
[{"$f":"IF(F741<>\"\",1+MAX($A$6:A740),\"\")","v":304},null,"3\" Mineral Fiber Insulation",283,{"v":0.1,"d":"10%"},{"$f":"D741*(1+E741)","v":{"v":311.3,"d":"311"}},"SF",{"v":2.5,"d":"$2.5"},{"$f":"H741*F741","v":{"v":778.25,"d":"$778"}}]
[{"$f":"IF(F742<>\"\",1+MAX($A$6:A741),\"\")","v":305},null,"2\"X4\" Wood Studs @ 16\" O.C",283,{"v":0.1,"d":"10%"},{"v":311.3,"d":"311"},"SF",{"v":2.5,"d":"$2.5"},{"v":778.25,"d":"$778"}]
[{"$f":"IF(F743<>\"\",1+MAX($A$6:A742),\"\")","v":306},null,"2\"X4\" Wood Top Runner",48,{"v":0.1,"d":"10%"},{"v":52.800000000000004,"d":"53"},"LF",{"v":3.4,"d":"$3.4"},{"v":179.52,"d":"$180"}]
[{"$f":"IF(F744<>\"\",1+MAX($A$6:A743),\"\")","v":307},null,"2\"X4\" Wood Bottom Runner",24,{"v":0.1,"d":"10%"},{"v":26.400000000000002,"d":"26"},"LF",{"v":3.4,"d":"$3.4"},{"v":89.76,"d":"$90"}]
[{"$f":"IF(F745<>\"\",1+MAX($A$6:A744),\"\")","v":308},null,"Continuous Fire stopping Sealant",96,{"v":0.1,"d":"10%"},{"v":105.60000000000001,"d":"106"},"LF",{"v":1.9,"d":"$1.9"},{"v":200.64000000000001,"d":"$201"}]
[{"$f":"IF(F746<>\"\",1+MAX($A$6:A745),\"\")","v":""},null,""]
[{"$f":"IF(F747<>\"\",1+MAX($A$6:A746),\"\")","v":""},null,"Wall Type 4"]
[{"$f":"IF(F748<>\"\",1+MAX($A$6:A747),\"\")","v":309},null,"(1) Layer Of  1\" Type \"Slx\" Gypsum Liner Panel On One Side",30,{"v":0.1,"d":"10%"},{"$f":"D748*(1+E748)","v":33},"SF",{"v":3.6,"d":"$3.6"},{"$f":"H748*F748","v":{"v":118.8,"d":"$119"}}]
[{"$f":"IF(F749<>\"\",1+MAX($A$6:A748),\"\")","v":""},null,"Dry Wall Screws(Ea.)",45]
[{"$f":"IF(F750<>\"\",1+MAX($A$6:A749),\"\")","v":""},null,"Tapping (Lf.)",13.125]
[{"$f":"IF(F751<>\"\",1+MAX($A$6:A750),\"\")","v":""},null,"Adhesive (Ea.)",0.9375]
[{"$f":"IF(F752<>\"\",1+MAX($A$6:A751),\"\")","v":""},null,"Number Of Sheets (Size=4'X8')(Ea.)",0.9375]
[{"$f":"IF(F753<>\"\",1+MAX($A$6:A752),\"\")","v":""},null,""]
[{"$f":"IF(F754<>\"\",1+MAX($A$6:A753),\"\")","v":310},null,"(2) Layer Of  1/2\" Fire code \"C\" Gypsum Board On One Side (Vertically Installed Only)",60,{"v":0.1,"d":"10%"},{"$f":"D754*(1+E754)","v":66},"SF",{"v":3.4,"d":"$3.4"},{"$f":"H754*F754","v":{"v":224.4,"d":"$224"}}]
[{"$f":"IF(F755<>\"\",1+MAX($A$6:A754),\"\")","v":""},null,"Dry Wall Screws(Ea.)",90]
[{"$f":"IF(F756<>\"\",1+MAX($A$6:A755),\"\")","v":""},null,"Tapping (Lf.)",26.25]
[{"$f":"IF(F757<>\"\",1+MAX($A$6:A756),\"\")","v":""},null,"Adhesive (Ea.)",1.875]
[{"$f":"IF(F758<>\"\",1+MAX($A$6:A757),\"\")","v":""},null,"Number Of Sheets (Size=4'X8')(Ea.)",1.875]
[{"$f":"IF(F759<>\"\",1+MAX($A$6:A758),\"\")","v":""},null,""]
[{"$f":"IF(F760<>\"\",1+MAX($A$6:A759),\"\")","v":311},null,"3\" Mineral Fiber Insulation",30,{"v":0.1,"d":"10%"},{"$f":"D760*(1+E760)","v":33},"SF",{"v":2.5,"d":"$2.5"},{"$f":"H760*F760","v":{"v":82.5,"d":"$83"}}]
[{"$f":"IF(F761<>\"\",1+MAX($A$6:A760),\"\")","v":312},null,"4\" \"C-H\" 20 Ga. Steel Studs @ 24\" O.C @ 16\" O.C",30,{"v":0.1,"d":"10%"},33,"SF",{"v":5.4,"d":"$5.4"},{"v":178.20000000000002,"d":"$178"}]
[{"$f":"IF(F762<>\"\",1+MAX($A$6:A761),\"\")","v":313},null,"2\"X6\" Wood Runner",18,{"v":0.1,"d":"10%"},{"v":19.8,"d":"20"},"LF",{"v":3.8,"d":"$3.8"},{"v":75.24,"d":"$75"}]
[{"$f":"IF(F763<>\"\",1+MAX($A$6:A762),\"\")","v":314},null,"Continuous Fire stopping Sealant",18,{"v":0.1,"d":"10%"},{"v":19.8,"d":"20"},"LF",{"v":1.9,"d":"$1.9"},{"v":37.62,"d":"$38"}]
[{"$f":"IF(F764<>\"\",1+MAX($A$6:A763),\"\")","v":""},null,""]
[{"$f":"IF(F765<>\"\",1+MAX($A$6:A764),\"\")","v":""},null,"Wall Type 6"]
[{"$f":"IF(F766<>\"\",1+MAX($A$6:A765),\"\")","v":315},null,"(1) Layer Of  5/8\" Type \"X\" Gypsum Board On One Side",3688,{"v":0.1,"d":"10%"},{"$f":"D766*(1+E766)","v":{"v":4056.8,"d":"4057"}},"SF",{"v":3.3,"d":"$3.3"},{"$f":"H766*F766","v":{"v":13387.44,"d":"$13,387"}}]
[{"$f":"IF(F767<>\"\",1+MAX($A$6:A766),\"\")","v":""},null,"Dry Wall Screws(Ea.)",5532]
[{"$f":"IF(F768<>\"\",1+MAX($A$6:A767),\"\")","v":""},null,"Tapping (Lf.)",1613.5]
[{"$f":"IF(F769<>\"\",1+MAX($A$6:A768),\"\")","v":""},null,"Adhesive (Ea.)",115.25]
[{"$f":"IF(F770<>\"\",1+MAX($A$6:A769),\"\")","v":""},null,"Number Of Sheets (Size=4'X8')(Ea.)",115.25]
[{"$f":"IF(F771<>\"\",1+MAX($A$6:A770),\"\")","v":""},null,""]
[{"$f":"IF(F772<>\"\",1+MAX($A$6:A771),\"\")","v":316},null,"3\" Thick (R-15) Mold Resistant Rigid Insulation",3688,{"v":0.1,"d":"10%"},{"$f":"D772*(1+E772)","v":{"v":4056.8,"d":"4057"}},"SF",{"v":2.5,"d":"$2.5"},{"$f":"H772*F772","v":{"v":10142,"d":"$10,142"}}]
[{"$f":"IF(F773<>\"\",1+MAX($A$6:A772),\"\")","v":317},null,"Vapor Barrier",3688,{"v":0.1,"d":"10%"},{"v":4056.8,"d":"4057"},"SF",{"v":1.2,"d":"$1.2"},{"v":4868.16,"d":"$4,868"}]
[{"$f":"IF(F774<>\"\",1+MAX($A$6:A773),\"\")","v":318},null,"3-5/8\" Galvanized 20 Guage Metal Studs @ 16\" O.C",3688,{"v":0.1,"d":"10%"},{"v":4056.8,"d":"4057"},"SF",{"v":8.7,"d":"$8.7"},{"v":35294.159999999996,"d":"$35,294"}]
[{"$f":"IF(F775<>\"\",1+MAX($A$6:A774),\"\")","v":319},null,"3-5/8\" Galvanized 20 Guage Metal Slip Track Runner",616,{"v":0.1,"d":"10%"},{"v":677.6,"d":"678"},"LF",{"v":14.3,"d":"$14.3"},{"v":9689.68,"d":"$9,690"}]
[{"$f":"IF(F776<>\"\",1+MAX($A$6:A775),\"\")","v":320},null,"Continuous Fire stopping Sealant",616,{"v":0.1,"d":"10%"},{"v":677.6,"d":"678"},"LF",{"v":1.9,"d":"$1.9"},{"v":1287.44,"d":"$1,287"}]
[{"$f":"IF(F777<>\"\",1+MAX($A$6:A776),\"\")","v":""},null,""]
[{"$f":"IF(F778<>\"\",1+MAX($A$6:A777),\"\")","v":""},null,"Wall Type 6A"]
[{"$f":"IF(F779<>\"\",1+MAX($A$6:A778),\"\")","v":321},null,"(1) Layer Of  1/2\" Moisture Resistant Gypsum Board On One Side",401,{"v":0.1,"d":"10%"},{"$f":"D779*(1+E779)","v":{"v":441.1,"d":"441"}},"SF",{"v":3.4,"d":"$3.4"},{"$f":"H779*F779","v":{"v":1499.74,"d":"$1,500"}}]
[{"$f":"IF(F780<>\"\",1+MAX($A$6:A779),\"\")","v":""},null,"Dry Wall Screws(Ea.)",601.5]
[{"$f":"IF(F781<>\"\",1+MAX($A$6:A780),\"\")","v":""},null,"Tapping (Lf.)",175.4375]
[{"$f":"IF(F782<>\"\",1+MAX($A$6:A781),\"\")","v":""},null,"Adhesive (Ea.)",12.53125]
[{"$f":"IF(F783<>\"\",1+MAX($A$6:A782),\"\")","v":""},null,"Number Of Sheets (Size=4'X8')(Ea.)",12.53125]
[{"$f":"IF(F784<>\"\",1+MAX($A$6:A783),\"\")","v":""},null,""]
[{"$f":"IF(F785<>\"\",1+MAX($A$6:A784),\"\")","v":322},null,"2\"X4\" Wood Studs @ 16\" O.C",401,{"v":0.1,"d":"10%"},{"$f":"D785*(1+E785)","v":{"v":441.1,"d":"441"}},"SF",{"v":2.5,"d":"$2.5"},{"$f":"H785*F785","v":{"v":1102.75,"d":"$1,103"}}]
[{"$f":"IF(F786<>\"\",1+MAX($A$6:A785),\"\")","v":323},null,"2\"X4\" Wood Top Runner",68,{"v":0.1,"d":"10%"},{"v":74.80000000000001,"d":"75"},"LF",{"v":3.4,"d":"$3.4"},{"v":254.32000000000002,"d":"$254"}]
[{"$f":"IF(F787<>\"\",1+MAX($A$6:A786),\"\")","v":324},null,"2\"X4\" Wood Bottom Runner",34,{"v":0.1,"d":"10%"},{"v":37.400000000000006,"d":"37"},"LF",{"v":3.4,"d":"$3.4"},{"v":127.16000000000001,"d":"$127"}]
[{"$f":"IF(F788<>\"\",1+MAX($A$6:A787),\"\")","v":325},null,"Continuous Fire stopping Sealant",68,{"v":0.1,"d":"10%"},{"v":74.80000000000001,"d":"75"},"LF",{"v":1.9,"d":"$1.9"},{"v":142.12,"d":"$142"}]
[{"$f":"IF(F789<>\"\",1+MAX($A$6:A788),\"\")","v":""},null,""]
[{"$f":"IF(F790<>\"\",1+MAX($A$6:A789),\"\")","v":""},null,"Fifth Floor"]
[{"$f":"IF(F791<>\"\",1+MAX($A$6:A790),\"\")","v":""},null,""]
[{"$f":"IF(F792<>\"\",1+MAX($A$6:A791),\"\")","v":""},null,"Wall Type 1B"]
[{"$f":"IF(F793<>\"\",1+MAX($A$6:A792),\"\")","v":326},null,"(1) Layer Of  5/8\" Gypsum Board On One Side",107,{"v":0.1,"d":"10%"},{"$f":"D793*(1+E793)","v":{"v":117.7,"d":"118"}},"SF",{"v":3.3,"d":"$3.3"},{"$f":"H793*F793","v":{"v":388.40999999999997,"d":"$388"}}]
[{"$f":"IF(F794<>\"\",1+MAX($A$6:A793),\"\")","v":""},null,"Dry Wall Screws(Ea.)",160.5]
[{"$f":"IF(F795<>\"\",1+MAX($A$6:A794),\"\")","v":""},null,"Tapping (Lf.)",46.8125]
[{"$f":"IF(F796<>\"\",1+MAX($A$6:A795),\"\")","v":""},null,"Adhesive (Ea.)",3.34375]
[{"$f":"IF(F797<>\"\",1+MAX($A$6:A796),\"\")","v":""},null,"Number Of Sheets (Size=4'X8')(Ea.)",3.34375]
[{"$f":"IF(F798<>\"\",1+MAX($A$6:A797),\"\")","v":""},null,""]
[{"$f":"IF(F799<>\"\",1+MAX($A$6:A798),\"\")","v":327},null,"6\" Metal Studs @ 16\" O.C",107,{"v":0.1,"d":"10%"},{"$f":"D799*(1+E799)","v":{"v":117.7,"d":"118"}},"SF",{"v":12.2,"d":"$12.2"},{"$f":"H799*F799","v":{"v":1435.94,"d":"$1,436"}}]
[{"$f":"IF(F800<>\"\",1+MAX($A$6:A799),\"\")","v":328},null,"6\" Metal Runner",28,{"v":0.1,"d":"10%"},{"v":30.800000000000004,"d":"31"},"LF",{"v":17.6,"d":"$17.6"},{"v":542.0800000000002,"d":"$542"}]
[{"$f":"IF(F801<>\"\",1+MAX($A$6:A800),\"\")","v":329},null,"Continuous Fire stopping Sealant",56,{"v":0.1,"d":"10%"},{"v":61.60000000000001,"d":"62"},"LF",{"v":1.9,"d":"$1.9"},{"v":117.04,"d":"$117"}]
[{"$f":"IF(F802<>\"\",1+MAX($A$6:A801),\"\")","v":""},null,""]
[{"$f":"IF(F803<>\"\",1+MAX($A$6:A802),\"\")","v":""},null,"Wall Type 1"]
[{"$f":"IF(F804<>\"\",1+MAX($A$6:A803),\"\")","v":330},null,"(1) Layer Of  1/2\" Gypsum Board On Each Side",5286,{"v":0.1,"d":"10%"},{"$f":"D804*(1+E804)","v":{"v":5814.6,"d":"5815"}},"SF",{"v":3.3,"d":"$3.3"},{"$f":"H804*F804","v":{"v":19188.18,"d":"$19,188"}}]
[{"$f":"IF(F805<>\"\",1+MAX($A$6:A804),\"\")","v":""},null,"Dry Wall Screws(Ea.)",7929]
[{"$f":"IF(F806<>\"\",1+MAX($A$6:A805),\"\")","v":""},null,"Tapping (Lf.)",2312.625]
[{"$f":"IF(F807<>\"\",1+MAX($A$6:A806),\"\")","v":""},null,"Adhesive (Ea.)",165.1875]
[{"$f":"IF(F808<>\"\",1+MAX($A$6:A807),\"\")","v":""},null,"Number Of Sheets (Size=4'X8')(Ea.)",165.1875]
[{"$f":"IF(F809<>\"\",1+MAX($A$6:A808),\"\")","v":""},null,""]
[{"$f":"IF(F810<>\"\",1+MAX($A$6:A809),\"\")","v":331},null,"2\"X4\" Wood Studs @ 16\" O.C",2643,{"v":0.1,"d":"10%"},{"$f":"D810*(1+E810)","v":{"v":2907.3,"d":"2907"}},"SF",{"v":2.5,"d":"$2.5"},{"$f":"H810*F810","v":{"v":7268.25,"d":"$7,268"}}]
[{"$f":"IF(F811<>\"\",1+MAX($A$6:A810),\"\")","v":332},null,"2\"X4\" Wood Top Runner",660,{"v":0.1,"d":"10%"},{"v":726.0000000000001,"d":"726"},"LF",{"v":3.4,"d":"$3.4"},{"v":2468.4000000000005,"d":"$2,468"}]
[{"$f":"IF(F812<>\"\",1+MAX($A$6:A811),\"\")","v":333},null,"2\"X4\" Wood Bottom Runner",330,{"v":0.1,"d":"10%"},{"v":363.00000000000006,"d":"363"},"LF",{"v":3.4,"d":"$3.4"},{"v":1234.2000000000003,"d":"$1,234"}]
[{"$f":"IF(F813<>\"\",1+MAX($A$6:A812),\"\")","v":334},null,"Acoustical Sealant",1320,{"v":0.1,"d":"10%"},{"v":1452.0000000000002,"d":"1452"},"LF",{"v":1.9,"d":"$1.9"},{"v":2758.8,"d":"$2,759"}]
[{"$f":"IF(F814<>\"\",1+MAX($A$6:A813),\"\")","v":""},null,""]
[{"$f":"IF(F815<>\"\",1+MAX($A$6:A814),\"\")","v":""},null,"Wall Type 3A"]
[{"$f":"IF(F816<>\"\",1+MAX($A$6:A815),\"\")","v":335},null,"(2) Layer Of  5/8\" Fire code \"C\" Gypsum Board On Each Side",718,{"v":0.1,"d":"10%"},{"$f":"D816*(1+E816)","v":{"v":789.8000000000001,"d":"790"}},"SF",{"v":3.4,"d":"$3.4"},{"$f":"H816*F816","v":{"v":2685.32,"d":"$2,685"}}]
[{"$f":"IF(F817<>\"\",1+MAX($A$6:A816),\"\")","v":""},null,"Dry Wall Screws(Ea.)",1077]
[{"$f":"IF(F818<>\"\",1+MAX($A$6:A817),\"\")","v":""},null,"Tapping (Lf.)",314.125]
[{"$f":"IF(F819<>\"\",1+MAX($A$6:A818),\"\")","v":""},null,"Adhesive (Ea.)",22.4375]
[{"$f":"IF(F820<>\"\",1+MAX($A$6:A819),\"\")","v":""},null,"Number Of Sheets (Size=4'X8')(Ea.)",22.4375]
[{"$f":"IF(F821<>\"\",1+MAX($A$6:A820),\"\")","v":""},null,""]
[{"$f":"IF(F822<>\"\",1+MAX($A$6:A821),\"\")","v":336},null,"3\" Mineral Fiber Insulation",359,{"v":0.1,"d":"10%"},{"$f":"D822*(1+E822)","v":{"v":394.90000000000003,"d":"395"}},"SF",{"v":2.5,"d":"$2.5"},{"$f":"H822*F822","v":{"v":987.2500000000001,"d":"$987"}}]
[{"$f":"IF(F823<>\"\",1+MAX($A$6:A822),\"\")","v":337},null,"2\"X6\" Wood Studs @ 16\" O.C",359,{"v":0.1,"d":"10%"},{"v":394.90000000000003,"d":"395"},"SF",{"v":2.7,"d":"$2.7"},{"v":1066.2300000000002,"d":"$1,066"}]
[{"$f":"IF(F824<>\"\",1+MAX($A$6:A823),\"\")","v":338},null,"2\"X6\" Wood Top Runner",62,{"v":0.1,"d":"10%"},{"v":68.2,"d":"68"},"LF",{"v":3.8,"d":"$3.8"},{"v":259.16,"d":"$259"}]
[{"$f":"IF(F825<>\"\",1+MAX($A$6:A824),\"\")","v":339},null,"2\"X6\" Wood Bottom Runner",31,{"v":0.1,"d":"10%"},{"v":34.1,"d":"34"},"LF",{"v":3.8,"d":"$3.8"},{"v":129.58,"d":"$130"}]
[{"$f":"IF(F826<>\"\",1+MAX($A$6:A825),\"\")","v":340},null,"Continuous Fire stopping Sealant",124,{"v":0.1,"d":"10%"},{"v":136.4,"d":"136"},"LF",{"v":1.9,"d":"$1.9"},{"v":259.16,"d":"$259"}]
[{"$f":"IF(F827<>\"\",1+MAX($A$6:A826),\"\")","v":""},null,""]
[{"$f":"IF(F828<>\"\",1+MAX($A$6:A827),\"\")","v":""},null,"Wall Type 4"]
[{"$f":"IF(F829<>\"\",1+MAX($A$6:A828),\"\")","v":341},null,"(1) Layer Of  1\" Type \"Slx\" Gypsum Liner Panel On One Side",277,{"v":0.1,"d":"10%"},{"$f":"D829*(1+E829)","v":{"v":304.70000000000005,"d":"305"}},"SF",{"v":3.6,"d":"$3.6"},{"$f":"H829*F829","v":{"v":1096.9200000000003,"d":"$1,097"}}]
[{"$f":"IF(F830<>\"\",1+MAX($A$6:A829),\"\")","v":""},null,"Dry Wall Screws(Ea.)",415.5]
[{"$f":"IF(F831<>\"\",1+MAX($A$6:A830),\"\")","v":""},null,"Tapping (Lf.)",121.1875]
[{"$f":"IF(F832<>\"\",1+MAX($A$6:A831),\"\")","v":""},null,"Adhesive (Ea.)",8.65625]
[{"$f":"IF(F833<>\"\",1+MAX($A$6:A832),\"\")","v":""},null,"Number Of Sheets (Size=4'X8')(Ea.)",8.65625]
[{"$f":"IF(F834<>\"\",1+MAX($A$6:A833),\"\")","v":""},null,""]
[{"$f":"IF(F835<>\"\",1+MAX($A$6:A834),\"\")","v":342},null,"(2) Layer Of  1/2\" Fire code \"C\" Gypsum Board On One Side (Vertically Installed Only)",554,{"v":0.1,"d":"10%"},{"$f":"D835*(1+E835)","v":{"v":609.4000000000001,"d":"609"}},"SF",{"v":3.4,"d":"$3.4"},{"$f":"H835*F835","v":{"v":2071.96,"d":"$2,072"}}]
[{"$f":"IF(F836<>\"\",1+MAX($A$6:A835),\"\")","v":""},null,"Dry Wall Screws(Ea.)",831]
[{"$f":"IF(F837<>\"\",1+MAX($A$6:A836),\"\")","v":""},null,"Tapping (Lf.)",242.375]
[{"$f":"IF(F838<>\"\",1+MAX($A$6:A837),\"\")","v":""},null,"Adhesive (Ea.)",17.3125]
[{"$f":"IF(F839<>\"\",1+MAX($A$6:A838),\"\")","v":""},null,"Number Of Sheets (Size=4'X8')(Ea.)",17.3125]
[{"$f":"IF(F840<>\"\",1+MAX($A$6:A839),\"\")","v":""},null,""]
[{"$f":"IF(F841<>\"\",1+MAX($A$6:A840),\"\")","v":343},null,"3\" Mineral Fiber Insulation",277,{"v":0.1,"d":"10%"},{"$f":"D841*(1+E841)","v":{"v":304.70000000000005,"d":"305"}},"SF",{"v":2.5,"d":"$2.5"},{"$f":"H841*F841","v":{"v":761.7500000000001,"d":"$762"}}]
[{"$f":"IF(F842<>\"\",1+MAX($A$6:A841),\"\")","v":344},null,"4\" \"C-H\" 20 Ga. Steel Studs @ 24\" O.C @ 16\" O.C",277,{"v":0.1,"d":"10%"},{"v":304.70000000000005,"d":"305"},"SF",{"v":5.4,"d":"$5.4"},{"v":1645.3800000000003,"d":"$1,645"}]
[{"$f":"IF(F843<>\"\",1+MAX($A$6:A842),\"\")","v":345},null,"2\"X6\" Wood Runner",42,{"v":0.1,"d":"10%"},{"v":46.2,"d":"46"},"LF",{"v":3.8,"d":"$3.8"},{"v":175.56,"d":"$176"}]
[{"$f":"IF(F844<>\"\",1+MAX($A$6:A843),\"\")","v":346},null,"Continuous Fire stopping Sealant",84,{"v":0.1,"d":"10%"},{"v":92.4,"d":"92"},"LF",{"v":1.9,"d":"$1.9"},{"v":175.56,"d":"$176"}]
[{"$f":"IF(F845<>\"\",1+MAX($A$6:A844),\"\")","v":""},null,""]
[{"$f":"IF(F846<>\"\",1+MAX($A$6:A845),\"\")","v":""},null,"Wall Type 5"]
[{"$f":"IF(F847<>\"\",1+MAX($A$6:A846),\"\")","v":347},null,"(1) Layer Of  1/2\" Moisture Resistant Gypsum Board On One Side",694,{"v":0.1,"d":"10%"},{"$f":"D847*(1+E847)","v":{"v":763.4000000000001,"d":"763"}},"SF",{"v":3.4,"d":"$3.4"},{"$f":"H847*F847","v":{"v":2595.5600000000004,"d":"$2,596"}}]
[{"$f":"IF(F848<>\"\",1+MAX($A$6:A847),\"\")","v":""},null,"Dry Wall Screws(Ea.)",1041]
[{"$f":"IF(F849<>\"\",1+MAX($A$6:A848),\"\")","v":""},null,"Tapping (Lf.)",303.625]
[{"$f":"IF(F850<>\"\",1+MAX($A$6:A849),\"\")","v":""},null,"Adhesive (Ea.)",21.6875]
[{"$f":"IF(F851<>\"\",1+MAX($A$6:A850),\"\")","v":""},null,"Number Of Sheets (Size=4'X8')(Ea.)",21.6875]
[{"$f":"IF(F852<>\"\",1+MAX($A$6:A851),\"\")","v":""},null,""]
[{"$f":"IF(F853<>\"\",1+MAX($A$6:A852),\"\")","v":348},null,"3-1/2\" Fiberglass Sound Attenuation Blanket",694,{"v":0.1,"d":"10%"},{"$f":"D853*(1+E853)","v":{"v":763.4000000000001,"d":"763"}},"SF",{"v":2.6,"d":"$2.6"},{"$f":"H853*F853","v":{"v":1984.8400000000004,"d":"$1,985"}}]
[{"$f":"IF(F854<>\"\",1+MAX($A$6:A853),\"\")","v":349},null,"2\"X4\" Wood Studs @ 16\" O.C",694,{"v":0.1,"d":"10%"},{"v":763.4000000000001,"d":"763"},"SF",{"v":2.5,"d":"$2.5"},{"v":1908.5000000000002,"d":"$1,909"}]
[{"$f":"IF(F855<>\"\",1+MAX($A$6:A854),\"\")","v":350},null,"2\"X4\" Wood Top Runner",78,{"v":0.1,"d":"10%"},{"v":85.80000000000001,"d":"86"},"LF",{"v":3.4,"d":"$3.4"},{"v":291.72,"d":"$292"}]
[{"$f":"IF(F856<>\"\",1+MAX($A$6:A855),\"\")","v":351},null,"2\"X4\" Wood Bottom Runner",39,{"v":0.1,"d":"10%"},{"v":42.900000000000006,"d":"43"},"LF",{"v":3.4,"d":"$3.4"},{"v":145.86,"d":"$146"}]
[{"$f":"IF(F857<>\"\",1+MAX($A$6:A856),\"\")","v":352},null,"Continuous Fire stopping Sealant",78,{"v":0.1,"d":"10%"},{"v":85.80000000000001,"d":"86"},"LF",{"v":1.9,"d":"$1.9"},{"v":163.02,"d":"$163"}]
[{"$f":"IF(F858<>\"\",1+MAX($A$6:A857),\"\")","v":""},null,""]
[{"$f":"IF(F859<>\"\",1+MAX($A$6:A858),\"\")","v":""},null,"Wall Type 1C"]
[{"$f":"IF(F860<>\"\",1+MAX($A$6:A859),\"\")","v":353},null,"(1) Layer Of  5/8\" Gypsum Board On One Side",227,{"v":0.1,"d":"10%"},{"$f":"D860*(1+E860)","v":{"v":249.70000000000002,"d":"250"}},"SF",{"v":3.3,"d":"$3.3"},{"$f":"H860*F860","v":{"v":824.01,"d":"$824"}}]
[{"$f":"IF(F861<>\"\",1+MAX($A$6:A860),\"\")","v":""},null,"Dry Wall Screws(Ea.)",340.5]
[{"$f":"IF(F862<>\"\",1+MAX($A$6:A861),\"\")","v":""},null,"Tapping (Lf.)",99.3125]
[{"$f":"IF(F863<>\"\",1+MAX($A$6:A862),\"\")","v":""},null,"Adhesive (Ea.)",7.09375]
[{"$f":"IF(F864<>\"\",1+MAX($A$6:A863),\"\")","v":""},null,"Number Of Sheets (Size=4'X8')(Ea.)",7.09375]
[{"$f":"IF(F865<>\"\",1+MAX($A$6:A864),\"\")","v":""},null,""]
[{"$f":"IF(F866<>\"\",1+MAX($A$6:A865),\"\")","v":354},null,"1-5/8\" Galv. Metal Studs @ 16\" O.C",227,{"v":0.1,"d":"10%"},{"$f":"D866*(1+E866)","v":{"v":249.70000000000002,"d":"250"}},"SF",{"v":6.7,"d":"$6.7"},{"$f":"H866*F866","v":{"v":1672.9900000000002,"d":"$1,673"}}]
[{"$f":"IF(F867<>\"\",1+MAX($A$6:A866),\"\")","v":355},null,"1-5/8\" Galv. Metal Runner",32,{"v":0.1,"d":"10%"},{"v":35.2,"d":"35"},"LF",{"v":7.9,"d":"$7.9"},{"v":278.08000000000004,"d":"$278"}]
[{"$f":"IF(F868<>\"\",1+MAX($A$6:A867),\"\")","v":356},null,"Continuous Fire stopping Sealant",32,{"v":0.1,"d":"10%"},{"v":35.2,"d":"35"},"LF",{"v":1.9,"d":"$1.9"},{"v":66.88,"d":"$67"}]
[{"$f":"IF(F869<>\"\",1+MAX($A$6:A868),\"\")","v":""},null,""]
[{"$f":"IF(F870<>\"\",1+MAX($A$6:A869),\"\")","v":""},null,"Wall Type 2"]
[{"$f":"IF(F871<>\"\",1+MAX($A$6:A870),\"\")","v":357},null,"(1) Layer Of  5/8\" Fire code \"C\" Gypsum Board On Each Side",5508,{"v":0.1,"d":"10%"},{"$f":"D871*(1+E871)","v":{"v":6058.8,"d":"6059"}},"SF",{"v":3.4,"d":"$3.4"},{"$f":"H871*F871","v":{"v":20599.920000000002,"d":"$20,600"}}]
[{"$f":"IF(F872<>\"\",1+MAX($A$6:A871),\"\")","v":""},null,"Dry Wall Screws(Ea.)",8262]
[{"$f":"IF(F873<>\"\",1+MAX($A$6:A872),\"\")","v":""},null,"Tapping (Lf.)",2409.75]
[{"$f":"IF(F874<>\"\",1+MAX($A$6:A873),\"\")","v":""},null,"Adhesive (Ea.)",172.125]
[{"$f":"IF(F875<>\"\",1+MAX($A$6:A874),\"\")","v":""},null,"Number Of Sheets (Size=4'X8')(Ea.)",172.125]
[{"$f":"IF(F876<>\"\",1+MAX($A$6:A875),\"\")","v":""},null,""]
[{"$f":"IF(F877<>\"\",1+MAX($A$6:A876),\"\")","v":358},null,"3\" Thermafiber Safb",2754,{"v":0.1,"d":"10%"},{"$f":"D877*(1+E877)","v":{"v":3029.4,"d":"3029"}},"SF",{"v":2.5,"d":"$2.5"},{"$f":"H877*F877","v":{"v":7573.5,"d":"$7,574"}}]
[{"$f":"IF(F878<>\"\",1+MAX($A$6:A877),\"\")","v":359},null,"1/2\" 25 Ga Resilient Furring Channel (Rc-1) @ 24\" O.C Max Installed Horizontally",2754,{"v":0.1,"d":"10%"},{"v":3029.4,"d":"3029"},"SF",{"v":4.3,"d":"$4.3"},{"v":13026.42,"d":"$13,026"}]
[{"$f":"IF(F879<>\"\",1+MAX($A$6:A878),\"\")","v":360},null,"2\"X6\" Wood Studs @ 16\" O.C",2754,{"v":0.1,"d":"10%"},{"v":3029.4,"d":"3029"},"SF",{"v":2.7,"d":"$2.7"},{"v":8179.380000000001,"d":"$8,179"}]
[{"$f":"IF(F880<>\"\",1+MAX($A$6:A879),\"\")","v":361},null,"2\"X6\" Wood Top Runner",468,{"v":0.1,"d":"10%"},{"v":514.8000000000001,"d":"515"},"LF",{"v":3.8,"d":"$3.8"},{"v":1956.2400000000002,"d":"$1,956"}]
[{"$f":"IF(F881<>\"\",1+MAX($A$6:A880),\"\")","v":362},null,"2\"X6\" Wood Bottom Runner",234,{"v":0.1,"d":"10%"},{"v":257.40000000000003,"d":"257"},"LF",{"v":3.8,"d":"$3.8"},{"v":978.1200000000001,"d":"$978"}]
[{"$f":"IF(F882<>\"\",1+MAX($A$6:A881),\"\")","v":363},null,"Continuous Fire stopping Sealant",936,{"v":0.1,"d":"10%"},{"v":1029.6000000000001,"d":"1030"},"LF",{"v":1.9,"d":"$1.9"},{"v":1956.2400000000002,"d":"$1,956"}]
[{"$f":"IF(F883<>\"\",1+MAX($A$6:A882),\"\")","v":""},null,""]
[{"$f":"IF(F884<>\"\",1+MAX($A$6:A883),\"\")","v":""},null,"Wall Type 3"]
[{"$f":"IF(F885<>\"\",1+MAX($A$6:A884),\"\")","v":364},null,"(2) Layer Of  5/8\" Fire code \"C\" Gypsum Board On Each Side",1108,{"v":0.1,"d":"10%"},{"$f":"D885*(1+E885)","v":{"v":1218.8000000000002,"d":"1219"}},"SF",{"v":3.4,"d":"$3.4"},{"$f":"H885*F885","v":{"v":4143.92,"d":"$4,144"}}]
[{"$f":"IF(F886<>\"\",1+MAX($A$6:A885),\"\")","v":""},null,"Dry Wall Screws(Ea.)",1662]
[{"$f":"IF(F887<>\"\",1+MAX($A$6:A886),\"\")","v":""},null,"Tapping (Lf.)",484.75]
[{"$f":"IF(F888<>\"\",1+MAX($A$6:A887),\"\")","v":""},null,"Adhesive (Ea.)",34.625]
[{"$f":"IF(F889<>\"\",1+MAX($A$6:A888),\"\")","v":""},null,"Number Of Sheets (Size=4'X8')(Ea.)",34.625]
[{"$f":"IF(F890<>\"\",1+MAX($A$6:A889),\"\")","v":""},null,""]
[{"$f":"IF(F891<>\"\",1+MAX($A$6:A890),\"\")","v":365},null,"3\" Mineral Fiber Insulation",277,{"v":0.1,"d":"10%"},{"$f":"D891*(1+E891)","v":{"v":304.70000000000005,"d":"305"}},"SF",{"v":2.5,"d":"$2.5"},{"$f":"H891*F891","v":{"v":761.7500000000001,"d":"$762"}}]
[{"$f":"IF(F892<>\"\",1+MAX($A$6:A891),\"\")","v":366},null,"2\"X4\" Wood Studs @ 16\" O.C",277,{"v":0.1,"d":"10%"},{"v":304.70000000000005,"d":"305"},"SF",{"v":2.5,"d":"$2.5"},{"v":761.7500000000001,"d":"$762"}]
[{"$f":"IF(F893<>\"\",1+MAX($A$6:A892),\"\")","v":367},null,"2\"X4\" Wood Top Runner",48,{"v":0.1,"d":"10%"},{"v":52.800000000000004,"d":"53"},"LF",{"v":3.4,"d":"$3.4"},{"v":179.52,"d":"$180"}]
[{"$f":"IF(F894<>\"\",1+MAX($A$6:A893),\"\")","v":368},null,"2\"X4\" Wood Bottom Runner",24,{"v":0.1,"d":"10%"},{"v":26.400000000000002,"d":"26"},"LF",{"v":3.4,"d":"$3.4"},{"v":89.76,"d":"$90"}]
[{"$f":"IF(F895<>\"\",1+MAX($A$6:A894),\"\")","v":369},null,"Continuous Fire stopping Sealant",96,{"v":0.1,"d":"10%"},{"v":105.60000000000001,"d":"106"},"LF",{"v":1.9,"d":"$1.9"},{"v":200.64000000000001,"d":"$201"}]
[{"$f":"IF(F896<>\"\",1+MAX($A$6:A895),\"\")","v":""},null,""]
[{"$f":"IF(F897<>\"\",1+MAX($A$6:A896),\"\")","v":""},null,"Wall Type 6"]
[{"$f":"IF(F898<>\"\",1+MAX($A$6:A897),\"\")","v":370},null,"(1) Layer Of  5/8\" Type \"X\" Gypsum Board On One Side",3611,{"v":0.1,"d":"10%"},{"$f":"D898*(1+E898)","v":{"v":3972.1000000000004,"d":"3972"}},"SF",{"v":3.3,"d":"$3.3"},{"$f":"H898*F898","v":{"v":13107.93,"d":"$13,108"}}]
[{"$f":"IF(F899<>\"\",1+MAX($A$6:A898),\"\")","v":""},null,"Dry Wall Screws(Ea.)",5416.5]
[{"$f":"IF(F900<>\"\",1+MAX($A$6:A899),\"\")","v":""},null,"Tapping (Lf.)",1579.8125]
[{"$f":"IF(F901<>\"\",1+MAX($A$6:A900),\"\")","v":""},null,"Adhesive (Ea.)",112.84375]
[{"$f":"IF(F902<>\"\",1+MAX($A$6:A901),\"\")","v":""},null,"Number Of Sheets (Size=4'X8')(Ea.)",112.84375]
[{"$f":"IF(F903<>\"\",1+MAX($A$6:A902),\"\")","v":""},null,""]
[{"$f":"IF(F904<>\"\",1+MAX($A$6:A903),\"\")","v":371},null,"3\" Thick (R-15) Mold Resistant Rigid Insulation",3611,{"v":0.1,"d":"10%"},{"$f":"D904*(1+E904)","v":{"v":3972.1000000000004,"d":"3972"}},"SF",{"v":2.5,"d":"$2.5"},{"$f":"H904*F904","v":{"v":9930.25,"d":"$9,930"}}]
[{"$f":"IF(F905<>\"\",1+MAX($A$6:A904),\"\")","v":372},null,"Vapor Barrier",3611,{"v":0.1,"d":"10%"},{"v":3972.1000000000004,"d":"3972"},"SF",{"v":1.2,"d":"$1.2"},{"v":4766.52,"d":"$4,767"}]
[{"$f":"IF(F906<>\"\",1+MAX($A$6:A905),\"\")","v":373},null,"3-5/8\" Galvanized 20 Guage Metal Studs @ 16\" O.C",3611,{"v":0.1,"d":"10%"},{"v":3972.1000000000004,"d":"3972"},"SF",{"v":8.9,"d":"$8.9"},{"v":35351.69,"d":"$35,352"}]
[{"$f":"IF(F907<>\"\",1+MAX($A$6:A906),\"\")","v":374},null,"3-5/8\" Galvanized 20 Guage Metal Slip Track Runner",616,{"v":0.1,"d":"10%"},{"v":677.6,"d":"678"},"LF",{"v":14.3,"d":"$14.3"},{"v":9689.68,"d":"$9,690"}]
[{"$f":"IF(F908<>\"\",1+MAX($A$6:A907),\"\")","v":375},null,"Continuous Fire stopping Sealant",616,{"v":0.1,"d":"10%"},{"v":677.6,"d":"678"},"LF",{"v":1.9,"d":"$1.9"},{"v":1287.44,"d":"$1,287"}]
[{"$f":"IF(F909<>\"\",1+MAX($A$6:A908),\"\")","v":""},null,""]
[{"$f":"IF(F910<>\"\",1+MAX($A$6:A909),\"\")","v":""},null,"Wall Type 6A"]
[{"$f":"IF(F911<>\"\",1+MAX($A$6:A910),\"\")","v":376},null,"(1) Layer Of  1/2\" Moisture Resistant Gypsum Board On One Side",392,{"v":0.1,"d":"10%"},{"$f":"D911*(1+E911)","v":{"v":431.20000000000005,"d":"431"}},"SF",{"v":3.4,"d":"$3.4"},{"$f":"H911*F911","v":{"v":1466.0800000000002,"d":"$1,466"}}]
[{"$f":"IF(F912<>\"\",1+MAX($A$6:A911),\"\")","v":""},null,"Dry Wall Screws(Ea.)",588]
[{"$f":"IF(F913<>\"\",1+MAX($A$6:A912),\"\")","v":""},null,"Tapping (Lf.)",171.5]
[{"$f":"IF(F914<>\"\",1+MAX($A$6:A913),\"\")","v":""},null,"Adhesive (Ea.)",12.25]
[{"$f":"IF(F915<>\"\",1+MAX($A$6:A914),\"\")","v":""},null,"Number Of Sheets (Size=4'X8')(Ea.)",12.25]
[{"$f":"IF(F916<>\"\",1+MAX($A$6:A915),\"\")","v":""},null,""]
[{"$f":"IF(F917<>\"\",1+MAX($A$6:A916),\"\")","v":377},null,"2\"X4\" Wood Studs @ 16\" O.C",392,{"v":0.1,"d":"10%"},{"$f":"D917*(1+E917)","v":{"v":431.20000000000005,"d":"431"}},"SF",{"v":2.5,"d":"$2.5"},{"$f":"H917*F917","v":{"v":1078,"d":"$1,078"}}]
[{"$f":"IF(F918<>\"\",1+MAX($A$6:A917),\"\")","v":378},null,"2\"X4\" Wood Top Runner",68,{"v":0.1,"d":"10%"},{"v":74.80000000000001,"d":"75"},"LF",{"v":3.4,"d":"$3.4"},{"v":254.32000000000002,"d":"$254"}]
[{"$f":"IF(F919<>\"\",1+MAX($A$6:A918),\"\")","v":379},null,"2\"X4\" Wood Bottom Runner",34,{"v":0.1,"d":"10%"},{"v":37.400000000000006,"d":"37"},"LF",{"v":3.4,"d":"$3.4"},{"v":127.16000000000001,"d":"$127"}]
[{"$f":"IF(F920<>\"\",1+MAX($A$6:A919),\"\")","v":380},null,"Continuous Fire stopping Sealant",68,{"v":0.1,"d":"10%"},{"v":74.80000000000001,"d":"75"},"LF",{"v":1.9,"d":"$1.9"},{"v":142.12,"d":"$142"}]
[{"$f":"IF(F921<>\"\",1+MAX($A$6:A920),\"\")","v":""},null,""]
[{"$f":"IF(F922<>\"\",1+MAX($A$6:A921),\"\")","v":""},null,"Sixth Floor"]
[{"$f":"IF(F923<>\"\",1+MAX($A$6:A922),\"\")","v":""},null,""]
[{"$f":"IF(F924<>\"\",1+MAX($A$6:A923),\"\")","v":""},null,"Wall Type 1B"]
[{"$f":"IF(F925<>\"\",1+MAX($A$6:A924),\"\")","v":381},null,"(1) Layer Of  5/8\" Gypsum Board On One Side",107,{"v":0.1,"d":"10%"},{"$f":"D925*(1+E925)","v":{"v":117.7,"d":"118"}},"SF",{"v":3.3,"d":"$3.3"},{"$f":"H925*F925","v":{"v":388.40999999999997,"d":"$388"}}]
[{"$f":"IF(F926<>\"\",1+MAX($A$6:A925),\"\")","v":""},null,"Dry Wall Screws(Ea.)",160.5]
[{"$f":"IF(F927<>\"\",1+MAX($A$6:A926),\"\")","v":""},null,"Tapping (Lf.)",46.8125]
[{"$f":"IF(F928<>\"\",1+MAX($A$6:A927),\"\")","v":""},null,"Adhesive (Ea.)",3.34375]
[{"$f":"IF(F929<>\"\",1+MAX($A$6:A928),\"\")","v":""},null,"Number Of Sheets (Size=4'X8')(Ea.)",3.34375]
[{"$f":"IF(F930<>\"\",1+MAX($A$6:A929),\"\")","v":""},null,""]
[{"$f":"IF(F931<>\"\",1+MAX($A$6:A930),\"\")","v":382},null,"6\" Metal Studs @ 16\" O.C",107,{"v":0.1,"d":"10%"},{"$f":"D931*(1+E931)","v":{"v":117.7,"d":"118"}},"SF",{"v":12.2,"d":"$12.2"},{"$f":"H931*F931","v":{"v":1435.94,"d":"$1,436"}}]
[{"$f":"IF(F932<>\"\",1+MAX($A$6:A931),\"\")","v":383},null,"6\" Metal Runner",28,{"v":0.1,"d":"10%"},{"v":30.800000000000004,"d":"31"},"LF",{"v":17.6,"d":"$17.6"},{"v":542.0800000000002,"d":"$542"}]
[{"$f":"IF(F933<>\"\",1+MAX($A$6:A932),\"\")","v":384},null,"Continuous Fire stopping Sealant",56,{"v":0.1,"d":"10%"},{"v":61.60000000000001,"d":"62"},"LF",{"v":1.9,"d":"$1.9"},{"v":117.04,"d":"$117"}]
[{"$f":"IF(F934<>\"\",1+MAX($A$6:A933),\"\")","v":""},null,""]
[{"$f":"IF(F935<>\"\",1+MAX($A$6:A934),\"\")","v":""},null,"Wall Type 1"]
[{"$f":"IF(F936<>\"\",1+MAX($A$6:A935),\"\")","v":385},null,"(1) Layer Of  1/2\" Gypsum Board On Each Side",5286,{"v":0.1,"d":"10%"},{"$f":"D936*(1+E936)","v":{"v":5814.6,"d":"5815"}},"SF",{"v":3.3,"d":"$3.3"},{"$f":"H936*F936","v":{"v":19188.18,"d":"$19,188"}}]
[{"$f":"IF(F937<>\"\",1+MAX($A$6:A936),\"\")","v":""},null,"Dry Wall Screws(Ea.)",7929]
[{"$f":"IF(F938<>\"\",1+MAX($A$6:A937),\"\")","v":""},null,"Tapping (Lf.)",2312.625]
[{"$f":"IF(F939<>\"\",1+MAX($A$6:A938),\"\")","v":""},null,"Adhesive (Ea.)",165.1875]
[{"$f":"IF(F940<>\"\",1+MAX($A$6:A939),\"\")","v":""},null,"Number Of Sheets (Size=4'X8')(Ea.)",165.1875]
[{"$f":"IF(F941<>\"\",1+MAX($A$6:A940),\"\")","v":""},null,""]
[{"$f":"IF(F942<>\"\",1+MAX($A$6:A941),\"\")","v":386},null,"2\"X4\" Wood Studs @ 16\" O.C",2643,{"v":0.1,"d":"10%"},{"$f":"D942*(1+E942)","v":{"v":2907.3,"d":"2907"}},"SF",{"v":2.5,"d":"$2.5"},{"$f":"H942*F942","v":{"v":7268.25,"d":"$7,268"}}]
[{"$f":"IF(F943<>\"\",1+MAX($A$6:A942),\"\")","v":387},null,"2\"X4\" Wood Top Runner",660,{"v":0.1,"d":"10%"},{"v":726.0000000000001,"d":"726"},"LF",{"v":3.4,"d":"$3.4"},{"v":2468.4000000000005,"d":"$2,468"}]
[{"$f":"IF(F944<>\"\",1+MAX($A$6:A943),\"\")","v":388},null,"2\"X4\" Wood Bottom Runner",330,{"v":0.1,"d":"10%"},{"v":363.00000000000006,"d":"363"},"LF",{"v":3.4,"d":"$3.4"},{"v":1234.2000000000003,"d":"$1,234"}]
[{"$f":"IF(F945<>\"\",1+MAX($A$6:A944),\"\")","v":389},null,"Acoustical Sealant",1320,{"v":0.1,"d":"10%"},{"v":1452.0000000000002,"d":"1452"},"LF",{"v":1.9,"d":"$1.9"},{"v":2758.8,"d":"$2,759"}]
[{"$f":"IF(F946<>\"\",1+MAX($A$6:A945),\"\")","v":""},null,""]
[{"$f":"IF(F947<>\"\",1+MAX($A$6:A946),\"\")","v":""},null,"Wall Type 3A"]
[{"$f":"IF(F948<>\"\",1+MAX($A$6:A947),\"\")","v":390},null,"(2) Layer Of  5/8\" Fire code \"C\" Gypsum Board On Each Side",682,{"v":0.1,"d":"10%"},{"$f":"D948*(1+E948)","v":{"v":750.2,"d":"750"}},"SF",{"v":3.4,"d":"$3.4"},{"$f":"H948*F948","v":{"v":2550.6800000000003,"d":"$2,551"}}]
[{"$f":"IF(F949<>\"\",1+MAX($A$6:A948),\"\")","v":""},null,"Dry Wall Screws(Ea.)",1023]
[{"$f":"IF(F950<>\"\",1+MAX($A$6:A949),\"\")","v":""},null,"Tapping (Lf.)",298.375]
[{"$f":"IF(F951<>\"\",1+MAX($A$6:A950),\"\")","v":""},null,"Adhesive (Ea.)",21.3125]
[{"$f":"IF(F952<>\"\",1+MAX($A$6:A951),\"\")","v":""},null,"Number Of Sheets (Size=4'X8')(Ea.)",21.3125]
[{"$f":"IF(F953<>\"\",1+MAX($A$6:A952),\"\")","v":""},null,""]
[{"$f":"IF(F954<>\"\",1+MAX($A$6:A953),\"\")","v":391},null,"3\" Mineral Fiber Insulation",341,{"v":0.1,"d":"10%"},{"$f":"D954*(1+E954)","v":{"v":375.1,"d":"375"}},"SF",{"v":2.5,"d":"$2.5"},{"$f":"H954*F954","v":{"v":937.75,"d":"$938"}}]
[{"$f":"IF(F955<>\"\",1+MAX($A$6:A954),\"\")","v":392},null,"2\"X6\" Wood Studs @ 16\" O.C",341,{"v":0.1,"d":"10%"},{"v":375.1,"d":"375"},"SF",{"v":2.7,"d":"$2.7"},{"v":1012.7700000000001,"d":"$1,013"}]
[{"$f":"IF(F956<>\"\",1+MAX($A$6:A955),\"\")","v":393},null,"2\"X6\" Wood Top Runner",62,{"v":0.1,"d":"10%"},{"v":68.2,"d":"68"},"LF",{"v":3.8,"d":"$3.8"},{"v":259.16,"d":"$259"}]
[{"$f":"IF(F957<>\"\",1+MAX($A$6:A956),\"\")","v":394},null,"2\"X6\" Wood Bottom Runner",31,{"v":0.1,"d":"10%"},{"v":34.1,"d":"34"},"LF",{"v":3.8,"d":"$3.8"},{"v":129.58,"d":"$130"}]
[{"$f":"IF(F958<>\"\",1+MAX($A$6:A957),\"\")","v":395},null,"Continuous Fire stopping Sealant",124,{"v":0.1,"d":"10%"},{"v":136.4,"d":"136"},"LF",{"v":1.9,"d":"$1.9"},{"v":259.16,"d":"$259"}]
[{"$f":"IF(F959<>\"\",1+MAX($A$6:A958),\"\")","v":""},null,""]
[{"$f":"IF(F960<>\"\",1+MAX($A$6:A959),\"\")","v":""},null,"Wall Type 4"]
[{"$f":"IF(F961<>\"\",1+MAX($A$6:A960),\"\")","v":396},null,"(1) Layer Of  1\" Type \"Slx\" Gypsum Liner Panel On One Side",263,{"v":0.1,"d":"10%"},{"$f":"D961*(1+E961)","v":{"v":289.3,"d":"289"}},"SF",{"v":3.6,"d":"$3.6"},{"$f":"H961*F961","v":{"v":1041.48,"d":"$1,041"}}]
[{"$f":"IF(F962<>\"\",1+MAX($A$6:A961),\"\")","v":""},null,"Dry Wall Screws(Ea.)",394.5]
[{"$f":"IF(F963<>\"\",1+MAX($A$6:A962),\"\")","v":""},null,"Tapping (Lf.)",115.0625]
[{"$f":"IF(F964<>\"\",1+MAX($A$6:A963),\"\")","v":""},null,"Adhesive (Ea.)",8.21875]
[{"$f":"IF(F965<>\"\",1+MAX($A$6:A964),\"\")","v":""},null,"Number Of Sheets (Size=4'X8')(Ea.)",8.21875]
[{"$f":"IF(F966<>\"\",1+MAX($A$6:A965),\"\")","v":""},null,""]
[{"$f":"IF(F967<>\"\",1+MAX($A$6:A966),\"\")","v":397},null,"(2) Layer Of  1/2\" Fire code \"C\" Gypsum Board On One Side (Vertically Installed Only)",526,{"v":0.1,"d":"10%"},{"$f":"D967*(1+E967)","v":{"v":578.6,"d":"579"}},"SF",{"v":3.4,"d":"$3.4"},{"$f":"H967*F967","v":{"v":1967.24,"d":"$1,967"}}]
[{"$f":"IF(F968<>\"\",1+MAX($A$6:A967),\"\")","v":""},null,"Dry Wall Screws(Ea.)",789]
[{"$f":"IF(F969<>\"\",1+MAX($A$6:A968),\"\")","v":""},null,"Tapping (Lf.)",230.125]
[{"$f":"IF(F970<>\"\",1+MAX($A$6:A969),\"\")","v":""},null,"Adhesive (Ea.)",16.4375]
[{"$f":"IF(F971<>\"\",1+MAX($A$6:A970),\"\")","v":""},null,"Number Of Sheets (Size=4'X8')(Ea.)",16.4375]
[{"$f":"IF(F972<>\"\",1+MAX($A$6:A971),\"\")","v":""},null,""]
[{"$f":"IF(F973<>\"\",1+MAX($A$6:A972),\"\")","v":398},null,"3\" Mineral Fiber Insulation",263,{"v":0.1,"d":"10%"},{"$f":"D973*(1+E973)","v":{"v":289.3,"d":"289"}},"SF",{"v":2.5,"d":"$2.5"},{"$f":"H973*F973","v":{"v":723.25,"d":"$723"}}]
[{"$f":"IF(F974<>\"\",1+MAX($A$6:A973),\"\")","v":399},null,"4\" \"C-H\" 20 Ga. Steel Studs @ 24\" O.C @ 16\" O.C",263,{"v":0.1,"d":"10%"},{"v":289.3,"d":"289"},"SF",{"v":5.4,"d":"$5.4"},{"v":1562.2200000000003,"d":"$1,562"}]
[{"$f":"IF(F975<>\"\",1+MAX($A$6:A974),\"\")","v":400},null,"2\"X6\" Wood Runner",42,{"v":0.1,"d":"10%"},{"v":46.2,"d":"46"},"LF",{"v":3.8,"d":"$3.8"},{"v":175.56,"d":"$176"}]
[{"$f":"IF(F976<>\"\",1+MAX($A$6:A975),\"\")","v":401},null,"Continuous Fire stopping Sealant",84,{"v":0.1,"d":"10%"},{"v":92.4,"d":"92"},"LF",{"v":1.9,"d":"$1.9"},{"v":175.56,"d":"$176"}]
[{"$f":"IF(F977<>\"\",1+MAX($A$6:A976),\"\")","v":""},null,""]
[{"$f":"IF(F978<>\"\",1+MAX($A$6:A977),\"\")","v":""},null,"Wall Type 5"]
[{"$f":"IF(F979<>\"\",1+MAX($A$6:A978),\"\")","v":402},null,"(1) Layer Of  1/2\" Moisture Resistant Gypsum Board On One Side",798,{"v":0.1,"d":"10%"},{"$f":"D979*(1+E979)","v":{"v":877.8000000000001,"d":"878"}},"SF",{"v":3.4,"d":"$3.4"},{"$f":"H979*F979","v":{"v":2984.52,"d":"$2,985"}}]
[{"$f":"IF(F980<>\"\",1+MAX($A$6:A979),\"\")","v":""},null,"Dry Wall Screws(Ea.)",1197]
[{"$f":"IF(F981<>\"\",1+MAX($A$6:A980),\"\")","v":""},null,"Tapping (Lf.)",349.125]
[{"$f":"IF(F982<>\"\",1+MAX($A$6:A981),\"\")","v":""},null,"Adhesive (Ea.)",24.9375]
[{"$f":"IF(F983<>\"\",1+MAX($A$6:A982),\"\")","v":""},null,"Number Of Sheets (Size=4'X8')(Ea.)",24.9375]
[{"$f":"IF(F984<>\"\",1+MAX($A$6:A983),\"\")","v":""},null,""]
[{"$f":"IF(F985<>\"\",1+MAX($A$6:A984),\"\")","v":403},null,"3-1/2\" Fiberglass Sound Attenuation Blanket",798,{"v":0.1,"d":"10%"},{"$f":"D985*(1+E985)","v":{"v":877.8000000000001,"d":"878"}},"SF",{"v":2.5,"d":"$2.5"},{"$f":"H985*F985","v":{"v":2194.5,"d":"$2,195"}}]
[{"$f":"IF(F986<>\"\",1+MAX($A$6:A985),\"\")","v":404},null,"2\"X4\" Wood Studs @ 16\" O.C",694,{"v":0.1,"d":"10%"},{"v":763.4000000000001,"d":"763"},"SF",{"v":2.5,"d":"$2.5"},{"v":1908.5000000000002,"d":"$1,909"}]
[{"$f":"IF(F987<>\"\",1+MAX($A$6:A986),\"\")","v":405},null,"2\"X4\" Wood Top Runner",78,{"v":0.1,"d":"10%"},{"v":85.80000000000001,"d":"86"},"LF",{"v":3.4,"d":"$3.4"},{"v":291.72,"d":"$292"}]
[{"$f":"IF(F988<>\"\",1+MAX($A$6:A987),\"\")","v":406},null,"2\"X4\" Wood Bottom Runner",39,{"v":0.1,"d":"10%"},{"v":42.900000000000006,"d":"43"},"LF",{"v":3.4,"d":"$3.4"},{"v":145.86,"d":"$146"}]
[{"$f":"IF(F989<>\"\",1+MAX($A$6:A988),\"\")","v":407},null,"Continuous Fire stopping Sealant",78,{"v":0.1,"d":"10%"},{"v":85.80000000000001,"d":"86"},"LF",{"v":1.9,"d":"$1.9"},{"v":163.02,"d":"$163"}]
[{"$f":"IF(F990<>\"\",1+MAX($A$6:A989),\"\")","v":""},null,""]
[{"$f":"IF(F991<>\"\",1+MAX($A$6:A990),\"\")","v":""},null,"Wall Type 1C"]
[{"$f":"IF(F992<>\"\",1+MAX($A$6:A991),\"\")","v":408},null,"(1) Layer Of  5/8\" Gypsum Board On One Side",227,{"v":0.1,"d":"10%"},{"$f":"D992*(1+E992)","v":{"v":249.70000000000002,"d":"250"}},"SF",{"v":3.3,"d":"$3.3"},{"$f":"H992*F992","v":{"v":824.01,"d":"$824"}}]
[{"$f":"IF(F993<>\"\",1+MAX($A$6:A992),\"\")","v":""},null,"Dry Wall Screws(Ea.)",340.5]
[{"$f":"IF(F994<>\"\",1+MAX($A$6:A993),\"\")","v":""},null,"Tapping (Lf.)",99.3125]
[{"$f":"IF(F995<>\"\",1+MAX($A$6:A994),\"\")","v":""},null,"Adhesive (Ea.)",7.09375]
[{"$f":"IF(F996<>\"\",1+MAX($A$6:A995),\"\")","v":""},null,"Number Of Sheets (Size=4'X8')(Ea.)",7.09375]
[{"$f":"IF(F997<>\"\",1+MAX($A$6:A996),\"\")","v":""},null,""]
[{"$f":"IF(F998<>\"\",1+MAX($A$6:A997),\"\")","v":409},null,"1-5/8\" Galv. Metal Studs @ 16\" O.C",227,{"v":0.1,"d":"10%"},{"$f":"D998*(1+E998)","v":{"v":249.70000000000002,"d":"250"}},"SF",{"v":6.7,"d":"$6.7"},{"$f":"H998*F998","v":{"v":1672.9900000000002,"d":"$1,673"}}]
[{"$f":"IF(F999<>\"\",1+MAX($A$6:A998),\"\")","v":410},null,"1-5/8\" Galv. Metal Runner",32,{"v":0.1,"d":"10%"},{"v":35.2,"d":"35"},"LF",{"v":7.8,"d":"$7.8"},{"v":274.56,"d":"$275"}]
[{"$f":"IF(F1000<>\"\",1+MAX($A$6:A999),\"\")","v":411},null,"Continuous Fire stopping Sealant",32,{"v":0.1,"d":"10%"},{"v":35.2,"d":"35"},"LF",{"v":1.9,"d":"$1.9"},{"v":66.88,"d":"$67"}]
[{"$f":"IF(F1001<>\"\",1+MAX($A$6:A1000),\"\")","v":""},null,""]
[{"$f":"IF(F1002<>\"\",1+MAX($A$6:A1001),\"\")","v":""},null,"Wall Type 2"]
[{"$f":"IF(F1003<>\"\",1+MAX($A$6:A1002),\"\")","v":412},null,"(1) Layer Of  5/8\" Fire code \"C\" Gypsum Board On Each Side",5234,{"v":0.1,"d":"10%"},{"$f":"D1003*(1+E1003)","v":{"v":5757.400000000001,"d":"5757"}},"SF",{"v":3.4,"d":"$3.4"},{"$f":"H1003*F1003","v":{"v":19575.16,"d":"$19,575"}}]
[{"$f":"IF(F1004<>\"\",1+MAX($A$6:A1003),\"\")","v":""},null,"Dry Wall Screws(Ea.)",7851]
[{"$f":"IF(F1005<>\"\",1+MAX($A$6:A1004),\"\")","v":""},null,"Tapping (Lf.)",2289.875]
[{"$f":"IF(F1006<>\"\",1+MAX($A$6:A1005),\"\")","v":""},null,"Adhesive (Ea.)",163.5625]
[{"$f":"IF(F1007<>\"\",1+MAX($A$6:A1006),\"\")","v":""},null,"Number Of Sheets (Size=4'X8')(Ea.)",163.5625]
[{"$f":"IF(F1008<>\"\",1+MAX($A$6:A1007),\"\")","v":""},null,""]
[{"$f":"IF(F1009<>\"\",1+MAX($A$6:A1008),\"\")","v":413},null,"3\" Thermafiber Safb",2617,{"v":0.1,"d":"10%"},{"$f":"D1009*(1+E1009)","v":{"v":2878.7000000000003,"d":"2879"}},"SF",{"v":2.5,"d":"$2.5"},{"$f":"H1009*F1009","v":{"v":7196.750000000001,"d":"$7,197"}}]
[{"$f":"IF(F1010<>\"\",1+MAX($A$6:A1009),\"\")","v":414},null,"1/2\" 25 Ga Resilient Furring Channel (Rc-1) @ 24\" O.C Max Installed Horizontally",2617,{"v":0.1,"d":"10%"},{"v":2878.7000000000003,"d":"2879"},"SF",{"v":3.4,"d":"$3.4"},{"v":9787.58,"d":"$9,788"}]
[{"$f":"IF(F1011<>\"\",1+MAX($A$6:A1010),\"\")","v":415},null,"2\"X6\" Wood Studs @ 16\" O.C",2617,{"v":0.1,"d":"10%"},{"v":2878.7000000000003,"d":"2879"},"SF",{"v":2.7,"d":"$2.7"},{"v":7772.490000000002,"d":"$7,772"}]
[{"$f":"IF(F1012<>\"\",1+MAX($A$6:A1011),\"\")","v":416},null,"2\"X6\" Wood Top Runner",468,{"v":0.1,"d":"10%"},{"v":514.8000000000001,"d":"515"},"LF",{"v":3.8,"d":"$3.8"},{"v":1956.2400000000002,"d":"$1,956"}]
[{"$f":"IF(F1013<>\"\",1+MAX($A$6:A1012),\"\")","v":417},null,"2\"X6\" Wood Bottom Runner",234,{"v":0.1,"d":"10%"},{"v":257.40000000000003,"d":"257"},"LF",{"v":3.8,"d":"$3.8"},{"v":978.1200000000001,"d":"$978"}]
[{"$f":"IF(F1014<>\"\",1+MAX($A$6:A1013),\"\")","v":418},null,"Continuous Fire stopping Sealant",936,{"v":0.1,"d":"10%"},{"v":1029.6000000000001,"d":"1030"},"LF",{"v":1.9,"d":"$1.9"},{"v":1956.2400000000002,"d":"$1,956"}]
[{"$f":"IF(F1015<>\"\",1+MAX($A$6:A1014),\"\")","v":""},null,""]
[{"$f":"IF(F1016<>\"\",1+MAX($A$6:A1015),\"\")","v":""},null,"Wall Type 3"]
[{"$f":"IF(F1017<>\"\",1+MAX($A$6:A1016),\"\")","v":419},null,"(2) Layer Of  5/8\" Fire code \"C\" Gypsum Board On Each Side",1052,{"v":0.1,"d":"10%"},{"$f":"D1017*(1+E1017)","v":{"v":1157.2,"d":"1157"}},"SF",{"v":3.4,"d":"$3.4"},{"$f":"H1017*F1017","v":{"v":3934.48,"d":"$3,934"}}]
[{"$f":"IF(F1018<>\"\",1+MAX($A$6:A1017),\"\")","v":""},null,"Dry Wall Screws(Ea.)",1578]
[{"$f":"IF(F1019<>\"\",1+MAX($A$6:A1018),\"\")","v":""},null,"Tapping (Lf.)",460.25]
[{"$f":"IF(F1020<>\"\",1+MAX($A$6:A1019),\"\")","v":""},null,"Adhesive (Ea.)",32.875]
[{"$f":"IF(F1021<>\"\",1+MAX($A$6:A1020),\"\")","v":""},null,"Number Of Sheets (Size=4'X8')(Ea.)",32.875]
[{"$f":"IF(F1022<>\"\",1+MAX($A$6:A1021),\"\")","v":""},null,""]
[{"$f":"IF(F1023<>\"\",1+MAX($A$6:A1022),\"\")","v":420},null,"3\" Mineral Fiber Insulation",263,{"v":0.1,"d":"10%"},{"$f":"D1023*(1+E1023)","v":{"v":289.3,"d":"289"}},"SF",{"v":2.5,"d":"$2.5"},{"$f":"H1023*F1023","v":{"v":723.25,"d":"$723"}}]
[{"$f":"IF(F1024<>\"\",1+MAX($A$6:A1023),\"\")","v":421},null,"2\"X4\" Wood Studs @ 16\" O.C",263,{"v":0.1,"d":"10%"},{"v":289.3,"d":"289"},"SF",{"v":2.5,"d":"$2.5"},{"v":723.25,"d":"$723"}]
[{"$f":"IF(F1025<>\"\",1+MAX($A$6:A1024),\"\")","v":422},null,"2\"X4\" Wood Top Runner",48,{"v":0.1,"d":"10%"},{"v":52.800000000000004,"d":"53"},"LF",{"v":3.4,"d":"$3.4"},{"v":179.52,"d":"$180"}]
[{"$f":"IF(F1026<>\"\",1+MAX($A$6:A1025),\"\")","v":423},null,"2\"X4\" Wood Bottom Runner",24,{"v":0.1,"d":"10%"},{"v":26.400000000000002,"d":"26"},"LF",{"v":3.4,"d":"$3.4"},{"v":89.76,"d":"$90"}]
[{"$f":"IF(F1027<>\"\",1+MAX($A$6:A1026),\"\")","v":424},null,"Continuous Fire stopping Sealant",96,{"v":0.1,"d":"10%"},{"v":105.60000000000001,"d":"106"},"LF",{"v":1.9,"d":"$1.9"},{"v":200.64000000000001,"d":"$201"}]
[{"$f":"IF(F1028<>\"\",1+MAX($A$6:A1027),\"\")","v":""},null,""]
[{"$f":"IF(F1029<>\"\",1+MAX($A$6:A1028),\"\")","v":""},null,"Wall Type 6"]
[{"$f":"IF(F1030<>\"\",1+MAX($A$6:A1029),\"\")","v":425},null,"(1) Layer Of  5/8\" Type \"X\" Gypsum Board On One Side",3432,{"v":0.1,"d":"10%"},{"$f":"D1030*(1+E1030)","v":{"v":3775.2000000000003,"d":"3775"}},"SF",{"v":3.3,"d":"$3.3"},{"$f":"H1030*F1030","v":{"v":12458.16,"d":"$12,458"}}]
[{"$f":"IF(F1031<>\"\",1+MAX($A$6:A1030),\"\")","v":""},null,"Dry Wall Screws(Ea.)",5148]
[{"$f":"IF(F1032<>\"\",1+MAX($A$6:A1031),\"\")","v":""},null,"Tapping (Lf.)",1501.5]
[{"$f":"IF(F1033<>\"\",1+MAX($A$6:A1032),\"\")","v":""},null,"Adhesive (Ea.)",107.25]
[{"$f":"IF(F1034<>\"\",1+MAX($A$6:A1033),\"\")","v":""},null,"Number Of Sheets (Size=4'X8')(Ea.)",107.25]
[{"$f":"IF(F1035<>\"\",1+MAX($A$6:A1034),\"\")","v":""},null,""]
[{"$f":"IF(F1036<>\"\",1+MAX($A$6:A1035),\"\")","v":426},null,"3\" Thick (R-15) Mold Resistant Rigid Insulation",3432,{"v":0.1,"d":"10%"},{"$f":"D1036*(1+E1036)","v":{"v":3775.2000000000003,"d":"3775"}},"SF",{"v":2.5,"d":"$2.5"},{"$f":"H1036*F1036","v":{"v":9438,"d":"$9,438"}}]
[{"$f":"IF(F1037<>\"\",1+MAX($A$6:A1036),\"\")","v":427},null,"Vapor Barrier",3432,{"v":0.1,"d":"10%"},{"v":3775.2000000000003,"d":"3775"},"SF",{"v":1.2,"d":"$1.2"},{"v":4530.24,"d":"$4,530"}]
[{"$f":"IF(F1038<>\"\",1+MAX($A$6:A1037),\"\")","v":428},null,"3-5/8\" Galvanized 20 Guage Metal Studs @ 16\" O.C",3432,{"v":0.1,"d":"10%"},{"v":3775.2000000000003,"d":"3775"},"SF",{"v":8.9,"d":"$8.9"},{"v":33599.280000000006,"d":"$33,599"}]
[{"$f":"IF(F1039<>\"\",1+MAX($A$6:A1038),\"\")","v":429},null,"3-5/8\" Galvanized 20 Guage Metal Slip Track Runner",616,{"v":0.1,"d":"10%"},{"v":677.6,"d":"678"},"LF",{"v":14.3,"d":"$14.3"},{"v":9689.68,"d":"$9,690"}]
[{"$f":"IF(F1040<>\"\",1+MAX($A$6:A1039),\"\")","v":430},null,"Continuous Fire stopping Sealant",616,{"v":0.1,"d":"10%"},{"v":677.6,"d":"678"},"LF",{"v":1.9,"d":"$1.9"},{"v":1287.44,"d":"$1,287"}]
[{"$f":"IF(F1041<>\"\",1+MAX($A$6:A1040),\"\")","v":""},null,""]
[{"$f":"IF(F1042<>\"\",1+MAX($A$6:A1041),\"\")","v":""},null,"Wall Type 6A"]
[{"$f":"IF(F1043<>\"\",1+MAX($A$6:A1042),\"\")","v":431},null,"(1) Layer Of  1/2\" Moisture Resistant Gypsum Board On One Side",373,{"v":0.1,"d":"10%"},{"$f":"D1043*(1+E1043)","v":{"v":410.3,"d":"410"}},"SF",{"v":3.4,"d":"$3.4"},{"$f":"H1043*F1043","v":{"v":1395.02,"d":"$1,395"}}]
[{"$f":"IF(F1044<>\"\",1+MAX($A$6:A1043),\"\")","v":""},null,"Dry Wall Screws(Ea.)",559.5]
[{"$f":"IF(F1045<>\"\",1+MAX($A$6:A1044),\"\")","v":""},null,"Tapping (Lf.)",163.1875]
[{"$f":"IF(F1046<>\"\",1+MAX($A$6:A1045),\"\")","v":""},null,"Adhesive (Ea.)",11.65625]
[{"$f":"IF(F1047<>\"\",1+MAX($A$6:A1046),\"\")","v":""},null,"Number Of Sheets (Size=4'X8')(Ea.)",11.65625]
[{"$f":"IF(F1048<>\"\",1+MAX($A$6:A1047),\"\")","v":""},null,""]
[{"$f":"IF(F1049<>\"\",1+MAX($A$6:A1048),\"\")","v":432},null,"2\"X4\" Wood Studs @ 16\" O.C",373,{"v":0.1,"d":"10%"},{"$f":"D1049*(1+E1049)","v":{"v":410.3,"d":"410"}},"SF",{"v":2.5,"d":"$2.5"},{"$f":"H1049*F1049","v":{"v":1025.75,"d":"$1,026"}}]
[{"$f":"IF(F1050<>\"\",1+MAX($A$6:A1049),\"\")","v":433},null,"2\"X4\" Wood Top Runner",68,{"v":0.1,"d":"10%"},{"v":74.80000000000001,"d":"75"},"LF",{"v":3.4,"d":"$3.4"},{"v":254.32000000000002,"d":"$254"}]
[{"$f":"IF(F1051<>\"\",1+MAX($A$6:A1050),\"\")","v":434},null,"2\"X4\" Wood Bottom Runner",34,{"v":0.1,"d":"10%"},{"v":37.400000000000006,"d":"37"},"LF",{"v":3.4,"d":"$3.4"},{"v":127.16000000000001,"d":"$127"}]
[{"$f":"IF(F1052<>\"\",1+MAX($A$6:A1051),\"\")","v":435},null,"Continuous Fire stopping Sealant",68,{"v":0.1,"d":"10%"},{"v":74.80000000000001,"d":"75"},"LF",{"v":1.9,"d":"$1.9"},{"v":142.12,"d":"$142"}]
[null,null,""]
[null,null,"Ceiling Materials"]
[{"$f":"IF(F1055<>\"\",1+MAX($A$6:A1054),\"\")","v":""},null,""]
[{"$f":"IF(F1056<>\"\",1+MAX($A$6:A1055),\"\")","v":""},null,"Basement"]
[{"$f":"IF(F1057<>\"\",1+MAX($A$6:A1056),\"\")","v":436},null,"Gypsum Board Ceiling ",5220,{"v":0.1,"d":"10%"},{"$f":"D1057*(1+E1057)","v":{"v":5742.000000000001,"d":"5742"}},"SF",{"v":3.4,"d":"$3.4"},{"$f":"H1057*F1057","v":{"v":19522.800000000003,"d":"$19,523"}}]
[{"$f":"IF(F1058<>\"\",1+MAX($A$6:A1057),\"\")","v":437},null,"2 Hr. Fire Rated Ceiling System - Ul Des. No. D504 ",256,{"v":0.1,"d":"10%"},{"v":281.6,"d":"282"},"SF",{"v":3.5,"d":"$3.5"},{"v":985.6000000000001,"d":"$986"}]
[{"$f":"IF(F1059<>\"\",1+MAX($A$6:A1058),\"\")","v":""},null,""]
[{"$f":"IF(F1060<>\"\",1+MAX($A$6:A1059),\"\")","v":""},null,"First Floor"]
[{"$f":"IF(F1061<>\"\",1+MAX($A$6:A1060),\"\")","v":438},null,"Gypsum Board Ceiling ",4131,{"v":0.1,"d":"10%"},{"$f":"D1061*(1+E1061)","v":{"v":4544.1,"d":"4544"}},"SF",{"v":3.4,"d":"$3.4"},{"$f":"H1061*F1061","v":{"v":15449.94,"d":"$15,450"}}]
[{"$f":"IF(F1062<>\"\",1+MAX($A$6:A1061),\"\")","v":""},null,""]
[{"$f":"IF(F1063<>\"\",1+MAX($A$6:A1062),\"\")","v":""},null,"Second Floor"]
[{"$f":"IF(F1064<>\"\",1+MAX($A$6:A1063),\"\")","v":439},null,"Acoustical Ceiling Tile (Size=2'-0\"x2'-0\", Lay in Tile Froast Climaplus By U.S.G. With DXL or SDXL Suspension System)",534,{"v":0.1,"d":"10%"},{"$f":"D1064*(1+E1064)","v":{"v":587.4000000000001,"d":"587"}},"SF",{"v":5.4,"d":"$5.4"},{"$f":"H1064*F1064","v":{"v":3171.9600000000005,"d":"$3,172"}}]
[{"$f":"IF(F1065<>\"\",1+MAX($A$6:A1064),\"\")","v":440},null,"Gypsum Board Ceiling (Total)",3393,{"v":0.1,"d":"10%"},{"$f":"D1065*(1+E1065)","v":{"v":3732.3,"d":"3732"}},"SF",{"v":3.4,"d":"$3.4"},{"$f":"H1065*F1065","v":{"v":12689.82,"d":"$12,690"}}]
[{"$f":"IF(F1066<>\"\",1+MAX($A$6:A1065),\"\")","v":""},null,"Gypsum Board Ceiling (Common Areas)",289]
[{"$f":"IF(F1067<>\"\",1+MAX($A$6:A1066),\"\")","v":""},null,"Gypsum Board Ceiling (Units)",3104]
[{"$f":"IF(F1068<>\"\",1+MAX($A$6:A1067),\"\")","v":""},null,""]
[{"$f":"IF(F1069<>\"\",1+MAX($A$6:A1068),\"\")","v":""},null,"Third Floor"]
[{"$f":"IF(F1070<>\"\",1+MAX($A$6:A1069),\"\")","v":441},null,"Acoustical Ceiling Tile (Size=2'-0\"x2'-0\", Lay in Tile Froast Climaplus By U.S.G. With DXL or SDXL Suspension System) (Corridor)",534,{"v":0.1,"d":"10%"},{"$f":"D1070*(1+E1070)","v":{"v":587.4000000000001,"d":"587"}},"SF",{"v":5.4,"d":"$5.4"},{"$f":"H1070*F1070","v":{"v":3171.9600000000005,"d":"$3,172"}}]
[{"$f":"IF(F1071<>\"\",1+MAX($A$6:A1070),\"\")","v":442},null,"Gypsum Board Ceiling (Total)",3394,{"v":0.1,"d":"10%"},{"$f":"D1071*(1+E1071)","v":{"v":3733.4,"d":"3733"}},"SF",{"v":3.4,"d":"$3.4"},{"$f":"H1071*F1071","v":{"v":12693.56,"d":"$12,694"}}]
[{"$f":"IF(F1072<>\"\",1+MAX($A$6:A1071),\"\")","v":""},null,"Gypsum Board Ceiling (Common Areas)",262]
[{"$f":"IF(F1073<>\"\",1+MAX($A$6:A1072),\"\")","v":""},null,"Gypsum Board Ceiling (Units)",3132]
[{"$f":"IF(F1074<>\"\",1+MAX($A$6:A1073),\"\")","v":""},null,""]
[{"$f":"IF(F1075<>\"\",1+MAX($A$6:A1074),\"\")","v":""},null,"Fourth Floor"]
[{"$f":"IF(F1076<>\"\",1+MAX($A$6:A1075),\"\")","v":443},null,"Acoustical Ceiling Tile (Size=2'-0\"x2'-0\", Lay in Tile Froast Climaplus By U.S.G. With DXL or SDXL Suspension System) (Corridor)",534,{"v":0.1,"d":"10%"},{"$f":"D1076*(1+E1076)","v":{"v":587.4000000000001,"d":"587"}},"SF",{"v":5.4,"d":"$5.4"},{"$f":"H1076*F1076","v":{"v":3171.9600000000005,"d":"$3,172"}}]
[{"$f":"IF(F1077<>\"\",1+MAX($A$6:A1076),\"\")","v":444},null,"Gypsum Board Ceiling (Total)",3394,{"v":0.1,"d":"10%"},{"$f":"D1077*(1+E1077)","v":{"v":3733.4,"d":"3733"}},"SF",{"v":3.4,"d":"$3.4"},{"$f":"H1077*F1077","v":{"v":12693.56,"d":"$12,694"}}]
[{"$f":"IF(F1078<>\"\",1+MAX($A$6:A1077),\"\")","v":""},null,"Gypsum Board Ceiling (Common Areas)",262]
[{"$f":"IF(F1079<>\"\",1+MAX($A$6:A1078),\"\")","v":""},null,"Gypsum Board Ceiling (Units)",3132]
[{"$f":"IF(F1080<>\"\",1+MAX($A$6:A1079),\"\")","v":""},null,""]
[{"$f":"IF(F1081<>\"\",1+MAX($A$6:A1080),\"\")","v":""},null,"Fifth Floor"]
[{"$f":"IF(F1082<>\"\",1+MAX($A$6:A1081),\"\")","v":445},null,"Acoustical Ceiling Tile (Size=2'-0\"x2'-0\", Lay in Tile Froast Climaplus By U.S.G. With DXL or SDXL Suspension System) (Corridor)",534,{"v":0.1,"d":"10%"},{"$f":"D1082*(1+E1082)","v":{"v":587.4000000000001,"d":"587"}},"SF",{"v":5.4,"d":"$5.4"},{"$f":"H1082*F1082","v":{"v":3171.9600000000005,"d":"$3,172"}}]
[{"$f":"IF(F1083<>\"\",1+MAX($A$6:A1082),\"\")","v":446},null,"Gypsum Board Ceiling (Total)",3394,{"v":0.1,"d":"10%"},{"$f":"D1083*(1+E1083)","v":{"v":3733.4,"d":"3733"}},"SF",{"v":3.4,"d":"$3.4"},{"$f":"H1083*F1083","v":{"v":12693.56,"d":"$12,694"}}]
[{"$f":"IF(F1084<>\"\",1+MAX($A$6:A1083),\"\")","v":""},null,"Gypsum Board Ceiling (Common Areas)",262]
[{"$f":"IF(F1085<>\"\",1+MAX($A$6:A1084),\"\")","v":""},null,"Gypsum Board Ceiling (Units)",3132]
[{"$f":"IF(F1086<>\"\",1+MAX($A$6:A1085),\"\")","v":""},null,""]
[{"$f":"IF(F1087<>\"\",1+MAX($A$6:A1086),\"\")","v":""},null,"Sixth Floor"]
[{"$f":"IF(F1088<>\"\",1+MAX($A$6:A1087),\"\")","v":447},null,"Acoustical Ceiling Tile (Size=2'-0\"x2'-0\", Lay in Tile Froast Climaplus By U.S.G. With DXL or SDXL Suspension System) (Corridor)",534,{"v":0.1,"d":"10%"},{"$f":"D1088*(1+E1088)","v":{"v":587.4000000000001,"d":"587"}},"SF",{"v":5.4,"d":"$5.4"},{"$f":"H1088*F1088","v":{"v":3171.9600000000005,"d":"$3,172"}}]
[{"$f":"IF(F1089<>\"\",1+MAX($A$6:A1088),\"\")","v":448},null,"Gypsum Board Ceiling (Total)",3394,{"v":0.1,"d":"10%"},{"$f":"D1089*(1+E1089)","v":{"v":3733.4,"d":"3733"}},"SF",{"v":3.4,"d":"$3.4"},{"$f":"H1089*F1089","v":{"v":12693.56,"d":"$12,694"}}]
[{"$f":"IF(F1090<>\"\",1+MAX($A$6:A1089),\"\")","v":""},null,"Gypsum Board Ceiling (Common Areas)",262]
[{"$f":"IF(F1091<>\"\",1+MAX($A$6:A1090),\"\")","v":""},null,"Gypsum Board Ceiling (Units)",3132]
[{"$f":"IF(F1092<>\"\",1+MAX($A$6:A1091),\"\")","v":""}]
["SUB TOTAL",{"$nulls":8},{"$f":"SUM(J6:J1092)","v":{"v":1369167.3160000006,"d":"$1,369,167.3"}}]
["OVERHEAD",null,null,{"v":0.09,"d":"9%"},{"$nulls":5},{"$f":"J1093*D1094","v":{"v":123225.05844000005,"d":"$123,225.1"}}]
["PROFIT",null,null,{"v":0.08,"d":"8%"},{"$nulls":5},{"$f":"J1093*D1095","v":{"v":109533.38528000005,"d":"$109,533.4"}}]
["INSURANCE",null,null,{"v":0.05,"d":"5%"},{"$nulls":5},{"$f":"J1093*D1096","v":{"v":68458.36580000003,"d":"$68,458.4"}}]
["CONTINGENCY",null,null,{"v":0.03,"d":"3%"},{"$nulls":5},{"$f":"J1093*D1097","v":{"v":41075.01948000002,"d":"$41,075.0"}}]
["TOTAL BID",{"$nulls":8},{"$f":"SUM(J1093:J1097)","v":{"v":1711459.1450000007,"d":"$1,711,459.1"}}]

{"sheet":"Sheet2","index":3,"n_rows":42,"n_cols":3,"rows_kept":42,"hidden":true}
[null,"DP01 DEMO (E) STAIR AND LANDING, PATCH AND REPAIRE ADJACENT WALL.","DEMOLITION"]
[null,"DP02 DEMO (E) WALL, PATCH AND REPAIR ADJACENT AREA."]
[null,"DP03 DEMO (E) WALL FOR NEW DOOR/ GATE OPENING."]
[null,"DP04 DEMO (E) WALL ABOVE (N) ADA PARKING STALL AREA TO RECEIVE (N) SLAB, PATCH AND REPAIR ADJACENT AREA."]
[null,"DP05 DEMO (E) CHAINLINK FENCE."]
[null,"DP06 DEMO (E) FLOOR SLAB FOR NEW PLUMBING TRENCH AND PIPES,\nPATCH AND REPAIR ADJACENT AREA."]
[null,"DP07 DEMO (E) DOOR, INFILL OPENING, PATCH AND REPAIRE ADJACENT\nWALL."]
[null,"DP08 DEMO (E) FLOOR SLAB."]
[null,"DP09 DEMO (E) ABOVE AND BELOW GRADE STRUCTURE AND FOUNDATION\nON SITE, SEE GENERAL NOTES FOR DETAILS."]
[null,"DP11 REMOVER (E) PARKING STRIP FOR RE-STRIPING."]
[null,"DP22 DEMO (E) PLASTER FENCE WALL AND GATE AT (E) TRANSFORMER."]
[null,"DP23 DEMO (E) TRANSFORER PAD AND FLOOR SLAB; SEE ELEC. AND ST.DWGS."]
[null,"DP24 DEMO (E) WOOD FENCE, TYP."]
[null,"DP25 DEMO (E) EXISTING CURB CUT, GUTTER AND AC PAVER. SEE CIVIL\nDWGS."]
[null,"DP26 (E) CMU WALL TO REMAIN. REMOVE (E) WOOD FENCE (WHERE\nOCCURS) AND PREPARE FOR EXTENSION OF (E) CMU WALL."]
[null,"SP02 REMOVE EXISTING CURB CUT, PATCH AND REPAIR TO MATCH ADJACENT."]
[]
[null,"EL01 CUSTOM DECORATIVE STEEL SCREEN PANELS W/ VARYING DENSITY PATTERN, PAINTED FINISH - COLOR TBD, SEE SHEET A9.4 FOR MORE INFO.","EXTERIOR FINISHES"]
[null,"EL02 WHITE CORRUGATED METAL RAIN SCREEN, KYNAR FINISH,\nPERFORATION/PATTERN TBD, SEE SHEET A9.5 FOR MORE INFO."]
[null,"EL03 VERTICAL STANDING SEAM METAL PANEL SYSTEM RHEINZINK OR\nPAINTED FACTORY FINISH - COLOR TBD"]
[null,"EL04 WINDOW WITH DECORATIVE METAL PANEL W/ FACTORY FINISH,\nCONTRASTING COLOR TBD"]
[null,"EL06 WINDOW SYSTEM W/ FACTORY APPLIED KYNAR FINISH, COLOR T.B.D. SEE SHEET A9.3 FOR MORE INFO."]
[null,"EL07 MECH. LOUVER INTERGRATED WITH (CURTAIN WALL) WINDOW SYSTEM W/ FACTORY APPLIED KYNAR FINISHE, COLOR TO MATCH WINODW FRAME."]
[null,"EL08 CANOPY WITIH METAL CLADDING PANEL WITH FACTORY APPLIED FINISH, COLOR: T.B.D. WITH INTERGRATED LIGHTING FIXTURES."]
[null,"EL09 CONCRETE PARAPET WALL WITH INTERGRATED LIGHTING FIXTURES WHERE OCCURS, SEE ELEC. DRAWING FOR MORE INFO."]
[null,"EL10 GREEN ROOF/ PLANTER, DRAINAGE AND IRRIGATION SYSTEM RAISED OVER WATERPROOFED CAST IN PLACE CONCRETE SLAB"]
[null,"EL15 PAINTED HOLLOW METAL DOOR, COLOR: T.B.D. SEE SHEET A9.1 FOR MORE INFO."]
[null,"EL16 GREEN WALL/PUBLIC ART PROJECT"]
[null,"EL17 CUSTOM DECORATIVE STEEL SCREEN PANELS, PAINTED FINISH - COLOR TBD"]
[null,"EL18 ELEVATOR DOORS STAINLESS STEEL ELEVATOR DOORS AND FRAMES"]
[null,"EL19 CAST IN PLACE CONCRETE STAIRS"]
[null,"EL26 GREEN WALL WITH IRRIGATION SYSTEM AND SUBFRAME SYSTEM"]
[null,"EL27 MECH. LOUVER W/ FACTORY APPLIED KYNAR FINISHE, COLOR: T.B.D.SEE A9.3 & MECH. DRAWING FOR MORE INFO."]
[null,"EL31 OUTDOOR SEATING AREA WITH DECORATIVE METAL RAIL (FINISH: T.B.D.) AND PLANTER."]
[null,"EL32 SOUTH ALLEY CONTROL GATE WITH PANIC HARDWARE AND CLOSER."]
[null,"EL34 ACCESS PANEL."]
[null,"EL35 BACK LIT METAL BUILDING SIGNAGE."]
[]
[null,"EP02 DECORATIVE ALUMINUM SCREEN WALL WITH FACTORY APPLIED FINISH. COLOR: T.B.D. SEE A9.4 FOR PAN EL SCHEDULE","MISC"]
[null,"EP06 COMBINATION PIPE GUARDRAIL WITH 36\" HIGH HANDRAIL. END OF HANDRAIL EXTENSIONRETURN TO GUARD"]
[null,"EP07 GLASS GUARDRAIL"]
[null,"EP09 36\" HIGH PIPE HANDRAIL, WALLMOUNTED"]